Pays codés par décalage - Aléatoire - Statistiques

Statistiques générales
  • Ce quiz a été pris 50 fois
  • Le résultat moyen est 9 sur 20
Statistiques - réponses
Décalage Code Pays % Correct
+2 YDEFYLGQRYL Afghanistan
100%
+10 QVHYGKUTKIKT Afrique du Sud
100%
+5 VGWVIDZ Albanie
100%
-3 DOJHULH Algérie
100%
+6 UFFYGUAHY Allemagne
100%
-7 HUKVYYL Andorre
100%
+10 QDTEHHU Andorre
100%
+10 QDJYWKQUJRQHRKTQ Antigua-et-Barbuda
100%
-6 GXGHOKYGUAJOZK Arabie Saoudite
100%
+12 OFUSBHWBS Argentine
100%
-2 CWUVTCNKG Australie
100%
+1 ZTRSQZKHD Australie
100%
+12 OIHFWQVS Autriche
100%
+2 YSRPGAFC Autriche
100%
-1 CBISFJO Bahreïn
100%
-10 LKRBOSX Bahreïn
100%
+11 QPGQPST Barbade
100%
-1 CJFMPSVTTJF Biélorussie
100%
+10 RYUBEHKIIYU Biélorussie
100%
+4 XEAHKNQOOEA Biélorussie
100%
+1 ANSRVZMZ Botswana
100%
13 OERFVY Brésil
100%
+12 PFSGWZ Brésil
100%
+4 YWIANKQJ Cameroun
100%
+7 VABEB Chili
100%
+3 ZEFIF Chili
100%
-1 DIZQSF Chypre
100%
-5 HTQTRGNJ Colombie
100%
+12 QCACFSG Comores
100%
-1 DPSFFEVTVE Corée du Sud
100%
+10 SEIJQHYSQ Costa Rica
100%
+1 BNRSZQHBZ Costa Rica
100%
-3 FRWHGLYRLUH Côte d'Ivoire
100%
+7 VHMXWBOHBKX Côte d'Ivoire
100%
-5 HZGF Cuba
100%
-10 MELK Cuba
100%
+2 ASZY Cuba
100%
-7 KHULTHYR Danemark
100%
+10 UWOFJU Égypte
100%
-7 LTPYHAZHYHILZBUPZ Émirats Arabes Unis
100%
+4 AIENWPOWNWXAOQJEO Émirats Arabes Unis
100%
+12 SFMHVFSS Érythrée
100%
+7 XMTMLNGBL États-Unis
100%
-3 JDERQ Gabon
100%
+3 DXJYFB Gambie
100%
-2 ITGEG Grèce
100%
-1 HSFOBEF Grenade
100%
+9 XIVERUV Grenade
100%
+12 VCBUFWS Hongrie
100%
-3 LUDN Irak
100%
+9 ZJCREUV Islande
100%
-10 TKWKSAEO Jamaïque
100%
+6 DUGUCKOY Jamaïque
100%
+11 YPEDC Japon
100%
-5 OTWIFSNJ Jordanie
100%
+1 INQCZMHD Jordanie
100%
+3 HFODEFWFPQXK Kirghizistan
100%
+9 BZIZSRKZ Kiribati
100%
-6 QUYUBU Kosovo
100%
+4 GKOKRK Kosovo
100%
-10 VKYC Laos
100%
+2 JCQMRFM Lesotho
100%
13 YVONA Liban
100%
+3 IFQRXKFB Lituanie
100%
-6 RADKSHUAXM Luxembourg
100%
+4 IWZWCWOYWN Madagascar
100%
-12 YMXMUEUQ Malaisie
100%
+4 IWHZERAO Maldives
100%
+11 BPAIT Malte
100%
+8 ESDLW Malte
100%
+7 FTKHV Maroc
100%
+1 LNMZBN Monaco
100%
+12 ACBHSBSUFC Monténégro
100%
-9 VXIJVKRZDN Mozambique
100%
+5 HJUVHWDLPZ Mozambique
100%
-12 ZUOMDMSGM Nicaragua
100%
+9 EFIMVXV Norvège
100%
+10 ECQD Oman
100%
+4 KIWJ Oman
100%
-5 TZLFSIF Ouganda
100%
+3 LRWYBHFPQXK Ouzbékistan
100%
+2 NYIGQRYL Pakistan
100%
+11 EPEDJPHXTCDJKTAATVJXCTT Papouasie-Nouvelle-Guinée
100%
+4 LANKQ Pérou
100%
+10 HUFKRBYGKUSUDJHQVHYSQYDU République Centrafricaine
100%
+5 MZKPWGDLPZXZIOMVAMDXVDIZ République Centrafricaine
100%
+3 OBMRYIFNRBZBKQOXCOFZXFKB République Centrafricaine
100%
+5 MZKPWGDLPZYZHJXMVODLPZYPXJIBJ République Démocratique du Congo
100%
-4 VSCEYQIYRM Royaume-Uni
100%
-5 WBFSIF Rwanda
100%
+12 GOWBHQVFWGHCDVSSHBWSJSG Saint-Christophe-et-Niévès
100%
+10 IQYDJSXHYIJEFXUUJDYULUI Saint-Christophe-et-Niévès
100%
-3 VDLQWHOXFLH Sainte-Lucie
100%
+4 OWEJPAHQYEA Sainte-Lucie
100%
-7 ZHPUACPUJLUALASLZNYLUHKPULZ Saint-Vincent-et-les-Grenadines
100%
+1 RZHMSUHMBDMSDSKDRFQDMZCHMDR Saint-Vincent-et-les-Grenadines
100%
+2 QYKMY Samoa
100%
-3 VDRWRPHHWSULQFLSH São Tomé-et-Principe
100%
+6 MYHYAUF Sénégal
100%
+1 RDQAHD Serbie
100%
+6 MCYLLUFYIHY Sierra Leone
100%
-1 TMPWBRVJF Slovaquie
100%
+8 KGMVSFVMKMV Soudan du Sud
100%
-3 VXLVVH Suisse
100%
+4 OQEOOA Suisse
100%
+2 QSGQQC Suisse
100%
-1 UPOHB Tonga
100%
+4 PKJCW Tonga
100%
-4 XVMRMXIIXXSFEKS Trinité-et-Tobago
100%
-4 ZIRIDYIPE Venezuela
100%
+9 MVEVQLVCR Venezuela
100%
+5 QDZOIVH Viêt Nam
100%
+11 OPBQXT Zambie
100%
+10 PQCRYU Zambie
100%
-7 IVSPCPL Bolivie
50%
+7 XMABHIBX Éthiopie
50%
+2 EYKZGC Gambie
50%
+7 FHGMXGXZKH Monténégro
50%
-1 BGHIBOJTUBO Afghanistan
0%
-2 CHIJCPKUVCP Afghanistan
0%
-3 DIJKDQLVWDQ Afghanistan
0%
-3 EJKLERMWXER Afghanistan
0%
-5 FKLMFSNXYFS Afghanistan
0%
-6 GLMNGTOYZGT Afghanistan
0%
-7 HMNOHUPZAHU Afghanistan
0%
-8 INOPIVQABIV Afghanistan
0%
-9 JOPQJWRBCJW Afghanistan
0%
-10 KPQRKXSCDKX Afghanistan
0%
-11 LQRSLYTDELY Afghanistan
0%
-12 MRSTMZUEFMZ Afghanistan
0%
13 NSTUNAVFGNA Afghanistan
0%
+12 OTUVOBWGHOB Afghanistan
0%
+11 PUVWPCXHIPC Afghanistan
0%
+10 QVWXQDYIJQD Afghanistan
0%
+9 RWXYREZJKRE Afghanistan
0%
+8 SXYZSFAKLSF Afghanistan
0%
+7 TYZATGBLMTG Afghanistan
0%
+6 UZABUHCMNUH Afghanistan
0%
+5 VABCVIDNOVI Afghanistan
0%
+4 WBCDWJEOPWJ Afghanistan
0%
+3 XCDEXKFPQXK Afghanistan
0%
+1 ZEFGZMHRSZM Afghanistan
0%
-1 BGSJRVFEVTVE Afrique du Sud
0%
-2 CHTKSWGFWUWF Afrique du Sud
0%
-3 DIULTXHGXVXG Afrique du Sud
0%
-4 EJVMUYIHYWYH Afrique du Sud
0%
-5 FKWNVZJIZXZI Afrique du Sud
0%
-6 GLXOWAKJAYAJ Afrique du Sud
0%
-7 HMYPXBLKBZBK Afrique du Sud
0%
-8 INZQYCMLCACL Afrique du Sud
0%
-9 JOARZDNMDBDM Afrique du Sud
0%
-10 KPBSAEONECEN Afrique du Sud
0%
-11 LQCTBFPOFDFO Afrique du Sud
0%
-12 MRDUCGQPGEGP Afrique du Sud
0%
13 NSEVDHRQHFHQ Afrique du Sud
0%
+12 OTFWEISRIGIR Afrique du Sud
0%
+11 PUGXFJTSJHJS Afrique du Sud
0%
+9 RWIZHLVULJLU Afrique du Sud
0%
+8 SXJAIMWVMKMV Afrique du Sud
0%
+7 TYKBJNXWNLNW Afrique du Sud
0%
+6 UZLCKOYXOMOX Afrique du Sud
0%
+5 VAMDLPZYPNPY Afrique du Sud
0%
+4 WBNEMQAZQOQZ Afrique du Sud
0%
+3 XCOFNRBARPRA Afrique du Sud
0%
+2 YDPGOSCBSQSB Afrique du Sud
0%
+1 ZEQHPTDCTRTC Afrique du Sud
0%
-1 BMCBOJF Albanie
0%
-2 CNDCPKG Albanie
0%
-3 DOEDQLH Albanie
0%
-4 EPFERMI Albanie
0%
-5 FQGFSNJ Albanie
0%
-6 GRHGTOK Albanie
0%
-7 HSIHUPL Albanie
0%
-8 ITJIVQM Albanie
0%
-9 JUKJWRN Albanie
0%
-10 KVLKXSO Albanie
0%
-11 LWMLYTP Albanie
0%
-12 MXNMZUQ Albanie
0%
13 NYONAVR Albanie
0%
+12 OZPOBWS Albanie
0%
+11 PAQPCXT Albanie
0%
+10 QBRQDYU Albanie
0%
+9 RCSREZV Albanie
0%
+8 SDTSFAW Albanie
0%
+7 TEUTGBX Albanie
0%
+6 UFVUHCY Albanie
0%
+4 WHXWJEA Albanie
0%
+3 XIYXKFB Albanie
0%
+2 YJZYLGC Albanie
0%
+1 ZKAZMHD Albanie
0%
-1 BMHFSJF Algérie
0%
-2 CNIGTKG Algérie
0%
-4 EPKIVMI Algérie
0%
-5 FQLJWNJ Algérie
0%
-6 GRMKXOK Algérie
0%
-7 HSNLYPL Algérie
0%
-8 ITOMZQM Algérie
0%
-9 JUPNARN Algérie
0%
-10 KVQOBSO Algérie
0%
-11 LWRPCTP Algérie
0%
-12 MXSQDUQ Algérie
0%
13 NYTREVR Algérie
0%
+12 OZUSFWS Algérie
0%
+11 PAVTGXT Algérie
0%
+10 QBWUHYU Algérie
0%
+9 RCXVIZV Algérie
0%
+8 SDYWJAW Algérie
0%
+7 TEZXKBX Algérie
0%
+6 UFAYLCY Algérie
0%
+5 VGBZMDZ Algérie
0%
+4 WHCANEA Algérie
0%
+3 XIDBOFB Algérie
0%
+2 YJECPGC Algérie
0%
+1 ZKFDQHD Algérie
0%
-1 BMMFNBHOF Allemagne
0%
-2 CNNGOCIPG Allemagne
0%
-3 DOOHPDJQH Allemagne
0%
-4 EPPIQEKRI Allemagne
0%
-5 FQQJRFLSJ Allemagne
0%
-6 GRRKSGMTK Allemagne
0%
-7 HSSLTHNUL Allemagne
0%
-8 ITTMUIOVM Allemagne
0%
-9 JUUNVJPWN Allemagne
0%
-10 KVVOWKQXO Allemagne
0%
-11 LWWPXLRYP Allemagne
0%
-12 MXXQYMSZQ Allemagne
0%
13 NYYRZNTAR Allemagne
0%
+12 OZZSAOUBS Allemagne
0%
+11 PAATBPVCT Allemagne
0%
+10 QBBUCQWDU Allemagne
0%
+9 RCCVDRXEV Allemagne
0%
+8 SDDWESYFW Allemagne
0%
+7 TEEXFTZGX Allemagne
0%
+5 VGGZHVBIZ Allemagne
0%
+4 WHHAIWCJA Allemagne
0%
+3 XIIBJXDKB Allemagne
0%
+2 YJJCKYELC Allemagne
0%
+1 ZKKDLZFMD Allemagne
0%
-1 BOEPSSF Andorre
0%
-2 CPFQTTG Andorre
0%
-3 DQGRUUH Andorre
0%
-4 ERHSVVI Andorre
0%
-5 FSITWWJ Andorre
0%
-6 GTJUXXK Andorre
0%
-8 IVLWZZM Andorre
0%
-9 JWMXAAN Andorre
0%
-10 KXNYBBO Andorre
0%
-11 LYOZCCP Andorre
0%
-12 MZPADDQ Andorre
0%
13 NAQBEER Andorre
0%
+12 OBRCFFS Andorre
0%
+11 PCSDGGT Andorre
0%
+9 REUFIIV Andorre
0%
+8 SFVGJJW Andorre
0%
+7 TGWHKKX Andorre
0%
+6 UHXILLY Andorre
0%
+5 VIYJMMZ Andorre
0%
+4 WJZKNNA Andorre
0%
+3 XKALOOB Andorre
0%
+2 YLBMPPC Andorre
0%
+1 ZMCNQQD Andorre
0%
-1 BOHPMB Angola
0%
-2 CPIQNC Angola
0%
-3 DQJROD Angola
0%
-4 ERKSPE Angola
0%
-5 FSLTQF Angola
0%
-6 GTMURG Angola
0%
-7 HUNVSH Angola
0%
-8 IVOWTI Angola
0%
-9 JWPXUJ Angola
0%
-10 KXQYVK Angola
0%
-11 LYRZWL Angola
0%
-12 MZSAXM Angola
0%
13 NATBYN Angola
0%
+12 OBUCZO Angola
0%
+11 PCVDAP Angola
0%
+10 QDWEBQ Angola
0%
+9 REXFCR Angola
0%
+8 SFYGDS Angola
0%
+7 TGZHET Angola
0%
+6 UHAIFU Angola
0%
+5 VIBJGV Angola
0%
+4 WJCKHW Angola
0%
+3 XKDLIX Angola
0%
+2 YLEMJY Angola
0%
+1 ZMFNKZ Angola
0%
-1 BOUJHVBFUCBSCVEB Antigua-et-Barbuda
0%
-2 CPVKIWCGVDCTDWFC Antigua-et-Barbuda
0%
-3 DQWLJXDHWEDUEXGD Antigua-et-Barbuda
0%
-4 ERXMKYEIXFEVFYHE Antigua-et-Barbuda
0%
-5 FSYNLZFJYGFWGZIF Antigua-et-Barbuda
0%
-6 GTZOMAGKZHGXHAJG Antigua-et-Barbuda
0%
-7 HUAPNBHLAIHYIBKH Antigua-et-Barbuda
0%
-8 IVBQOCIMBJIZJCLI Antigua-et-Barbuda
0%
-9 JWCRPDJNCKJAKDMJ Antigua-et-Barbuda
0%
-10 KXDSQEKODLKBLENK Antigua-et-Barbuda
0%
-11 LYETRFLPEMLCMFOL Antigua-et-Barbuda
0%
-12 MZFUSGMQFNMDNGPM Antigua-et-Barbuda
0%
13 NAGVTHNRGONEOHQN Antigua-et-Barbuda
0%
+12 OBHWUIOSHPOFPIRO Antigua-et-Barbuda
0%
+11 PCIXVJPTIQPGQJSP Antigua-et-Barbuda
0%
+9 REKZXLRVKSRISLUR Antigua-et-Barbuda
0%
+8 SFLAYMSWLTSJTMVS Antigua-et-Barbuda
0%
+7 TGMBZNTXMUTKUNWT Antigua-et-Barbuda
0%
+6 UHNCAOUYNVULVOXU Antigua-et-Barbuda
0%
+5 VIODBPVZOWVMWPYV Antigua-et-Barbuda
0%
+4 WJPECQWAPXWNXQZW Antigua-et-Barbuda
0%
+3 XKQFDRXBQYXOYRAX Antigua-et-Barbuda
0%
+2 YLRGESYCRZYPZSBY Antigua-et-Barbuda
0%
+1 ZMSHFTZDSAZQATCZ Antigua-et-Barbuda
0%
-1 BSBCJFTBPVEJUF Arabie Saoudite
0%
-2 CTCDKGUCQWFKVG Arabie Saoudite
0%
-3 DUDELHVDRXGLWH Arabie Saoudite
0%
-4 EVEFMIWESYHMXI Arabie Saoudite
0%
-5 FWFGNJXFTZINYJ Arabie Saoudite
0%
-7 HYHIPLZHVBKPAL Arabie Saoudite
0%
-8 IZIJQMAIWCLQBM Arabie Saoudite
0%
-9 JAJKRNBJXDMRCN Arabie Saoudite
0%
-10 KBKLSOCKYENSDO Arabie Saoudite
0%
-11 LCLMTPDLZFOTEP Arabie Saoudite
0%
-12 MDMNUQEMAGPUFQ Arabie Saoudite
0%
13 NENOVRFNBHQVGR Arabie Saoudite
0%
+12 OFOPWSGOCIRWHS Arabie Saoudite
0%
+11 PGPQXTHPDJSXIT Arabie Saoudite
0%
+10 QHQRYUIQEKTYJU Arabie Saoudite
0%
+9 RIRSZVJRFLUZKV Arabie Saoudite
0%
+8 SJSTAWKSGMVALW Arabie Saoudite
0%
+7 TKTUBXLTHNWBMX Arabie Saoudite
0%
+6 ULUVCYMUIOXCNY Arabie Saoudite
0%
+5 VMVWDZNVJPYDOZ Arabie Saoudite
0%
+4 WNWXEAOWKQZEPA Arabie Saoudite
0%
+3 XOXYFBPXLRAFQB Arabie Saoudite
0%
+2 YPYZGCQYMSBGRC Arabie Saoudite
0%
+1 ZQZAHDRZNTCHSD Arabie Saoudite
0%
-1 BSHFOUJOF Argentine
0%
-2 CTIGPVKPG Argentine
0%
-3 DUJHQWLQH Argentine
0%
-4 EVKIRXMRI Argentine
0%
-5 FWLJSYNSJ Argentine
0%
-6 GXMKTZOTK Argentine
0%
-7 HYNLUAPUL Argentine
0%
-8 IZOMVBQVM Argentine
0%
-9 JAPNWCRWN Argentine
0%
-10 KBQOXDSXO Argentine
0%
-11 LCRPYETYP Argentine
0%
-12 MDSQZFUZQ Argentine
0%
13 NETRAGVAR Argentine
0%
+11 PGVTCIXCT Argentine
0%
+10 QHWUDJYDU Argentine
0%
+9 RIXVEKZEV Argentine
0%
+8 SJYWFLAFW Argentine
0%
+7 TKZXGMBGX Argentine
0%
+6 ULAYHNCHY Argentine
0%
+5 VMBZIODIZ Argentine
0%
+4 WNCAJPEJA Argentine
0%
+3 XODBKQFKB Argentine
0%
+2 YPECLRGLC Argentine
0%
+1 ZQFDMSHMD Argentine
0%
-1 BSNFOJF Arménie
0%
-2 CTOGPKG Arménie
0%
-3 DUPHQLH Arménie
0%
-4 EVQIRMI Arménie
0%
-5 FWRJSNJ Arménie
0%
-6 GXSKTOK Arménie
0%
-7 HYTLUPL Arménie
0%
-8 IZUMVQM Arménie
0%
-9 JAVNWRN Arménie
0%
-10 KBWOXSO Arménie
0%
-11 LCXPYTP Arménie
0%
-12 MDYQZUQ Arménie
0%
13 NEZRAVR Arménie
0%
+12 OFASBWS Arménie
0%
+11 PGBTCXT Arménie
0%
+10 QHCUDYU Arménie
0%
+9 RIDVEZV Arménie
0%
+8 SJEWFAW Arménie
0%
+7 TKFXGBX Arménie
0%
+6 ULGYHCY Arménie
0%
+5 VMHZIDZ Arménie
0%
+4 WNIAJEA Arménie
0%
+3 XOJBKFB Arménie
0%
+2 YPKCLGC Arménie
0%
+1 ZQLDMHD Arménie
0%
-1 BVTUSBMJF Australie
0%
-3 DXVWUDOLH Australie
0%
-4 EYWXVEPMI Australie
0%
-5 FZXYWFQNJ Australie
0%
-6 GAYZXGROK Australie
0%
-7 HBZAYHSPL Australie
0%
-8 ICABZITQM Australie
0%
-9 JDBCAJURN Australie
0%
-10 KECDBKVSO Australie
0%
-11 LFDECLWTP Australie
0%
-12 MGEFDMXUQ Australie
0%
13 NHFGENYVR Australie
0%
+12 OIGHFOZWS Australie
0%
+11 PJHIGPAXT Australie
0%
+10 QKIJHQBYU Australie
0%
+9 RLJKIRCZV Australie
0%
+8 SMKLJSDAW Australie
0%
+7 TNLMKTEBX Australie
0%
+6 UOMNLUFCY Australie
0%
+5 VPNOMVGDZ Australie
0%
+4 WQOPNWHEA Australie
0%
+3 XRPQOXIFB Australie
0%
+2 YSQRPYJGC Australie
0%
-1 BVUSJDIF Autriche
0%
-2 CWVTKEJG Autriche
0%
-3 DXWULFKH Autriche
0%
-4 EYXVMGLI Autriche
0%
-5 FZYWNHMJ Autriche
0%
-6 GAZXOINK Autriche
0%
-7 HBAYPJOL Autriche
0%
-8 ICBZQKPM Autriche
0%
-9 JDCARLQN Autriche
0%
-10 KEDBSMRO Autriche
0%
-11 LFECTNSP Autriche
0%
-12 MGFDUOTQ Autriche
0%
13 NHGEVPUR Autriche
0%
+11 PJIGXRWT Autriche
0%
+10 QKJHYSXU Autriche
0%
+9 RLKIZTYV Autriche
0%
+8 SMLJAUZW Autriche
0%
+7 TNMKBVAX Autriche
0%
+6 UONLCWBY Autriche
0%
+5 VPOMDXCZ Autriche
0%
+4 WQPNEYDA Autriche
0%
+3 XRQOFZEB Autriche
0%
+1 ZTSQHBGD Autriche
0%
-1 BAFSCBJEKBO Azerbaïdjan
0%
-2 CBGTDCKFLCP Azerbaïdjan
0%
-3 DCHUEDLGMDQ Azerbaïdjan
0%
-4 EDIVFEMHNER Azerbaïdjan
0%
-5 FEJWGFNIOFS Azerbaïdjan
0%
-6 GFKXHGOJPGT Azerbaïdjan
0%
-7 HGLYIHPKQHU Azerbaïdjan
0%
-8 IHMZJIQLRIV Azerbaïdjan
0%
-9 JINAKJRMSJW Azerbaïdjan
0%
-10 KJOBLKSNTKX Azerbaïdjan
0%
-11 LKPCMLTOULY Azerbaïdjan
0%
-12 MLQDNMUPVMZ Azerbaïdjan
0%
13 NMREONVQWNA Azerbaïdjan
0%
+12 ONSFPOWRXOB Azerbaïdjan
0%
+11 POTGQPXSYPC Azerbaïdjan
0%
+10 QPUHRQYTZQD Azerbaïdjan
0%
+9 RQVISRZUARE Azerbaïdjan
0%
+8 SRWJTSAVBSF Azerbaïdjan
0%
+7 TSXKUTBWCTG Azerbaïdjan
0%
+6 UTYLVUCXDUH Azerbaïdjan
0%
+5 VUZMWVDYEVI Azerbaïdjan
0%
+4 WVANXWEZFWJ Azerbaïdjan
0%
+3 XWBOYXFAGXK Azerbaïdjan
0%
+2 YXCPZYGBHYL Azerbaïdjan
0%
+1 ZYDQAZHCIZM Azerbaïdjan
0%
-1 CBIBNBT Bahamas
0%
-2 DCJCOCU Bahamas
0%
-3 EDKDPDV Bahamas
0%
-4 FELEQEW Bahamas
0%
-5 GFMFRFX Bahamas
0%
-6 HGNGSGY Bahamas
0%
-7 IHOHTHZ Bahamas
0%
-8 JIPIUIA Bahamas
0%
-9 KJQJVJB Bahamas
0%
-10 LKRKWKC Bahamas
0%
-11 MLSLXLD Bahamas
0%
-12 NMTMYME Bahamas
0%
13 ONUNZNF Bahamas
0%
+12 POVOAOG Bahamas
0%
+11 QPWPBPH Bahamas
0%
+10 RQXQCQI Bahamas
0%
+9 SRYRDRJ Bahamas
0%
+8 TSZSESK Bahamas
0%
+7 UTATFTL Bahamas
0%
+6 VUBUGUM Bahamas
0%
+5 WVCVHVN Bahamas
0%
+4 XWDWIWO Bahamas
0%
+3 YXEXJXP Bahamas
0%
+2 ZYFYKYQ Bahamas
0%
+1 AZGZLZR Bahamas
0%
-2 DCJTGKP Bahreïn
0%
-3 EDKUHLQ Bahreïn
0%
-4 FELVIMR Bahreïn
0%
-5 GFMWJNS Bahreïn
0%
-6 HGNXKOT Bahreïn
0%
-7 IHOYLPU Bahreïn
0%
-8 JIPZMQV Bahreïn
0%
-9 KJQANRW Bahreïn
0%
-11 MLSCPTY Bahreïn
0%
-12 NMTDQUZ Bahreïn
0%
13 ONUERVA Bahreïn
0%
+12 POVFSWB Bahreïn
0%
+11 QPWGTXC Bahreïn
0%
+10 RQXHUYD Bahreïn
0%
+9 SRYIVZE Bahreïn
0%
+8 TSZJWAF Bahreïn
0%
+7 UTAKXBG Bahreïn
0%
+6 VUBLYCH Bahreïn
0%
+5 WVCMZDI Bahreïn
0%
+4 XWDNAEJ Bahreïn
0%
+3 YXEOBFK Bahreïn
0%
+2 ZYFPCGL Bahreïn
0%
+1 AZGQDHM Bahreïn
0%
-1 CBOHMBEFTI Bangladesh
0%
-2 DCPINCFGUJ Bangladesh
0%
-3 EDQJODGHVK Bangladesh
0%
-4 FERKPEHIWL Bangladesh
0%
-5 GFSLQFIJXM Bangladesh
0%
-6 HGTMRGJKYN Bangladesh
0%
-7 IHUNSHKLZO Bangladesh
0%
-8 JIVOTILMAP Bangladesh
0%
-9 KJWPUJMNBQ Bangladesh
0%
-10 LKXQVKNOCR Bangladesh
0%
-11 MLYRWLOPDS Bangladesh
0%
-12 NMZSXMPQET Bangladesh
0%
13 ONATYNQRFU Bangladesh
0%
+12 POBUZORSGV Bangladesh
0%
+11 QPCVAPSTHW Bangladesh
0%
+10 RQDWBQTUIX Bangladesh
0%
+9 SREXCRUVJY Bangladesh
0%
+8 TSFYDSVWKZ Bangladesh
0%
+7 UTGZETWXLA Bangladesh
0%
+6 VUHAFUXYMB Bangladesh
0%
+5 WVIBGVYZNC Bangladesh
0%
+4 XWJCHWZAOD Bangladesh
0%
+3 YXKDIXABPE Bangladesh
0%
+2 ZYLEJYBCQF Bangladesh
0%
+1 AZMFKZCDRG Bangladesh
0%
-1 CBSCBEF Barbade
0%
-2 DCTDCFG Barbade
0%
-3 EDUEDGH Barbade
0%
-4 FEVFEHI Barbade
0%
-5 GFWGFIJ Barbade
0%
-6 HGXHGJK Barbade
0%
-7 IHYIHKL Barbade
0%
-8 JIZJILM Barbade
0%
-9 KJAKJMN Barbade
0%
-10 LKBLKNO Barbade
0%
-11 MLCMLOP Barbade
0%
-12 NMDNMPQ Barbade
0%
13 ONEONQR Barbade
0%
+12 POFPORS Barbade
0%
+10 RQHRQTU Barbade
0%
+9 SRISRUV Barbade
0%
+8 TSJTSVW Barbade
0%
+7 UTKUTWX Barbade
0%
+6 VULVUXY Barbade
0%
+5 WVMWVYZ Barbade
0%
+4 XWNXWZA Barbade
0%
+3 YXOYXAB Barbade
0%
+2 ZYPZYBC Barbade
0%
+1 AZQAZCD Barbade
0%
-1 CFMHJRVF Belgique
0%
-2 DGNIKSWG Belgique
0%
-3 EHOJLTXH Belgique
0%
-4 FIPKMUYI Belgique
0%
-5 GJQLNVZJ Belgique
0%
-6 HKRMOWAK Belgique
0%
-7 ILSNPXBL Belgique
0%
-8 JMTOQYCM Belgique
0%
-9 KNUPRZDN Belgique
0%
-10 LOVQSAEO Belgique
0%
-11 MPWRTBFP Belgique
0%
-12 NQXSUCGQ Belgique
0%
13 ORYTVDHR Belgique
0%
+12 PSZUWEIS Belgique
0%
+11 QTAVXFJT Belgique
0%
+10 RUBWYGKU Belgique
0%
+9 SVCXZHLV Belgique
0%
+8 TWDYAIMW Belgique
0%
+7 UXEZBJNX Belgique
0%
+6 VYFACKOY Belgique
0%
+5 WZGBDLPZ Belgique
0%
+4 XAHCEMQA Belgique
0%
+3 YBIDFNRB Belgique
0%
+2 ZCJEGOSC Belgique
0%
+1 ADKFHPTD Belgique
0%
-1 CFMJAF Belize
0%
-2 DGNKBG Belize
0%
-3 EHOLCH Belize
0%
-4 FIPMDI Belize
0%
-5 GJQNEJ Belize
0%
-6 HKROFK Belize
0%
-7 ILSPGL Belize
0%
-8 JMTQHM Belize
0%
-9 KNURIN Belize
0%
-10 LOVSJO Belize
0%
-11 MPWTKP Belize
0%
-12 NQXULQ Belize
0%
13 ORYVMR Belize
0%
+12 PSZWNS Belize
0%
+11 QTAXOT Belize
0%
+10 RUBYPU Belize
0%
+9 SVCZQV Belize
0%
+8 TWDARW Belize
0%
+7 UXEBSX Belize
0%
+6 VYFCTY Belize
0%
+5 WZGDUZ Belize
0%
+4 XAHEVA Belize
0%
+3 YBIFWB Belize
0%
+2 ZCJGXC Belize
0%
+1 ADKHYD Belize
0%
-1 CFOJO Bénin
0%
-2 DGPKP Bénin
0%
-3 EHQLQ Bénin
0%
-4 FIRMR Bénin
0%
-5 GJSNS Bénin
0%
-6 HKTOT Bénin
0%
-7 ILUPU Bénin
0%
-8 JMVQV Bénin
0%
-9 KNWRW Bénin
0%
-10 LOXSX Bénin
0%
-11 MPYTY Bénin
0%
-12 NQZUZ Bénin
0%
13 ORAVA Bénin
0%
+12 PSBWB Bénin
0%
+11 QTCXC Bénin
0%
+10 RUDYD Bénin
0%
+9 SVEZE Bénin
0%
+8 TWFAF Bénin
0%
+7 UXGBG Bénin
0%
+6 VYHCH Bénin
0%
+5 WZIDI Bénin
0%
+4 XAJEJ Bénin
0%
+3 YBKFK Bénin
0%
+2 ZCLGL Bénin
0%
+1 ADMHM Bénin
0%
-1 CIPVUBO Bhoutan
0%
-2 DJQWVCP Bhoutan
0%
-3 EKRXWDQ Bhoutan
0%
-4 FLSYXER Bhoutan
0%
-5 GMTZYFS Bhoutan
0%
-6 HNUAZGT Bhoutan
0%
-7 IOVBAHU Bhoutan
0%
-8 JPWCBIV Bhoutan
0%
-9 KQXDCJW Bhoutan
0%
-10 LRYEDKX Bhoutan
0%
-11 MSZFELY Bhoutan
0%
-12 NTAGFMZ Bhoutan
0%
13 OUBHGNA Bhoutan
0%
+12 PVCIHOB Bhoutan
0%
+11 QWDJIPC Bhoutan
0%
+10 RXEKJQD Bhoutan
0%
+9 SYFLKRE Bhoutan
0%
+8 TZGMLSF Bhoutan
0%
+7 UAHNMTG Bhoutan
0%
+6 VBIONUH Bhoutan
0%
+5 WCJPOVI Bhoutan
0%
+4 XDKQPWJ Bhoutan
0%
+3 YELRQXK Bhoutan
0%
+2 ZFMSRYL Bhoutan
0%
+1 AGNTSZM Bhoutan
0%
-2 DKGNQTWUUKG Biélorussie
0%
-3 ELHORUXVVLH Biélorussie
0%
-4 FMIPSVYWWMI Biélorussie
0%
-5 GNJQTWZXXNJ Biélorussie
0%
-6 HOKRUXAYYOK Biélorussie
0%
-7 IPLSVYBZZPL Biélorussie
0%
-8 JQMTWZCAAQM Biélorussie
0%
-9 KRNUXADBBRN Biélorussie
0%
-10 LSOVYBECCSO Biélorussie
0%
-11 MTPWZCFDDTP Biélorussie
0%
-12 NUQXADGEEUQ Biélorussie
0%
13 OVRYBEHFFVR Biélorussie
0%
+12 PWSZCFIGGWS Biélorussie
0%
+11 QXTADGJHHXT Biélorussie
0%
+9 SZVCFILJJZV Biélorussie
0%
+8 TAWDGJMKKAW Biélorussie
0%
+7 UBXEHKNLLBX Biélorussie
0%
+6 VCYFILOMMCY Biélorussie
0%
+5 WDZGJMPNNDZ Biélorussie
0%
+3 YFBILORPPFB Biélorussie
0%
+2 ZGCJMPSQQGC Biélorussie
0%
+1 AHDKNQTRRHD Biélorussie
0%
-1 CJSNBOJF Birmanie
0%
-2 DKTOCPKG Birmanie
0%
-3 ELUPDQLH Birmanie
0%
-4 FMVQERMI Birmanie
0%
-5 GNWRFSNJ Birmanie
0%
-6 HOXSGTOK Birmanie
0%
-7 IPYTHUPL Birmanie
0%
-8 JQZUIVQM Birmanie
0%
-9 KRAVJWRN Birmanie
0%
-10 LSBWKXSO Birmanie
0%
-11 MTCXLYTP Birmanie
0%
-12 NUDYMZUQ Birmanie
0%
13 OVEZNAVR Birmanie
0%
+12 PWFAOBWS Birmanie
0%
+11 QXGBPCXT Birmanie
0%
+10 RYHCQDYU Birmanie
0%
+9 SZIDREZV Birmanie
0%
+8 TAJESFAW Birmanie
0%
+7 UBKFTGBX Birmanie
0%
+6 VCLGUHCY Birmanie
0%
+5 WDMHVIDZ Birmanie
0%
+4 XENIWJEA Birmanie
0%
+3 YFOJXKFB Birmanie
0%
+2 ZGPKYLGC Birmanie
0%
+1 AHQLZMHD Birmanie
0%
-1 CPMJWJF Bolivie
0%
-2 DQNKXKG Bolivie
0%
-3 EROLYLH Bolivie
0%
-4 FSPMZMI Bolivie
0%
-5 GTQNANJ Bolivie
0%
-6 HUROBOK Bolivie
0%
-8 JWTQDQM Bolivie
0%
-9 KXURERN Bolivie
0%
-10 LYVSFSO Bolivie
0%
-11 MZWTGTP Bolivie
0%
-12 NAXUHUQ Bolivie
0%
13 OBYVIVR Bolivie
0%
+12 PCZWJWS Bolivie
0%
+11 QDAXKXT Bolivie
0%
+10 REBYLYU Bolivie
0%
+9 SFCZMZV Bolivie
0%
+8 TGDANAW Bolivie
0%
+7 UHEBOBX Bolivie
0%
+6 VIFCPCY Bolivie
0%
+5 WJGDQDZ Bolivie
0%
+4 XKHEREA Bolivie
0%
+3 YLIFSFB Bolivie
0%
+2 ZMJGTGC Bolivie
0%
+1 ANKHUHD Bolivie
0%
-1 CPTOJFIFSAFHPWJOF Bosnie-Herzégovine
0%
-2 DQUPKGJGTBGIQXKPG Bosnie-Herzégovine
0%
-3 ERVQLHKHUCHJRYLQH Bosnie-Herzégovine
0%
-4 FSWRMILIVDIKSZMRI Bosnie-Herzégovine
0%
-5 GTXSNJMJWEJLTANSJ Bosnie-Herzégovine
0%
-6 HUYTOKNKXFKMUBOTK Bosnie-Herzégovine
0%
-7 IVZUPLOLYGLNVCPUL Bosnie-Herzégovine
0%
-8 JWAVQMPMZHMOWDQVM Bosnie-Herzégovine
0%
-9 KXBWRNQNAINPXERWN Bosnie-Herzégovine
0%
-10 LYCXSOROBJOQYFSXO Bosnie-Herzégovine
0%
-11 MZDYTPSPCKPRZGTYP Bosnie-Herzégovine
0%
-12 NAEZUQTQDLQSAHUZQ Bosnie-Herzégovine
0%
13 OBFAVRUREMRTBIVAR Bosnie-Herzégovine
0%
+12 PCGBWSVSFNSUCJWBS Bosnie-Herzégovine
0%
+11 QDHCXTWTGOTVDKXCT Bosnie-Herzégovine
0%
+10 REIDYUXUHPUWELYDU Bosnie-Herzégovine
0%
+9 SFJEZVYVIQVXFMZEV Bosnie-Herzégovine
0%
+8 TGKFAWZWJRWYGNAFW Bosnie-Herzégovine
0%
+7 UHLGBXAXKSXZHOBGX Bosnie-Herzégovine
0%
+6 VIMHCYBYLTYAIPCHY Bosnie-Herzégovine
0%
+5 WJNIDZCZMUZBJQDIZ Bosnie-Herzégovine
0%
+4 XKOJEADANVACKREJA Bosnie-Herzégovine
0%
+3 YLPKFBEBOWBDLSFKB Bosnie-Herzégovine
0%
+2 ZMQLGCFCPXCEMTGLC Bosnie-Herzégovine
0%
+1 ANRMHDGDQYDFNUHMD Bosnie-Herzégovine
0%
-1 CPUTXBOB Botswana
0%
-2 DQVUYCPC Botswana
0%
-3 ERWVZDQD Botswana
0%
-4 FSXWAERE Botswana
0%
-5 GTYXBFSF Botswana
0%
-6 HUZYCGTG Botswana
0%
-7 IVAZDHUH Botswana
0%
-8 JWBAEIVI Botswana
0%
-9 KXCBFJWJ Botswana
0%
-10 LYDCGKXK Botswana
0%
-11 MZEDHLYL Botswana
0%
-12 NAFEIMZM Botswana
0%
13 OBGFJNAN Botswana
0%
+12 PCHGKOBO Botswana
0%
+11 QDIHLPCP Botswana
0%
+10 REJIMQDQ Botswana
0%
+9 SFKJNRER Botswana
0%
+8 TGLKOSFS Botswana
0%
+7 UHMLPTGT Botswana
0%
+6 VINMQUHU Botswana
0%
+5 WJONRVIV Botswana
0%
+4 XKPOSWJW Botswana
0%
+3 YLQPTXKX Botswana
0%
+2 ZMRQUYLY Botswana
0%
-1 CSFTJM Brésil
0%
-2 DTGUKN Brésil
0%
-3 EUHVLO Brésil
0%
-4 FVIWMP Brésil
0%
-5 GWJXNQ Brésil
0%
-6 HXKYOR Brésil
0%
-7 IYLZPS Brésil
0%
-8 JZMAQT Brésil
0%
-9 KANBRU Brésil
0%
-10 LBOCSV Brésil
0%
-11 MCPDTW Brésil
0%
-12 NDQEUX Brésil
0%
+11 QGTHXA Brésil
0%
+10 RHUIYB Brésil
0%
+9 SIVJZC Brésil
0%
+8 TJWKAD Brésil
0%
+7 UKXLBE Brésil
0%
+6 VLYMCF Brésil
0%
+5 WMZNDG Brésil
0%
+4 XNAOEH Brésil
0%
+3 YOBPFI Brésil
0%
+2 ZPCQGJ Brésil
0%
+1 AQDRHK Brésil
0%
-1 CSVOFJ Brunei
0%
-2 DTWPGK Brunei
0%
-3 EUXQHL Brunei
0%
-4 FVYRIM Brunei
0%
-5 GWZSJN Brunei
0%
-6 HXATKO Brunei
0%
-7 IYBULP Brunei
0%
-8 JZCVMQ Brunei
0%
-9 KADWNR Brunei
0%
-10 LBEXOS Brunei
0%
-11 MCFYPT Brunei
0%
-12 NDGZQU Brunei
0%
13 OEHARV Brunei
0%
+12 PFIBSW Brunei
0%
+11 QGJCTX Brunei
0%
+10 RHKDUY Brunei
0%
+9 SILEVZ Brunei
0%
+8 TJMFWA Brunei
0%
+7 UKNGXB Brunei
0%
+6 VLOHYC Brunei
0%
+5 WMPIZD Brunei
0%
+4 XNQJAE Brunei
0%
+3 YORKBF Brunei
0%
+2 ZPSLCG Brunei
0%
+1 AQTMDH Brunei
0%
-1 CVMHBSJF Bulgarie
0%
-2 DWNICTKG Bulgarie
0%
-3 EXOJDULH Bulgarie
0%
-4 FYPKEVMI Bulgarie
0%
-5 GZQLFWNJ Bulgarie
0%
-6 HARMGXOK Bulgarie
0%
-7 IBSNHYPL Bulgarie
0%
-8 JCTOIZQM Bulgarie
0%
-9 KDUPJARN Bulgarie
0%
-10 LEVQKBSO Bulgarie
0%
-11 MFWRLCTP Bulgarie
0%
-12 NGXSMDUQ Bulgarie
0%
13 OHYTNEVR Bulgarie
0%
+12 PIZUOFWS Bulgarie
0%
+11 QJAVPGXT Bulgarie
0%
+10 RKBWQHYU Bulgarie
0%
+9 SLCXRIZV Bulgarie
0%
+8 TMDYSJAW Bulgarie
0%
+7 UNEZTKBX Bulgarie
0%
+6 VOFAULCY Bulgarie
0%
+5 WPGBVMDZ Bulgarie
0%
+4 XQHCWNEA Bulgarie
0%
+3 YRIDXOFB Bulgarie
0%
+2 ZSJEYPGC Bulgarie
0%
+1 ATKFZQHD Bulgarie
0%
-1 CVSLJOBGBTP Burkina Faso
0%
-2 DWTMKPCHCUQ Burkina Faso
0%
-3 EXUNLQDIDVR Burkina Faso
0%
-4 FYVOMREJEWS Burkina Faso
0%
-5 GZWPNSFKFXT Burkina Faso
0%
-6 HAXQOTGLGYU Burkina Faso
0%
-7 IBYRPUHMHZV Burkina Faso
0%
-8 JCZSQVINIAW Burkina Faso
0%
-9 KDATRWJOJBX Burkina Faso
0%
-10 LEBUSXKPKCY Burkina Faso
0%
-11 MFCVTYLQLDZ Burkina Faso
0%
-12 NGDWUZMRMEA Burkina Faso
0%
13 OHEXVANSNFB Burkina Faso
0%
+12 PIFYWBOTOGC Burkina Faso
0%
+11 QJGZXCPUPHD Burkina Faso
0%
+10 RKHAYDQVQIE Burkina Faso
0%
+9 SLIBZERWRJF Burkina Faso
0%
+8 TMJCAFSXSKG Burkina Faso
0%
+7 UNKDBGTYTLH Burkina Faso
0%
+6 VOLECHUZUMI Burkina Faso
0%
+5 WPMFDIVAVNJ Burkina Faso
0%
+4 XQNGEJWBWOK Burkina Faso
0%
+3 YROHFKXCXPL Burkina Faso
0%
+2 ZSPIGLYDYQM Burkina Faso
0%
+1 ATQJHMZEZRN Burkina Faso
0%
-1 CVSVOEJ Burundi
0%
-2 DWTWPFK Burundi
0%
-3 EXUXQGL Burundi
0%
-4 FYVYRHM Burundi
0%
-5 GZWZSIN Burundi
0%
-6 HAXATJO Burundi
0%
-7 IBYBUKP Burundi
0%
-8 JCZCVLQ Burundi
0%
-9 KDADWMR Burundi
0%
-10 LEBEXNS Burundi
0%
-11 MFCFYOT Burundi
0%
-12 NGDGZPU Burundi
0%
13 OHEHAQV Burundi
0%
+12 PIFIBRW Burundi
0%
+11 QJGJCSX Burundi
0%
+10 RKHKDTY Burundi
0%
+9 SLILEUZ Burundi
0%
+8 TMJMFVA Burundi
0%
+7 UNKNGWB Burundi
0%
+6 VOLOHXC Burundi
0%
+5 WPMPIYD Burundi
0%
+4 XQNQJZE Burundi
0%
+3 YRORKAF Burundi
0%
+2 ZSPSLBG Burundi
0%
+1 ATQTMCH Burundi
0%
-1 DBNCPEHF Cambodge
0%
-2 ECODQFIG Cambodge
0%
-3 FDPERGJH Cambodge
0%
-4 GEQFSHKI Cambodge
0%
-5 HFRGTILJ Cambodge
0%
-6 IGSHUJMK Cambodge
0%
-7 JHTIVKNL Cambodge
0%
-8 KIUJWLOM Cambodge
0%
-9 LJVKXMPN Cambodge
0%
-10 MKWLYNQO Cambodge
0%
-11 NLXMZORP Cambodge
0%
-12 OMYNAPSQ Cambodge
0%
13 PNZOBQTR Cambodge
0%
+12 QOAPCRUS Cambodge
0%
+11 RPBQDSVT Cambodge
0%
+10 SQCRETWU Cambodge
0%
+9 TRDSFUXV Cambodge
0%
+8 USETGVYW Cambodge
0%
+7 VTFUHWZX Cambodge
0%
+6 WUGVIXAY Cambodge
0%
+5 XVHWJYBZ Cambodge
0%
+4 YWIXKZCA Cambodge
0%
+3 ZXJYLADB Cambodge
0%
+2 AYKZMBEC Cambodge
0%
+1 BZLANCFD Cambodge
0%
-1 DBNFSPVO Cameroun
0%
-2 ECOGTQWP Cameroun
0%
-3 FDPHURXQ Cameroun
0%
-4 GEQIVSYR Cameroun
0%
-5 HFRJWTZS Cameroun
0%
-6 IGSKXUAT Cameroun
0%
-7 JHTLYVBU Cameroun
0%
-8 KIUMZWCV Cameroun
0%
-9 LJVNAXDW Cameroun
0%
-10 MKWOBYEX Cameroun
0%
-11 NLXPCZFY Cameroun
0%
-12 OMYQDAGZ Cameroun
0%
13 PNZREBHA Cameroun
0%
+12 QOASFCIB Cameroun
0%
+11 RPBTGDJC Cameroun
0%
+10 SQCUHEKD Cameroun
0%
+9 TRDVIFLE Cameroun
0%
+8 USEWJGMF Cameroun
0%
+7 VTFXKHNG Cameroun
0%
+6 WUGYLIOH Cameroun
0%
+5 XVHZMJPI Cameroun
0%
+3 ZXJBOLRK Cameroun
0%
+2 AYKCPMSL Cameroun
0%
+1 BZLDQNTM Cameroun
0%
-1 DBOBEB Canada
0%
-2 ECPCFC Canada
0%
-3 FDQDGD Canada
0%
-4 GEREHE Canada
0%
-5 HFSFIF Canada
0%
-6 IGTGJG Canada
0%
-7 JHUHKH Canada
0%
-8 KIVILI Canada
0%
-9 LJWJMJ Canada
0%
-10 MKXKNK Canada
0%
-11 NLYLOL Canada
0%
-12 OMZMPM Canada
0%
13 PNANQN Canada
0%
+12 QOBORO Canada
0%
+11 RPCPSP Canada
0%
+10 SQDQTQ Canada
0%
+9 TRERUR Canada
0%
+8 USFSVS Canada
0%
+7 VTGTWT Canada
0%
+6 WUHUXU Canada
0%
+5 XVIVYV Canada
0%
+4 YWJWZW Canada
0%
+3 ZXKXAX Canada
0%
+2 AYLYBY Canada
0%
+1 BZMZCZ Canada
0%
-1 DBQWFSU Cap-Vert
0%
-2 ECRXGTV Cap-Vert
0%
-3 FDSYHUW Cap-Vert
0%
-4 GETZIVX Cap-Vert
0%
-5 HFUAJWY Cap-Vert
0%
-6 IGVBKXZ Cap-Vert
0%
-7 JHWCLYA Cap-Vert
0%
-8 KIXDMZB Cap-Vert
0%
-9 LJYENAC Cap-Vert
0%
-10 MKZFOBD Cap-Vert
0%
-11 NLAGPCE Cap-Vert
0%
-12 OMBHQDF Cap-Vert
0%
13 PNCIREG Cap-Vert
0%
+12 QODJSFH Cap-Vert
0%
+11 RPEKTGI Cap-Vert
0%
+10 SQFLUHJ Cap-Vert
0%
+9 TRGMVIK Cap-Vert
0%
+8 USHNWJL Cap-Vert
0%
+7 VTIOXKM Cap-Vert
0%
+6 WUJPYLN Cap-Vert
0%
+5 XVKQZMO Cap-Vert
0%
+4 YWLRANP Cap-Vert
0%
+3 ZXMSBOQ Cap-Vert
0%
+2 AYNTCPR Cap-Vert
0%
+1 BZOUDQS Cap-Vert
0%
-1 DIJMJ Chili
0%
-2 EJKNK Chili
0%
-3 FKLOL Chili
0%
-4 GLMPM Chili
0%
-5 HMNQN Chili
0%
-6 INORO Chili
0%
-7 JOPSP Chili
0%
-8 KPQTQ Chili
0%
-9 LQRUR Chili
0%
-10 MRSVS Chili
0%
-11 NSTWT Chili
0%
-12 OTUXU Chili
0%
13 PUVYV Chili
0%
+12 QVWZW Chili
0%
+11 RWXAX Chili
0%
+10 SXYBY Chili
0%
+9 TYZCZ Chili
0%
+8 UZADA Chili
0%
+6 WBCFC Chili
0%
+5 XCDGD Chili
0%
+4 YDEHE Chili
0%
+2 AFGJG Chili
0%
+1 BGHKH Chili
0%
-1 DIJOF Chine
0%
-2 EJKPG Chine
0%
-3 FKLQH Chine
0%
-4 GLMRI Chine
0%
-5 HMNSJ Chine
0%
-6 INOTK Chine
0%
-7 JOPUL Chine
0%
-8 KPQVM Chine
0%
-9 LQRWN Chine
0%
-10 MRSXO Chine
0%
-11 NSTYP Chine
0%
-12 OTUZQ Chine
0%
13 PUVAR Chine
0%
+12 QVWBS Chine
0%
+11 RWXCT Chine
0%
+10 SXYDU Chine
0%
+9 TYZEV Chine
0%
+8 UZAFW Chine
0%
+7 VABGX Chine
0%
+6 WBCHY Chine
0%
+5 XCDIZ Chine
0%
+4 YDEJA Chine
0%
+3 ZEFKB Chine
0%
+2 AFGLC Chine
0%
+1 BGHMD Chine
0%
-2 EJARTG Chypre
0%
-3 FKBSUH Chypre
0%
-4 GLCTVI Chypre
0%
-5 HMDUWJ Chypre
0%
-6 INEVXK Chypre
0%
-7 JOFWYL Chypre
0%
-8 KPGXZM Chypre
0%
-9 LQHYAN Chypre
0%
-10 MRIZBO Chypre
0%
-11 NSJACP Chypre
0%
-12 OTKBDQ Chypre
0%
13 PULCER Chypre
0%
+12 QVMDFS Chypre
0%
+11 RWNEGT Chypre
0%
+10 SXOFHU Chypre
0%
+9 TYPGIV Chypre
0%
+8 UZQHJW Chypre
0%
+7 VARIKX Chypre
0%
+6 WBSJLY Chypre
0%
+5 XCTKMZ Chypre
0%
+4 YDULNA Chypre
0%
+3 ZEVMOB Chypre
0%
+2 AFWNPC Chypre
0%
+1 BGXOQD Chypre
0%
-1 DPMPNCJF Colombie
0%
-2 EQNQODKG Colombie
0%
-3 FRORPELH Colombie
0%
-4 GSPSQFMI Colombie
0%
-6 IURUSHOK Colombie
0%
-7 JVSVTIPL Colombie
0%
-8 KWTWUJQM Colombie
0%
-9 LXUXVKRN Colombie
0%
-10 MYVYWLSO Colombie
0%
-11 NZWZXMTP Colombie
0%
-12 OAXAYNUQ Colombie
0%
13 PBYBZOVR Colombie
0%
+12 QCZCAPWS Colombie
0%
+11 RDADBQXT Colombie
0%
+10 SEBECRYU Colombie
0%
+9 TFCFDSZV Colombie
0%
+8 UGDGETAW Colombie
0%
+7 VHEHFUBX Colombie
0%
+6 WIFIGVCY Colombie
0%
+5 XJGJHWDZ Colombie
0%
+4 YKHKIXEA Colombie
0%
+3 ZLILJYFB Colombie
0%
+2 AMJMKZGC Colombie
0%
+1 BNKNLAHD Colombie
0%
-1 DPNPSFT Comores
0%
-2 EQOQTGU Comores
0%
-3 FRPRUHV Comores
0%
-4 GSQSVIW Comores
0%
-5 HTRTWJX Comores
0%
-6 IUSUXKY Comores
0%
-7 JVTVYLZ Comores
0%
-8 KWUWZMA Comores
0%
-9 LXVXANB Comores
0%
-10 MYWYBOC Comores
0%
-11 NZXZCPD Comores
0%
-12 OAYADQE Comores
0%
13 PBZBERF Comores
0%
+11 RDBDGTH Comores
0%
+10 SECEHUI Comores
0%
+9 TFDFIVJ Comores
0%
+8 UGEGJWK Comores
0%
+7 VHFHKXL Comores
0%
+6 WIGILYM Comores
0%
+5 XJHJMZN Comores
0%
+4 YKIKNAO Comores
0%
+3 ZLJLOBP Comores
0%
+2 AMKMPCQ Comores
0%
+1 BNLNQDR Comores
0%
-1 DPSFFEVOPSE Corée du Nord
0%
-2 EQTGGFWPQTF Corée du Nord
0%
-3 FRUHHGXQRUG Corée du Nord
0%
-4 GSVIIHYRSVH Corée du Nord
0%
-5 HTWJJIZSTWI Corée du Nord
0%
-6 IUXKKJATUXJ Corée du Nord
0%
-7 JVYLLKBUVYK Corée du Nord
0%
-8 KWZMMLCVWZL Corée du Nord
0%
-9 LXANNMDWXAM Corée du Nord
0%
-10 MYBOONEXYBN Corée du Nord
0%
-11 NZCPPOFYZCO Corée du Nord
0%
-12 OADQQPGZADP Corée du Nord
0%
13 PBERRQHABEQ Corée du Nord
0%
+12 QCFSSRIBCFR Corée du Nord
0%
+11 RDGTTSJCDGS Corée du Nord
0%
+10 SEHUUTKDEHT Corée du Nord
0%
+9 TFIVVULEFIU Corée du Nord
0%
+8 UGJWWVMFGJV Corée du Nord
0%
+7 VHKXXWNGHKW Corée du Nord
0%
+6 WILYYXOHILX Corée du Nord
0%
+5 XJMZZYPIJMY Corée du Nord
0%
+4 YKNAAZQJKNZ Corée du Nord
0%
+3 ZLOBBARKLOA Corée du Nord
0%
+2 AMPCCBSLMPB Corée du Nord
0%
+1 BNQDDCTMNQC Corée du Nord
0%
-2 EQTGGFWUWF Corée du Sud
0%
-3 FRUHHGXVXG Corée du Sud
0%
-4 GSVIIHYWYH Corée du Sud
0%
-5 HTWJJIZXZI Corée du Sud
0%
-6 IUXKKJAYAJ Corée du Sud
0%
-7 JVYLLKBZBK Corée du Sud
0%
-8 KWZMMLCACL Corée du Sud
0%
-9 LXANNMDBDM Corée du Sud
0%
-10 MYBOONECEN Corée du Sud
0%
-11 NZCPPOFDFO Corée du Sud
0%
-12 OADQQPGEGP Corée du Sud
0%
13 PBERRQHFHQ Corée du Sud
0%
+12 QCFSSRIGIR Corée du Sud
0%
+11 RDGTTSJHJS Corée du Sud
0%
+10 SEHUUTKIKT Corée du Sud
0%
+9 TFIVVULJLU Corée du Sud
0%
+8 UGJWWVMKMV Corée du Sud
0%
+7 VHKXXWNLNW Corée du Sud
0%
+6 WILYYXOMOX Corée du Sud
0%
+5 XJMZZYPNPY Corée du Sud
0%
+4 YKNAAZQOQZ Corée du Sud
0%
+3 ZLOBBARPRA Corée du Sud
0%
+2 AMPCCBSQSB Corée du Sud
0%
+1 BNQDDCTRTC Corée du Sud
0%
-1 DPTUBSJDB Costa Rica
0%
-2 EQUVCTKEC Costa Rica
0%
-3 FRVWDULFD Costa Rica
0%
-4 GSWXEVMGE Costa Rica
0%
-5 HTXYFWNHF Costa Rica
0%
-6 IUYZGXOIG Costa Rica
0%
-7 JVZAHYPJH Costa Rica
0%
-8 KWABIZQKI Costa Rica
0%
-9 LXBCJARLJ Costa Rica
0%
-10 MYCDKBSMK Costa Rica
0%
-11 NZDELCTNL Costa Rica
0%
-12 OAEFMDUOM Costa Rica
0%
13 PBFGNEVPN Costa Rica
0%
+12 QCGHOFWQO Costa Rica
0%
+11 RDHIPGXRP Costa Rica
0%
+9 TFJKRIZTR Costa Rica
0%
+8 UGKLSJAUS Costa Rica
0%
+7 VHLMTKBVT Costa Rica
0%
+6 WIMNULCWU Costa Rica
0%
+5 XJNOVMDXV Costa Rica
0%
+4 YKOPWNEYW Costa Rica
0%
+3 ZLPQXOFZX Costa Rica
0%
+2 AMQRYPGAY Costa Rica
0%
-1 DPUFEJWPJSF Côte d'Ivoire
0%
-2 EQVGFKXQKTG Côte d'Ivoire
0%
-4 GSXIHMZSMVI Côte d'Ivoire
0%
-5 HTYJINATNWJ Côte d'Ivoire
0%
-6 IUZKJOBUOXK Côte d'Ivoire
0%
-7 JVALKPCVPYL Côte d'Ivoire
0%
-8 KWBMLQDWQZM Côte d'Ivoire
0%
-9 LXCNMREXRAN Côte d'Ivoire
0%
-10 MYDONSFYSBO Côte d'Ivoire
0%
-11 NZEPOTGZTCP Côte d'Ivoire
0%
-12 OAFQPUHAUDQ Côte d'Ivoire
0%
13 PBGRQVIBVER Côte d'Ivoire
0%
+12 QCHSRWJCWFS Côte d'Ivoire
0%
+11 RDITSXKDXGT Côte d'Ivoire
0%
+10 SEJUTYLEYHU Côte d'Ivoire
0%
+9 TFKVUZMFZIV Côte d'Ivoire
0%
+8 UGLWVANGAJW Côte d'Ivoire
0%
+6 WINYXCPICLY Côte d'Ivoire
0%
+5 XJOZYDQJDMZ Côte d'Ivoire
0%
+4 YKPAZERKENA Côte d'Ivoire
0%
+3 ZLQBAFSLFOB Côte d'Ivoire
0%
+2 AMRCBGTMGPC Côte d'Ivoire
0%
+1 BNSDCHUNHQD Côte d'Ivoire
0%
-1 DSPBUJF Croatie
0%
-2 ETQCVKG Croatie
0%
-3 FURDWLH Croatie
0%
-4 GVSEXMI Croatie
0%
-5 HWTFYNJ Croatie
0%
-6 IXUGZOK Croatie
0%
-7 JYVHAPL Croatie
0%
-8 KZWIBQM Croatie
0%
-9 LAXJCRN Croatie
0%
-10 MBYKDSO Croatie
0%
-11 NCZLETP Croatie
0%
-12 ODAMFUQ Croatie
0%
13 PEBNGVR Croatie
0%
+12 QFCOHWS Croatie
0%
+11 RGDPIXT Croatie
0%
+10 SHEQJYU Croatie
0%
+9 TIFRKZV Croatie
0%
+8 UJGSLAW Croatie
0%
+7 VKHTMBX Croatie
0%
+6 WLIUNCY Croatie
0%
+5 XMJVODZ Croatie
0%
+4 YNKWPEA Croatie
0%
+3 ZOLXQFB Croatie
0%
+2 APMYRGC Croatie
0%
+1 BQNZSHD Croatie
0%
-1 DVCB Cuba
0%
-2 EWDC Cuba
0%
-3 FXED Cuba
0%
-4 GYFE Cuba
0%
-6 IAHG Cuba
0%
-7 JBIH Cuba
0%
-8 KCJI Cuba
0%
-9 LDKJ Cuba
0%
-11 NFML Cuba
0%
-12 OGNM Cuba
0%
13 PHON Cuba
0%
+12 QIPO Cuba
0%
+11 RJQP Cuba
0%
+10 SKRQ Cuba
0%
+9 TLSR Cuba
0%
+8 UMTS Cuba
0%
+7 VNUT Cuba
0%
+6 WOVU Cuba
0%
+5 XPWV Cuba
0%
+4 YQXW Cuba
0%
+3 ZRYX Cuba
0%
+1 BTAZ Cuba
0%
-1 EBOFNBSL Danemark
0%
-2 FCPGOCTM Danemark
0%
-3 GDQHPDUN Danemark
0%
-4 HERIQEVO Danemark
0%
-5 IFSJRFWP Danemark
0%
-6 JGTKSGXQ Danemark
0%
-8 LIVMUIZS Danemark
0%
-9 MJWNVJAT Danemark
0%
-10 NKXOWKBU Danemark
0%
-11 OLYPXLCV Danemark
0%
-12 PMZQYMDW Danemark
0%
13 QNARZNEX Danemark
0%
+12 ROBSAOFY Danemark
0%
+11 SPCTBPGZ Danemark
0%
+10 TQDUCQHA Danemark
0%
+9 UREVDRIB Danemark
0%
+8 VSFWESJC Danemark
0%
+7 WTGXFTKD Danemark
0%
+6 XUHYGULE Danemark
0%
+5 YVIZHVMF Danemark
0%
+4 ZWJAIWNG Danemark
0%
+3 AXKBJXOH Danemark
0%
+2 BYLCKYPI Danemark
0%
+1 CZMDLZQJ Danemark
0%
-1 EKJCPVUJ Djibouti
0%
-2 FLKDQWVK Djibouti
0%
-3 GMLERXWL Djibouti
0%
-4 HNMFSYXM Djibouti
0%
-5 IONGTZYN Djibouti
0%
-6 JPOHUAZO Djibouti
0%
-7 KQPIVBAP Djibouti
0%
-8 LRQJWCBQ Djibouti
0%
-9 MSRKXDCR Djibouti
0%
-10 NTSLYEDS Djibouti
0%
-11 OUTMZFET Djibouti
0%
-12 PVUNAGFU Djibouti
0%
13 QWVOBHGV Djibouti
0%
+12 RXWPCIHW Djibouti
0%
+11 SYXQDJIX Djibouti
0%
+10 TZYREKJY Djibouti
0%
+9 UAZSFLKZ Djibouti
0%
+8 VBATGMLA Djibouti
0%
+7 WCBUHNMB Djibouti
0%
+6 XDCVIONC Djibouti
0%
+5 YEDWJPOD Djibouti
0%
+4 ZFEXKQPE Djibouti
0%
+3 AGFYLRQF Djibouti
0%
+2 BHGZMSRG Djibouti
0%
+1 CIHANTSH Djibouti
0%
-1 EPNJOJRVF Dominique
0%
-2 FQOKPKSWG Dominique
0%
-3 GRPLQLTXH Dominique
0%
-4 HSQMRMUYI Dominique
0%
-5 ITRNSNVZJ Dominique
0%
-6 JUSOTOWAK Dominique
0%
-7 KVTPUPXBL Dominique
0%
-8 LWUQVQYCM Dominique
0%
-9 MXVRWRZDN Dominique
0%
-10 NYWSXSAEO Dominique
0%
-11 OZXTYTBFP Dominique
0%
-12 PAYUZUCGQ Dominique
0%
13 QBZVAVDHR Dominique
0%
+12 RCAWBWEIS Dominique
0%
+11 SDBXCXFJT Dominique
0%
+10 TECYDYGKU Dominique
0%
+9 UFDZEZHLV Dominique
0%
+8 VGEAFAIMW Dominique
0%
+7 WHFBGBJNX Dominique
0%
+6 XIGCHCKOY Dominique
0%
+5 YJHDIDLPZ Dominique
0%
+4 ZKIEJEMQA Dominique
0%
+3 ALJFKFNRB Dominique
0%
+2 BMKGLGOSC Dominique
0%
+1 CNLHMHPTD Dominique
0%
-1 FHZQUF Égypte
0%
-2 GIARVG Égypte
0%
-3 HJBSWH Égypte
0%
-4 IKCTXI Égypte
0%
-5 JLDUYJ Égypte
0%
-6 KMEVZK Égypte
0%
-7 LNFWAL Égypte
0%
-8 MOGXBM Égypte
0%
-9 NPHYCN Égypte
0%
-10 OQIZDO Égypte
0%
-11 PRJAEP Égypte
0%
-12 QSKBFQ Égypte
0%
13 RTLCGR Égypte
0%
+12 SUMDHS Égypte
0%
+11 TVNEIT Égypte
0%
+9 VXPGKV Égypte
0%
+8 WYQHLW Égypte
0%
+7 XZRIMX Égypte
0%
+6 YASJNY Égypte
0%
+5 ZBTKOZ Égypte
0%
+4 ACULPA Égypte
0%
+3 BDVMQB Égypte
0%
+2 CEWNRC Égypte
0%
+1 DFXOSD Égypte
0%
-1 FNJSBUTBSBCFTVOJT Émirats Arabes Unis
0%
-2 GOKTCVUCTCDGUWPKU Émirats Arabes Unis
0%
-3 HPLUDWVDUDEHVXQLV Émirats Arabes Unis
0%
-4 IQMVEXWEVEFIWYRMW Émirats Arabes Unis
0%
-5 JRNWFYXFWFGJXZSNX Émirats Arabes Unis
0%
-6 KSOXGZYGXGHKYATOY Émirats Arabes Unis
0%
-8 MUQZIBAIZIJMACVQA Émirats Arabes Unis
0%
-9 NVRAJCBJAJKNBDWRB Émirats Arabes Unis
0%
-10 OWSBKDCKBKLOCEXSC Émirats Arabes Unis
0%
-11 PXTCLEDLCLMPDFYTD Émirats Arabes Unis
0%
-12 QYUDMFEMDMNQEGZUE Émirats Arabes Unis
0%
13 RZVENGFNENORFHAVF Émirats Arabes Unis
0%
+12 SAWFOHGOFOPSGIBWG Émirats Arabes Unis
0%
+11 TBXGPIHPGPQTHJCXH Émirats Arabes Unis
0%
+10 UCYHQJIQHQRUIKDYI Émirats Arabes Unis
0%
+9 VDZIRKJRIRSVJLEZJ Émirats Arabes Unis
0%
+8 WEAJSLKSJSTWKMFAK Émirats Arabes Unis
0%
+7 XFBKTMLTKTUXLNGBL Émirats Arabes Unis
0%
+6 YGCLUNMULUVYMOHCM Émirats Arabes Unis
0%
+5 ZHDMVONVMVWZNPIDN Émirats Arabes Unis
0%
+3 BJFOXQPXOXYBPRKFP Émirats Arabes Unis
0%
+2 CKGPYRQYPYZCQSLGQ Émirats Arabes Unis
0%
+1 DLHQZSRZQZADRTMHR Émirats Arabes Unis
0%
-1 FRVBUFVS Équateur
0%
-2 GSWCVGWT Équateur
0%
-3 HTXDWHXU Équateur
0%
-4 IUYEXIYV Équateur
0%
-5 JVZFYJZW Équateur
0%
-6 KWAGZKAX Équateur
0%
-7 LXBHALBY Équateur
0%
-8 MYCIBMCZ Équateur
0%
-9 NZDJCNDA Équateur
0%
-10 OAEKDOEB Équateur
0%
-11 PBFLEPFC Équateur
0%
-12 QCGMFQGD Équateur
0%
13 RDHNGRHE Équateur
0%
+12 SEIOHSIF Équateur
0%
+11 TFJPITJG Équateur
0%
+10 UGKQJUKH Équateur
0%
+9 VHLRKVLI Équateur
0%
+8 WIMSLWMJ Équateur
0%
+7 XJNTMXNK Équateur
0%
+6 YKOUNYOL Équateur
0%
+5 ZLPVOZPM Équateur
0%
+4 AMQWPAQN Équateur
0%
+3 BNRXQBRO Équateur
0%
+2 COSYRCSP Équateur
0%
+1 DPTZSDTQ Équateur
0%
-1 FSZUISFF Érythrée
0%
-2 GTAVJTGG Érythrée
0%
-3 HUBWKUHH Érythrée
0%
-4 IVCXLVII Érythrée
0%
-5 JWDYMWJJ Érythrée
0%
-6 KXEZNXKK Érythrée
0%
-7 LYFAOYLL Érythrée
0%
-8 MZGBPZMM Érythrée
0%
-9 NAHCQANN Érythrée
0%
-10 OBIDRBOO Érythrée
0%
-11 PCJESCPP Érythrée
0%
-12 QDKFTDQQ Érythrée
0%
13 RELGUERR Érythrée
0%
+11 TGNIWGTT Érythrée
0%
+10 UHOJXHUU Érythrée
0%
+9 VIPKYIVV Érythrée
0%
+8 WJQLZJWW Érythrée
0%
+7 XKRMAKXX Érythrée
0%
+6 YLSNBLYY Érythrée
0%
+5 ZMTOCMZZ Érythrée
0%
+4 ANUPDNAA Érythrée
0%
+3 BOVQEOBB Érythrée
0%
+2 CPWRFPCC Érythrée
0%
+1 DQXSGQDD Érythrée
0%
-1 FTQBHOF Espagne
0%
-2 GURCIPG Espagne
0%
-3 HVSDJQH Espagne
0%
-4 IWTEKRI Espagne
0%
-5 JXUFLSJ Espagne
0%
-6 KYVGMTK Espagne
0%
-7 LZWHNUL Espagne
0%
-8 MAXIOVM Espagne
0%
-9 NBYJPWN Espagne
0%
-10 OCZKQXO Espagne
0%
-11 PDALRYP Espagne
0%
-12 QEBMSZQ Espagne
0%
13 RFCNTAR Espagne
0%
+12 SGDOUBS Espagne
0%
+11 THEPVCT Espagne
0%
+10 UIFQWDU Espagne
0%
+9 VJGRXEV Espagne
0%
+8 WKHSYFW Espagne
0%
+7 XLITZGX Espagne
0%
+6 YMJUAHY Espagne
0%
+5 ZNKVBIZ Espagne
0%
+4 AOLWCJA Espagne
0%
+3 BPMXDKB Espagne
0%
+2 CQNYELC Espagne
0%
+1 DROZFMD Espagne
0%
-1 FTUPOJF Estonie
0%
-2 GUVQPKG Estonie
0%
-3 HVWRQLH Estonie
0%
-4 IWXSRMI Estonie
0%
-5 JXYTSNJ Estonie
0%
-6 KYZUTOK Estonie
0%
-7 LZAVUPL Estonie
0%
-8 MABWVQM Estonie
0%
-9 NBCXWRN Estonie
0%
-10 OCDYXSO Estonie
0%
-11 PDEZYTP Estonie
0%
-12 QEFAZUQ Estonie
0%
13 RFGBAVR Estonie
0%
+12 SGHCBWS Estonie
0%
+11 THIDCXT Estonie
0%
+10 UIJEDYU Estonie
0%
+9 VJKFEZV Estonie
0%
+8 WKLGFAW Estonie
0%
+7 XLMHGBX Estonie
0%
+6 YMNIHCY Estonie
0%
+5 ZNOJIDZ Estonie
0%
+4 AOPKJEA Estonie
0%
+3 BPQLKFB Estonie
0%
+2 CQRMLGC Estonie
0%
+1 DRSNMHD Estonie
0%
-1 FTXBUJOJ Eswatini
0%
-2 GUYCVKPK Eswatini
0%
-3 HVZDWLQL Eswatini
0%
-4 IWAEXMRM Eswatini
0%
-5 JXBFYNSN Eswatini
0%
-6 KYCGZOTO Eswatini
0%
-7 LZDHAPUP Eswatini
0%
-8 MAEIBQVQ Eswatini
0%
-9 NBFJCRWR Eswatini
0%
-10 OCGKDSXS Eswatini
0%
-11 PDHLETYT Eswatini
0%
-12 QEIMFUZU Eswatini
0%
13 RFJNGVAV Eswatini
0%
+12 SGKOHWBW Eswatini
0%
+11 THLPIXCX Eswatini
0%
+10 UIMQJYDY Eswatini
0%
+9 VJNRKZEZ Eswatini
0%
+8 WKOSLAFA Eswatini
0%
+7 XLPTMBGB Eswatini
0%
+6 YMQUNCHC Eswatini
0%
+5 ZNRVODID Eswatini
0%
+4 AOSWPEJE Eswatini
0%
+3 BPTXQFKF Eswatini
0%
+2 CQUYRGLG Eswatini
0%
+1 DRVZSHMH Eswatini
0%
-1 FUBUTGFEFSFTEFNJDSPOFTJF États Fédérés de Micronésie
0%
-2 GVCVUHGFGTGUFGOKETQPGUKG États Fédérés de Micronésie
0%
-3 HWDWVIHGHUHVGHPLFURQHVLH États Fédérés de Micronésie
0%
-4 IXEXWJIHIVIWHIQMGVSRIWMI États Fédérés de Micronésie
0%
-5 JYFYXKJIJWJXIJRNHWTSJXNJ États Fédérés de Micronésie
0%
-6 KZGZYLKJKXKYJKSOIXUTKYOK États Fédérés de Micronésie
0%
-7 LAHAZMLKLYLZKLTPJYVULZPL États Fédérés de Micronésie
0%
-8 MBIBANMLMZMALMUQKZWVMAQM États Fédérés de Micronésie
0%
-9 NCJCBONMNANBMNVRLAXWNBRN États Fédérés de Micronésie
0%
-10 ODKDCPONOBOCNOWSMBYXOCSO États Fédérés de Micronésie
0%
-11 PELEDQPOPCPDOPXTNCZYPDTP États Fédérés de Micronésie
0%
-12 QFMFERQPQDQEPQYUODAZQEUQ États Fédérés de Micronésie
0%
13 RGNGFSRQRERFQRZVPEBARFVR États Fédérés de Micronésie
0%
+12 SHOHGTSRSFSGRSAWQFCBSGWS États Fédérés de Micronésie
0%
+11 TIPIHUTSTGTHSTBXRGDCTHXT États Fédérés de Micronésie
0%
+10 UJQJIVUTUHUITUCYSHEDUIYU États Fédérés de Micronésie
0%
+9 VKRKJWVUVIVJUVDZTIFEVJZV États Fédérés de Micronésie
0%
+8 WLSLKXWVWJWKVWEAUJGFWKAW États Fédérés de Micronésie
0%
+7 XMTMLYXWXKXLWXFBVKHGXLBX États Fédérés de Micronésie
0%
+6 YNUNMZYXYLYMXYGCWLIHYMCY États Fédérés de Micronésie
0%
+5 ZOVONAZYZMZNYZHDXMJIZNDZ États Fédérés de Micronésie
0%
+4 APWPOBAZANAOZAIEYNKJAOEA États Fédérés de Micronésie
0%
+3 BQXQPCBABOBPABJFZOLKBPFB États Fédérés de Micronésie
0%
+2 CRYRQDCBCPCQBCKGAPMLCQGC États Fédérés de Micronésie
0%
+1 DSZSREDCDQDRCDLHBQNMDRHD États Fédérés de Micronésie
0%
-1 FUBUTVOJT États-Unis
0%
-2 GVCVUWPKU États-Unis
0%
-3 HWDWVXQLV États-Unis
0%
-4 IXEXWYRMW États-Unis
0%
-5 JYFYXZSNX États-Unis
0%
-6 KZGZYATOY États-Unis
0%
-7 LAHAZBUPZ États-Unis
0%
-8 MBIBACVQA États-Unis
0%
-9 NCJCBDWRB États-Unis
0%
-10 ODKDCEXSC États-Unis
0%
-11 PELEDFYTD États-Unis
0%
-12 QFMFEGZUE États-Unis
0%
13 RGNGFHAVF États-Unis
0%
+12 SHOHGIBWG États-Unis
0%
+11 TIPIHJCXH États-Unis
0%
+10 UJQJIKDYI États-Unis
0%
+9 VKRKJLEZJ États-Unis
0%
+8 WLSLKMFAK États-Unis
0%
+6 YNUNMOHCM États-Unis
0%
+5 ZOVONPIDN États-Unis
0%
+4 APWPOQJEO États-Unis
0%
+3 BQXQPRKFP États-Unis
0%
+2 CRYRQSLGQ États-Unis
0%
+1 DSZSRTMHR États-Unis
0%
-1 FUIJPQJF Éthiopie
0%
-2 GVJKQRKG Éthiopie
0%
-3 HWKLRSLH Éthiopie
0%
-4 IXLMSTMI Éthiopie
0%
-5 JYMNTUNJ Éthiopie
0%
-6 KZNOUVOK Éthiopie
0%
-7 LAOPVWPL Éthiopie
0%
-8 MBPQWXQM Éthiopie
0%
-9 NCQRXYRN Éthiopie
0%
-10 ODRSYZSO Éthiopie
0%
-11 PESTZATP Éthiopie
0%
-12 QFTUABUQ Éthiopie
0%
13 RGUVBCVR Éthiopie
0%
+12 SHVWCDWS Éthiopie
0%
+11 TIWXDEXT Éthiopie
0%
+10 UJXYEFYU Éthiopie
0%
+9 VKYZFGZV Éthiopie
0%
+8 WLZAGHAW Éthiopie
0%
+6 YNBCIJCY Éthiopie
0%
+5 ZOCDJKDZ Éthiopie
0%
+4 APDEKLEA Éthiopie
0%
+3 BQEFLMFB Éthiopie
0%
+2 CRFGMNGC Éthiopie
0%
+1 DSGHNOHD Éthiopie
0%
-1 GJEKJ Fidji
0%
-2 HKFLK Fidji
0%
-3 ILGML Fidji
0%
-4 JMHNM Fidji
0%
-5 KNION Fidji
0%
-6 LOJPO Fidji
0%
-7 MPKQP Fidji
0%
-8 NQLRQ Fidji
0%
-9 ORMSR Fidji
0%
-10 PSNTS Fidji
0%
-11 QTOUT Fidji
0%
-12 RUPVU Fidji
0%
13 SVQWV Fidji
0%
+12 TWRXW Fidji
0%
+11 UXSYX Fidji
0%
+10 VYTZY Fidji
0%
+9 WZUAZ Fidji
0%
+8 XAVBA Fidji
0%
+7 YBWCB Fidji
0%
+6 ZCXDC Fidji
0%
+5 ADYED Fidji
0%
+4 BEZFE Fidji
0%
+3 CFAGF Fidji
0%
+2 DGBHG Fidji
0%
+1 EHCIH Fidji
0%
-1 GJOMBOEF Finlande
0%
-2 HKPNCPFG Finlande
0%
-3 ILQODQGH Finlande
0%
-4 JMRPERHI Finlande
0%
-5 KNSQFSIJ Finlande
0%
-6 LOTRGTJK Finlande
0%
-7 MPUSHUKL Finlande
0%
-8 NQVTIVLM Finlande
0%
-9 ORWUJWMN Finlande
0%
-10 PSXVKXNO Finlande
0%
-11 QTYWLYOP Finlande
0%
-12 RUZXMZPQ Finlande
0%
13 SVAYNAQR Finlande
0%
+12 TWBZOBRS Finlande
0%
+11 UXCAPCST Finlande
0%
+10 VYDBQDTU Finlande
0%
+9 WZECREUV Finlande
0%
+8 XAFDSFVW Finlande
0%
+7 YBGETGWX Finlande
0%
+6 ZCHFUHXY Finlande
0%
+5 ADIGVIYZ Finlande
0%
+4 BEJHWJZA Finlande
0%
+3 CFKIXKAB Finlande
0%
+2 DGLJYLBC Finlande
0%
+1 EHMKZMCD Finlande
0%
-1 GSBODF France
0%
-2 HTCPEG France
0%
-3 IUDQFH France
0%
-4 JVERGI France
0%
-5 KWFSHJ France
0%
-6 LXGTIK France
0%
-7 MYHUJL France
0%
-8 NZIVKM France
0%
-9 OAJWLN France
0%
-10 PBKXMO France
0%
-11 QCLYNP France
0%
-12 RDMZOQ France
0%
13 SENAPR France
0%
+12 TFOBQS France
0%
+11 UGPCRT France
0%
+10 VHQDSU France
0%
+9 WIRETV France
0%
+8 XJSFUW France
0%
+7 YKTGVX France
0%
+6 ZLUHWY France
0%
+5 AMVIXZ France
0%
+4 BNWJYA France
0%
+3 COXKZB France
0%
+2 DPYLAC France
0%
+1 EQZMBD France
0%
-1 HBCPO Gabon
0%
-2 ICDQP Gabon
0%
-4 KEFSR Gabon
0%
-5 LFGTS Gabon
0%
-6 MGHUT Gabon
0%
-7 NHIVU Gabon
0%
-8 OIJWV Gabon
0%
-9 PJKXW Gabon
0%
-10 QKLYX Gabon
0%
-11 RLMZY Gabon
0%
-12 SMNAZ Gabon
0%
13 TNOBA Gabon
0%
+12 UOPCB Gabon
0%
+11 VPQDC Gabon
0%
+10 WQRED Gabon
0%
+9 XRSFE Gabon
0%
+8 YSTGF Gabon
0%
+7 ZTUHG Gabon
0%
+6 AUVIH Gabon
0%
+5 BVWJI Gabon
0%
+4 CWXKJ Gabon
0%
+3 DXYLK Gabon
0%
+2 EYZML Gabon
0%
+1 FZANM Gabon
0%
-1 HBNCJF Gambie
0%
-2 ICODKG Gambie
0%
-3 JDPELH Gambie
0%
-4 KEQFMI Gambie
0%
-5 LFRGNJ Gambie
0%
-6 MGSHOK Gambie
0%
-7 NHTIPL Gambie
0%
-8 OIUJQM Gambie
0%
-9 PJVKRN Gambie
0%
-10 QKWLSO Gambie
0%
-11 RLXMTP Gambie
0%
-12 SMYNUQ Gambie
0%
13 TNZOVR Gambie
0%
+12 UOAPWS Gambie
0%
+11 VPBQXT Gambie
0%
+10 WQCRYU Gambie
0%
+9 XRDSZV Gambie
0%
+8 YSETAW Gambie
0%
+7 ZTFUBX Gambie
0%
+6 AUGVCY Gambie
0%
+5 BVHWDZ Gambie
0%
+4 CWIXEA Gambie
0%
+1 FZLAHD Gambie
0%
-1 HFPSHJF Géorgie
0%
-2 IGQTIKG Géorgie
0%
-3 JHRUJLH Géorgie
0%
-4 KISVKMI Géorgie
0%
-5 LJTWLNJ Géorgie
0%
-6 MKUXMOK Géorgie
0%
-7 NLVYNPL Géorgie
0%
-8 OMWZOQM Géorgie
0%
-9 PNXAPRN Géorgie
0%
-10 QOYBQSO Géorgie
0%
-11 RPZCRTP Géorgie
0%
-12 SQADSUQ Géorgie
0%
13 TRBETVR Géorgie
0%
+12 USCFUWS Géorgie
0%
+11 VTDGVXT Géorgie
0%
+10 WUEHWYU Géorgie
0%
+9 XVFIXZV Géorgie
0%
+8 YWGJYAW Géorgie
0%
+7 ZXHKZBX Géorgie
0%
+6 AYILACY Géorgie
0%
+5 BZJMBDZ Géorgie
0%
+4 CAKNCEA Géorgie
0%
+3 DBLODFB Géorgie
0%
+2 ECMPEGC Géorgie
0%
+1 FDNQFHD Géorgie
0%
-1 HIBOB Ghana
0%
-2 IJCPC Ghana
0%
-3 JKDQD Ghana
0%
-4 KLERE Ghana
0%
-5 LMFSF Ghana
0%
-6 MNGTG Ghana
0%
-7 NOHUH Ghana
0%
-8 OPIVI Ghana
0%
-9 PQJWJ Ghana
0%
-10 QRKXK Ghana
0%
-11 RSLYL Ghana
0%
-12 STMZM Ghana
0%
13 TUNAN Ghana
0%
+12 UVOBO Ghana
0%
+11 VWPCP Ghana
0%
+10 WXQDQ Ghana
0%
+9 XYRER Ghana
0%
+8 YZSFS Ghana
0%
+7 ZATGT Ghana
0%
+6 ABUHU Ghana
0%
+5 BCVIV Ghana
0%
+4 CDWJW Ghana
0%
+3 DEXKX Ghana
0%
+2 EFYLY Ghana
0%
+1 FGZMZ Ghana
0%
-1 HSFDF Grèce
0%
-3 JUHFH Grèce
0%
-4 KVIGI Grèce
0%
-5 LWJHJ Grèce
0%
-6 MXKIK Grèce
0%
-7 NYLJL Grèce
0%
-8 OZMKM Grèce
0%
-9 PANLN Grèce
0%
-10 QBOMO Grèce
0%
-11 RCPNP Grèce
0%
-12 SDQOQ Grèce
0%
13 TERPR Grèce
0%
+12 UFSQS Grèce
0%
+11 VGTRT Grèce
0%
+10 WHUSU Grèce
0%
+9 XIVTV Grèce
0%
+8 YJWUW Grèce
0%
+7 ZKXVX Grèce
0%
+6 ALYWY Grèce
0%
+5 BMZXZ Grèce
0%
+4 CNAYA Grèce
0%
+3 DOBZB Grèce
0%
+2 EPCAC Grèce
0%
+1 FQDBD Grèce
0%
-2 ITGPCFG Grenade
0%
-3 JUHQDGH Grenade
0%
-4 KVIREHI Grenade
0%
-5 LWJSFIJ Grenade
0%
-6 MXKTGJK Grenade
0%
-7 NYLUHKL Grenade
0%
-8 OZMVILM Grenade
0%
-9 PANWJMN Grenade
0%
-10 QBOXKNO Grenade
0%
-11 RCPYLOP Grenade
0%
-12 SDQZMPQ Grenade
0%
13 TERANQR Grenade
0%
+12 UFSBORS Grenade
0%
+11 VGTCPST Grenade
0%
+10 WHUDQTU Grenade
0%
+8 YJWFSVW Grenade
0%
+7 ZKXGTWX Grenade
0%
+6 ALYHUXY Grenade
0%
+5 BMZIVYZ Grenade
0%
+4 CNAJWZA Grenade
0%
+3 DOBKXAB Grenade
0%
+2 EPCLYBC Grenade
0%
+1 FQDMZCD Grenade
0%
-1 HVBUFNBMB Guatemala
0%
-2 IWCVGOCNC Guatemala
0%
-3 JXDWHPDOD Guatemala
0%
-4 KYEXIQEPE Guatemala
0%
-5 LZFYJRFQF Guatemala
0%
-6 MAGZKSGRG Guatemala
0%
-7 NBHALTHSH Guatemala
0%
-8 OCIBMUITI Guatemala
0%
-9 PDJCNVJUJ Guatemala
0%
-10 QEKDOWKVK Guatemala
0%
-11 RFLEPXLWL Guatemala
0%
-12 SGMFQYMXM Guatemala
0%
13 THNGRZNYN Guatemala
0%
+12 UIOHSAOZO Guatemala
0%
+11 VJPITBPAP Guatemala
0%
+10 WKQJUCQBQ Guatemala
0%
+9 XLRKVDRCR Guatemala
0%
+8 YMSLWESDS Guatemala
0%
+7 ZNTMXFTET Guatemala
0%
+6 AOUNYGUFU Guatemala
0%
+5 BPVOZHVGV Guatemala
0%
+4 CQWPAIWHW Guatemala
0%
+3 DRXQBJXIX Guatemala
0%
+2 ESYRCKYJY Guatemala
0%
+1 FTZSDLZKZ Guatemala
0%
-1 HVJOFF Guinée
0%
-2 IWKPGG Guinée
0%
-3 JXLQHH Guinée
0%
-4 KYMRII Guinée
0%
-5 LZNSJJ Guinée
0%
-6 MAOTKK Guinée
0%
-7 NBPULL Guinée
0%
-8 OCQVMM Guinée
0%
-9 PDRWNN Guinée
0%
-10 QESXOO Guinée
0%
-11 RFTYPP Guinée
0%
-12 SGUZQQ Guinée
0%
13 THVARR Guinée
0%
+12 UIWBSS Guinée
0%
+11 VJXCTT Guinée
0%
+10 WKYDUU Guinée
0%
+9 XLZEVV Guinée
0%
+8 YMAFWW Guinée
0%
+7 ZNBGXX Guinée
0%
+6 AOCHYY Guinée
0%
+5 BPDIZZ Guinée
0%
+4 CQEJAA Guinée
0%
+3 DRFKBB Guinée
0%
+2 ESGLCC Guinée
0%
+1 FTHMDD Guinée
0%
-1 HVJOFFCJTTBV Guinée-Bissau
0%
-2 IWKPGGDKUUCW Guinée-Bissau
0%
-3 JXLQHHELVVDX Guinée-Bissau
0%
-4 KYMRIIFMWWEY Guinée-Bissau
0%
-5 LZNSJJGNXXFZ Guinée-Bissau
0%
-6 MAOTKKHOYYGA Guinée-Bissau
0%
-7 NBPULLIPZZHB Guinée-Bissau
0%
-8 OCQVMMJQAAIC Guinée-Bissau
0%
-9 PDRWNNKRBBJD Guinée-Bissau
0%
-10 QESXOOLSCCKE Guinée-Bissau
0%
-11 RFTYPPMTDDLF Guinée-Bissau
0%
-12 SGUZQQNUEEMG Guinée-Bissau
0%
13 THVARROVFFNH Guinée-Bissau
0%
+12 UIWBSSPWGGOI Guinée-Bissau
0%
+11 VJXCTTQXHHPJ Guinée-Bissau
0%
+10 WKYDUURYIIQK Guinée-Bissau
0%
+9 XLZEVVSZJJRL Guinée-Bissau
0%
+8 YMAFWWTAKKSM Guinée-Bissau
0%
+7 ZNBGXXUBLLTN Guinée-Bissau
0%
+6 AOCHYYVCMMUO Guinée-Bissau
0%
+5 BPDIZZWDNNVP Guinée-Bissau
0%
+4 CQEJAAXEOOWQ Guinée-Bissau
0%
+3 DRFKBBYFPPXR Guinée-Bissau
0%
+2 ESGLCCZGQQYS Guinée-Bissau
0%
+1 FTHMDDAHRRZT Guinée-Bissau
0%
-1 HVJOFFFRVBUPSJBMF Guinée Équatoriale
0%
-2 IWKPGGGSWCVQTKCNG Guinée Équatoriale
0%
-3 JXLQHHHTXDWRULDOH Guinée Équatoriale
0%
-4 KYMRIIIUYEXSVMEPI Guinée Équatoriale
0%
-5 LZNSJJJVZFYTWNFQJ Guinée Équatoriale
0%
-6 MAOTKKKWAGZUXOGRK Guinée Équatoriale
0%
-7 NBPULLLXBHAVYPHSL Guinée Équatoriale
0%
-8 OCQVMMMYCIBWZQITM Guinée Équatoriale
0%
-9 PDRWNNNZDJCXARJUN Guinée Équatoriale
0%
-10 QESXOOOAEKDYBSKVO Guinée Équatoriale
0%
-11 RFTYPPPBFLEZCTLWP Guinée Équatoriale
0%
-12 SGUZQQQCGMFADUMXQ Guinée Équatoriale
0%
13 THVARRRDHNGBEVNYR Guinée Équatoriale
0%
+12 UIWBSSSEIOHCFWOZS Guinée Équatoriale
0%
+11 VJXCTTTFJPIDGXPAT Guinée Équatoriale
0%
+10 WKYDUUUGKQJEHYQBU Guinée Équatoriale
0%
+9 XLZEVVVHLRKFIZRCV Guinée Équatoriale
0%
+8 YMAFWWWIMSLGJASDW Guinée Équatoriale
0%
+7 ZNBGXXXJNTMHKBTEX Guinée Équatoriale
0%
+6 AOCHYYYKOUNILCUFY Guinée Équatoriale
0%
+5 BPDIZZZLPVOJMDVGZ Guinée Équatoriale
0%
+4 CQEJAAAMQWPKNEWHA Guinée Équatoriale
0%
+3 DRFKBBBNRXQLOFXIB Guinée Équatoriale
0%
+2 ESGLCCCOSYRMPGYJC Guinée Équatoriale
0%
+1 FTHMDDDPTZSNQHZKD Guinée Équatoriale
0%
-1 HVZBOB Guyana
0%
-2 IWACPC Guyana
0%
-3 JXBDQD Guyana
0%
-4 KYCERE Guyana
0%
-5 LZDFSF Guyana
0%
-6 MAEGTG Guyana
0%
-7 NBFHUH Guyana
0%
-8 OCGIVI Guyana
0%
-9 PDHJWJ Guyana
0%
-10 QEIKXK Guyana
0%
-11 RFJLYL Guyana
0%
-12 SGKMZM Guyana
0%
13 THLNAN Guyana
0%
+12 UIMOBO Guyana
0%
+11 VJNPCP Guyana
0%
+10 WKOQDQ Guyana
0%
+9 XLPRER Guyana
0%
+8 YMQSFS Guyana
0%
+7 ZNRTGT Guyana
0%
+6 AOSUHU Guyana
0%
+5 BPTVIV Guyana
0%
+4 CQUWJW Guyana
0%
+3 DRVXKX Guyana
0%
+2 ESWYLY Guyana
0%
+1 FTXZMZ Guyana
0%
-1 IBJUJ Haïti
0%
-2 JCKVK Haïti
0%
-3 KDLWL Haïti
0%
-4 LEMXM Haïti
0%
-5 MFNYN Haïti
0%
-6 NGOZO Haïti
0%
-7 OHPAP Haïti
0%
-8 PIQBQ Haïti
0%
-9 QJRCR Haïti
0%
-10 RKSDS Haïti
0%
-11 SLTET Haïti
0%
-12 TMUFU Haïti
0%
13 UNVGV Haïti
0%
+12 VOWHW Haïti
0%
+11 WPXIX Haïti
0%
+10 XQYJY Haïti
0%
+9 YRZKZ Haïti
0%
+8 ZSALA Haïti
0%
+7 ATBMB Haïti
0%
+6 BUCNC Haïti
0%
+5 CVDOD Haïti
0%
+4 DWEPE Haïti
0%
+3 EXFQF Haïti
0%
+2 FYGRG Haïti
0%
+1 GZHSH Haïti
0%
-1 IPOEVSBT Honduras
0%
-2 JQPFWTCU Honduras
0%
-3 KRQGXUDV Honduras
0%
-4 LSRHYVEW Honduras
0%
-5 MTSIZWFX Honduras
0%
-6 NUTJAXGY Honduras
0%
-7 OVUKBYHZ Honduras
0%
-8 PWVLCZIA Honduras
0%
-9 QXWMDAJB Honduras
0%
-10 RYXNEBKC Honduras
0%
-11 SZYOFCLD Honduras
0%
-12 TAZPGDME Honduras
0%
13 UBAQHENF Honduras
0%
+12 VCBRIFOG Honduras
0%
+11 WDCSJGPH Honduras
0%
+10 XEDTKHQI Honduras
0%
+9 YFEULIRJ Honduras
0%
+8 ZGFVMJSK Honduras
0%
+7 AHGWNKTL Honduras
0%
+6 BIHXOLUM Honduras
0%
+5 CJIYPMVN Honduras
0%
+4 DKJZQNWO Honduras
0%
+3 ELKAROXP Honduras
0%
+2 FMLBSPYQ Honduras
0%
+1 GNMCTQZR Honduras
0%
-1 IPOHSJF Hongrie
0%
-2 JQPITKG Hongrie
0%
-3 KRQJULH Hongrie
0%
-4 LSRKVMI Hongrie
0%
-5 MTSLWNJ Hongrie
0%
-6 NUTMXOK Hongrie
0%
-7 OVUNYPL Hongrie
0%
-8 PWVOZQM Hongrie
0%
-9 QXWPARN Hongrie
0%
-10 RYXQBSO Hongrie
0%
-11 SZYRCTP Hongrie
0%
-12 TAZSDUQ Hongrie
0%
13 UBATEVR Hongrie
0%
+11 WDCVGXT Hongrie
0%
+10 XEDWHYU Hongrie
0%
+9 YFEXIZV Hongrie
0%
+8 ZGFYJAW Hongrie
0%
+7 AHGZKBX Hongrie
0%
+6 BIHALCY Hongrie
0%
+5 CJIBMDZ Hongrie
0%
+4 DKJCNEA Hongrie
0%
+3 ELKDOFB Hongrie
0%
+2 FMLEPGC Hongrie
0%
+1 GNMFQHD Hongrie
0%
-1 JMFTNBSTIBMM Îles Marshall
0%
-2 KNGUOCTUJCNN Îles Marshall
0%
-3 LOHVPDUVKDOO Îles Marshall
0%
-4 MPIWQEVWLEPP Îles Marshall
0%
-5 NQJXRFWXMFQQ Îles Marshall
0%
-6 ORKYSGXYNGRR Îles Marshall
0%
-7 PSLZTHYZOHSS Îles Marshall
0%
-8 QTMAUIZAPITT Îles Marshall
0%
-9 RUNBVJABQJUU Îles Marshall
0%
-10 SVOCWKBCRKVV Îles Marshall
0%
-11 TWPDXLCDSLWW Îles Marshall
0%
-12 UXQEYMDETMXX Îles Marshall
0%
13 VYRFZNEFUNYY Îles Marshall
0%
+12 WZSGAOFGVOZZ Îles Marshall
0%
+11 XATHBPGHWPAA Îles Marshall
0%
+10 YBUICQHIXQBB Îles Marshall
0%
+9 ZCVJDRIJYRCC Îles Marshall
0%
+8 ADWKESJKZSDD Îles Marshall
0%
+7 BEXLFTKLATEE Îles Marshall
0%
+6 CFYMGULMBUFF Îles Marshall
0%
+5 DGZNHVMNCVGG Îles Marshall
0%
+4 EHAOIWNODWHH Îles Marshall
0%
+3 FIBPJXOPEXII Îles Marshall
0%
+2 GJCQKYPQFYJJ Îles Marshall
0%
+1 HKDRLZQRGZKK Îles Marshall
0%
-1 JMFTTBMPNPO Îles Salomon
0%
-2 KNGUUCNQOQP Îles Salomon
0%
-3 LOHVVDORPRQ Îles Salomon
0%
-4 MPIWWEPSQSR Îles Salomon
0%
-5 NQJXXFQTRTS Îles Salomon
0%
-6 ORKYYGRUSUT Îles Salomon
0%
-7 PSLZZHSVTVU Îles Salomon
0%
-8 QTMAAITWUWV Îles Salomon
0%
-9 RUNBBJUXVXW Îles Salomon
0%
-10 SVOCCKVYWYX Îles Salomon
0%
-11 TWPDDLWZXZY Îles Salomon
0%
-12 UXQEEMXAYAZ Îles Salomon
0%
13 VYRFFNYBZBA Îles Salomon
0%
+12 WZSGGOZCACB Îles Salomon
0%
+11 XATHHPADBDC Îles Salomon
0%
+10 YBUIIQBECED Îles Salomon
0%
+9 ZCVJJRCFDFE Îles Salomon
0%
+8 ADWKKSDGEGF Îles Salomon
0%
+7 BEXLLTEHFHG Îles Salomon
0%
+6 CFYMMUFIGIH Îles Salomon
0%
+5 DGZNNVGJHJI Îles Salomon
0%
+4 EHAOOWHKIKJ Îles Salomon
0%
+3 FIBPPXILJLK Îles Salomon
0%
+2 GJCQQYJMKML Îles Salomon
0%
+1 HKDRRZKNLNM Îles Salomon
0%
-1 JOEF Inde
0%
-2 KPFG Inde
0%
-3 LQGH Inde
0%
-4 MRHI Inde
0%
-5 NSIJ Inde
0%
-6 OTJK Inde
0%
-7 PUKL Inde
0%
-8 QVLM Inde
0%
-9 RWMN Inde
0%
-10 SXNO Inde
0%
-11 TYOP Inde
0%
-12 UZPQ Inde
0%
13 VAQR Inde
0%
+12 WBRS Inde
0%
+11 XCST Inde
0%
+10 YDTU Inde
0%
+9 ZEUV Inde
0%
+8 AFVW Inde
0%
+7 BGWX Inde
0%
+6 CHXY Inde
0%
+5 DIYZ Inde
0%
+4 EJZA Inde
0%
+3 FKAB Inde
0%
+2 GLBC Inde
0%
+1 HMCD Inde
0%
-1 JOEPOFTJF Indonésie
0%
-2 KPFQPGUKG Indonésie
0%
-3 LQGRQHVLH Indonésie
0%
-4 MRHSRIWMI Indonésie
0%
-5 NSITSJXNJ Indonésie
0%
-6 OTJUTKYOK Indonésie
0%
-7 PUKVULZPL Indonésie
0%
-8 QVLWVMAQM Indonésie
0%
-9 RWMXWNBRN Indonésie
0%
-10 SXNYXOCSO Indonésie
0%
-11 TYOZYPDTP Indonésie
0%
-12 UZPAZQEUQ Indonésie
0%
13 VAQBARFVR Indonésie
0%
+12 WBRCBSGWS Indonésie
0%
+11 XCSDCTHXT Indonésie
0%
+10 YDTEDUIYU Indonésie
0%
+9 ZEUFEVJZV Indonésie
0%
+8 AFVGFWKAW Indonésie
0%
+7 BGWHGXLBX Indonésie
0%
+6 CHXIHYMCY Indonésie
0%
+5 DIYJIZNDZ Indonésie
0%
+4 EJZKJAOEA Indonésie
0%
+3 FKALKBPFB Indonésie
0%
+2 GLBMLCQGC Indonésie
0%
+1 HMCNMDRHD Indonésie
0%
-1 JSBL Irak
0%
-2 KTCM Irak
0%
-4 MVEO Irak
0%
-5 NWFP Irak
0%
-6 OXGQ Irak
0%
-7 PYHR Irak
0%
-8 QZIS Irak
0%
-9 RAJT Irak
0%
-10 SBKU Irak
0%
-11 TCLV Irak
0%
-12 UDMW Irak
0%
13 VENX Irak
0%
+12 WFOY Irak
0%
+11 XGPZ Irak
0%
+10 YHQA Irak
0%
+9 ZIRB Irak
0%
+8 AJSC Irak
0%
+7 BKTD Irak
0%
+6 CLUE Irak
0%
+5 DMVF Irak
0%
+4 ENWG Irak
0%
+3 FOXH Irak
0%
+2 GPYI Irak
0%
+1 HQZJ Irak
0%
-1 JSBO Iran
0%
-2 KTCP Iran
0%
-3 LUDQ Iran
0%
-4 MVER Iran
0%
-5 NWFS Iran
0%
-6 OXGT Iran
0%
-7 PYHU Iran
0%
-8 QZIV Iran
0%
-9 RAJW Iran
0%
-10 SBKX Iran
0%
-11 TCLY Iran
0%
-12 UDMZ Iran
0%
13 VENA Iran
0%
+12 WFOB Iran
0%
+11 XGPC Iran
0%
+10 YHQD Iran
0%
+9 ZIRE Iran
0%
+8 AJSF Iran
0%
+7 BKTG Iran
0%
+6 CLUH Iran
0%
+5 DMVI Iran
0%
+4 ENWJ Iran
0%
+3 FOXK Iran
0%
+2 GPYL Iran
0%
+1 HQZM Iran
0%
-1 JSMBOEF Irlande
0%
-2 KTNCPFG Irlande
0%
-3 LUODQGH Irlande
0%
-4 MVPERHI Irlande
0%
-5 NWQFSIJ Irlande
0%
-6 OXRGTJK Irlande
0%
-7 PYSHUKL Irlande
0%
-8 QZTIVLM Irlande
0%
-9 RAUJWMN Irlande
0%
-10 SBVKXNO Irlande
0%
-11 TCWLYOP Irlande
0%
-12 UDXMZPQ Irlande
0%
13 VEYNAQR Irlande
0%
+12 WFZOBRS Irlande
0%
+11 XGAPCST Irlande
0%
+10 YHBQDTU Irlande
0%
+9 ZICREUV Irlande
0%
+8 AJDSFVW Irlande
0%
+7 BKETGWX Irlande
0%
+6 CLFUHXY Irlande
0%
+5 DMGVIYZ Irlande
0%
+4 ENHWJZA Irlande
0%
+3 FOIXKAB Irlande
0%
+2 GPJYLBC Irlande
0%
+1 HQKZMCD Irlande
0%
-1 JTMBOEF Islande
0%
-2 KUNCPFG Islande
0%
-3 LVODQGH Islande
0%
-4 MWPERHI Islande
0%
-5 NXQFSIJ Islande
0%
-6 OYRGTJK Islande
0%
-7 PZSHUKL Islande
0%
-8 QATIVLM Islande
0%
-9 RBUJWMN Islande
0%
-10 SCVKXNO Islande
0%
-11 TDWLYOP Islande
0%
-12 UEXMZPQ Islande
0%
13 VFYNAQR Islande
0%
+12 WGZOBRS Islande
0%
+11 XHAPCST Islande
0%
+10 YIBQDTU Islande
0%
+8 AKDSFVW Islande
0%
+7 BLETGWX Islande
0%
+6 CMFUHXY Islande
0%
+5 DNGVIYZ Islande
0%
+4 EOHWJZA Islande
0%
+3 FPIXKAB Islande
0%
+2 GQJYLBC Islande
0%
+1 HRKZMCD Islande
0%
-1 JTSBFM Israël
0%
-2 KUTCGN Israël
0%
-3 LVUDHO Israël
0%
-4 MWVEIP Israël
0%
-5 NXWFJQ Israël
0%
-6 OYXGKR Israël
0%
-7 PZYHLS Israël
0%
-8 QAZIMT Israël
0%
-9 RBAJNU Israël
0%
-10 SCBKOV Israël
0%
-11 TDCLPW Israël
0%
-12 UEDMQX Israël
0%
13 VFENRY Israël
0%
+12 WGFOSZ Israël
0%
+11 XHGPTA Israël
0%
+10 YIHQUB Israël
0%
+9 ZJIRVC Israël
0%
+8 AKJSWD Israël
0%
+7 BLKTXE Israël
0%
+6 CMLUYF Israël
0%
+5 DNMVZG Israël
0%
+4 EONWAH Israël
0%
+3 FPOXBI Israël
0%
+2 GQPYCJ Israël
0%
+1 HRQZDK Israël
0%
-1 JUBMJF Italie
0%
-2 KVCNKG Italie
0%
-3 LWDOLH Italie
0%
-4 MXEPMI Italie
0%
-5 NYFQNJ Italie
0%
-6 OZGROK Italie
0%
-7 PAHSPL Italie
0%
-8 QBITQM Italie
0%
-9 RCJURN Italie
0%
-10 SDKVSO Italie
0%
-11 TELWTP Italie
0%
-12 UFMXUQ Italie
0%
13 VGNYVR Italie
0%
+12 WHOZWS Italie
0%
+11 XIPAXT Italie
0%
+10 YJQBYU Italie
0%
+9 ZKRCZV Italie
0%
+8 ALSDAW Italie
0%
+7 BMTEBX Italie
0%
+6 CNUFCY Italie
0%
+5 DOVGDZ Italie
0%
+4 EPWHEA Italie
0%
+3 FQXIFB Italie
0%
+2 GRYJGC Italie
0%
+1 HSZKHD Italie
0%
-1 KBNBJRVF Jamaïque
0%
-2 LCOCKSWG Jamaïque
0%
-3 MDPDLTXH Jamaïque
0%
-4 NEQEMUYI Jamaïque
0%
-5 OFRFNVZJ Jamaïque
0%
-6 PGSGOWAK Jamaïque
0%
-7 QHTHPXBL Jamaïque
0%
-8 RIUIQYCM Jamaïque
0%
-9 SJVJRZDN Jamaïque
0%
-11 ULXLTBFP Jamaïque
0%
-12 VMYMUCGQ Jamaïque
0%
13 WNZNVDHR Jamaïque
0%
+12 XOAOWEIS Jamaïque
0%
+11 YPBPXFJT Jamaïque
0%
+10 ZQCQYGKU Jamaïque
0%
+9 ARDRZHLV Jamaïque
0%
+8 BSESAIMW Jamaïque
0%
+7 CTFTBJNX Jamaïque
0%
+5 EVHVDLPZ Jamaïque
0%
+4 FWIWEMQA Jamaïque
0%
+3 GXJXFNRB Jamaïque
0%
+2 HYKYGOSC Jamaïque
0%
+1 IZLZHPTD Jamaïque
0%
-1 KBQPO Japon
0%
-2 LCRQP Japon
0%
-3 MDSRQ Japon
0%
-4 NETSR Japon
0%
-5 OFUTS Japon
0%
-6 PGVUT Japon
0%
-7 QHWVU Japon
0%
-8 RIXWV Japon
0%
-9 SJYXW Japon
0%
-10 TKZYX Japon
0%
-11 ULAZY Japon
0%
-12 VMBAZ Japon
0%
13 WNCBA Japon
0%
+12 XODCB Japon
0%
+10 ZQFED Japon
0%
+9 ARGFE Japon
0%
+8 BSHGF Japon
0%
+7 CTIHG Japon
0%
+6 DUJIH Japon
0%
+5 EVKJI Japon
0%
+4 FWLKJ Japon
0%
+3 GXMLK Japon
0%
+2 HYNML Japon
0%
+1 IZONM Japon
0%
-1 KPSEBOJF Jordanie
0%
-2 LQTFCPKG Jordanie
0%
-3 MRUGDQLH Jordanie
0%
-4 NSVHERMI Jordanie
0%
-6 PUXJGTOK Jordanie
0%
-7 QVYKHUPL Jordanie
0%
-8 RWZLIVQM Jordanie
0%
-9 SXAMJWRN Jordanie
0%
-10 TYBNKXSO Jordanie
0%
-11 UZCOLYTP Jordanie
0%
-12 VADPMZUQ Jordanie
0%
13 WBEQNAVR Jordanie
0%
+12 XCFROBWS Jordanie
0%
+11 YDGSPCXT Jordanie
0%
+10 ZEHTQDYU Jordanie
0%
+9 AFIUREZV Jordanie
0%
+8 BGJVSFAW Jordanie
0%
+7 CHKWTGBX Jordanie
0%
+6 DILXUHCY Jordanie
0%
+5 EJMYVIDZ Jordanie
0%
+4 FKNZWJEA Jordanie
0%
+3 GLOAXKFB Jordanie
0%
+2 HMPBYLGC Jordanie
0%
-1 LBABLITUBO Kazakhstan
0%
-2 MCBCMJUVCP Kazakhstan
0%
-3 NDCDNKVWDQ Kazakhstan
0%
-4 OEDEOLWXER Kazakhstan
0%
-5 PFEFPMXYFS Kazakhstan
0%
-6 QGFGQNYZGT Kazakhstan
0%
-7 RHGHROZAHU Kazakhstan
0%
-8 SIHISPABIV Kazakhstan
0%
-9 TJIJTQBCJW Kazakhstan
0%
-10 UKJKURCDKX Kazakhstan
0%
-11 VLKLVSDELY Kazakhstan
0%
-12 WMLMWTEFMZ Kazakhstan
0%
13 XNMNXUFGNA Kazakhstan
0%
+12 YONOYVGHOB Kazakhstan
0%
+11 ZPOPZWHIPC Kazakhstan
0%
+10 AQPQAXIJQD Kazakhstan
0%
+9 BRQRBYJKRE Kazakhstan
0%
+8 CSRSCZKLSF Kazakhstan
0%
+7 DTSTDALMTG Kazakhstan
0%
+6 EUTUEBMNUH Kazakhstan
0%
+5 FVUVFCNOVI Kazakhstan
0%
+4 GWVWGDOPWJ Kazakhstan
0%
+3 HXWXHEPQXK Kazakhstan
0%
+2 IYXYIFQRYL Kazakhstan
0%
+1 JZYZJGRSZM Kazakhstan
0%
-1 LFOZB Kenya
0%
-2 MGPAC Kenya
0%
-3 NHQBD Kenya
0%
-4 OIRCE Kenya
0%
-5 PJSDF Kenya
0%
-6 QKTEG Kenya
0%
-7 RLUFH Kenya
0%
-8 SMVGI Kenya
0%
-9 TNWHJ Kenya
0%
-10 UOXIK Kenya
0%
-11 VPYJL Kenya
0%
-12 WQZKM Kenya
0%
13 XRALN Kenya
0%
+12 YSBMO Kenya
0%
+11 ZTCNP Kenya
0%
+10 AUDOQ Kenya
0%
+9 BVEPR Kenya
0%
+8 CWFQS Kenya
0%
+7 DXGRT Kenya
0%
+6 EYHSU Kenya
0%
+5 FZITV Kenya
0%
+4 GAJUW Kenya
0%
+3 HBKVX Kenya
0%
+2 ICLWY Kenya
0%
+1 JDMXZ Kenya
0%
-1 LJSHIJAJTUBO Kirghizistan
0%
-2 MKTIJKBKUVCP Kirghizistan
0%
-3 NLUJKLCLVWDQ Kirghizistan
0%
-4 OMVKLMDMWXER Kirghizistan
0%
-5 PNWLMNENXYFS Kirghizistan
0%
-6 QOXMNOFOYZGT Kirghizistan
0%
-7 RPYNOPGPZAHU Kirghizistan
0%
-8 SQZOPQHQABIV Kirghizistan
0%
-9 TRAPQRIRBCJW Kirghizistan
0%
-10 USBQRSJSCDKX Kirghizistan
0%
-11 VTCRSTKTDELY Kirghizistan
0%
-12 WUDSTULUEFMZ Kirghizistan
0%
13 XVETUVMVFGNA Kirghizistan
0%
+12 YWFUVWNWGHOB Kirghizistan
0%
+11 ZXGVWXOXHIPC Kirghizistan
0%
+10 AYHWXYPYIJQD Kirghizistan
0%
+9 BZIXYZQZJKRE Kirghizistan
0%
+8 CAJYZARAKLSF Kirghizistan
0%
+7 DBKZABSBLMTG Kirghizistan
0%
+6 ECLABCTCMNUH Kirghizistan
0%
+5 FDMBCDUDNOVI Kirghizistan
0%
+4 GENCDEVEOPWJ Kirghizistan
0%
+2 IGPEFGXGQRYL Kirghizistan
0%
+1 JHQFGHYHRSZM Kirghizistan
0%
-1 LJSJCBUJ Kiribati
0%
-2 MKTKDCVK Kiribati
0%
-3 NLULEDWL Kiribati
0%
-4 OMVMFEXM Kiribati
0%
-5 PNWNGFYN Kiribati
0%
-6 QOXOHGZO Kiribati
0%
-7 RPYPIHAP Kiribati
0%
-8 SQZQJIBQ Kiribati
0%
-9 TRARKJCR Kiribati
0%
-10 USBSLKDS Kiribati
0%
-11 VTCTMLET Kiribati
0%
-12 WUDUNMFU Kiribati
0%
13 XVEVONGV Kiribati
0%
+12 YWFWPOHW Kiribati
0%
+11 ZXGXQPIX Kiribati
0%
+10 AYHYRQJY Kiribati
0%
+8 CAJATSLA Kiribati
0%
+7 DBKBUTMB Kiribati
0%
+6 ECLCVUNC Kiribati
0%
+5 FDMDWVOD Kiribati
0%
+4 GENEXWPE Kiribati
0%
+3 HFOFYXQF Kiribati
0%
+2 IGPGZYRG Kiribati
0%
+1 JHQHAZSH Kiribati
0%
-1 LPTPWP Kosovo
0%
-2 MQUQXQ Kosovo
0%
-3 NRVRYR Kosovo
0%
-4 OSWSZS Kosovo
0%
-5 PTXTAT Kosovo
0%
-7 RVZVCV Kosovo
0%
-8 SWAWDW Kosovo
0%
-9 TXBXEX Kosovo
0%
-10 UYCYFY Kosovo
0%
-11 VZDZGZ Kosovo
0%
-12 WAEAHA Kosovo
0%
13 XBFBIB Kosovo
0%
+12 YCGCJC Kosovo
0%
+11 ZDHDKD Kosovo
0%
+10 AEIELE Kosovo
0%
+9 BFJFMF Kosovo
0%
+8 CGKGNG Kosovo
0%
+7 DHLHOH Kosovo
0%
+6 EIMIPI Kosovo
0%
+5 FJNJQJ Kosovo
0%
+3 HLPLSL Kosovo
0%
+2 IMQMTM Kosovo
0%
+1 JNRNUN Kosovo
0%
-1 LPXFJU Koweït
0%
-2 MQYGKV Koweït
0%
-3 NRZHLW Koweït
0%
-4 OSAIMX Koweït
0%
-5 PTBJNY Koweït
0%
-6 QUCKOZ Koweït
0%
-7 RVDLPA Koweït
0%
-8 SWEMQB Koweït
0%
-9 TXFNRC Koweït
0%
-10 UYGOSD Koweït
0%
-11 VZHPTE Koweït
0%
-12 WAIQUF Koweït
0%
13 XBJRVG Koweït
0%
+12 YCKSWH Koweït
0%
+11 ZDLTXI Koweït
0%
+10 AEMUYJ Koweït
0%
+9 BFNVZK Koweït
0%
+8 CGOWAL Koweït
0%
+7 DHPXBM Koweït
0%
+6 EIQYCN Koweït
0%
+5 FJRZDO Koweït
0%
+4 GKSAEP Koweït
0%
+3 HLTBFQ Koweït
0%
+2 IMUCGR Koweït
0%
+1 JNVDHS Koweït
0%
-1 MBPT Laos
0%
-2 NCQU Laos
0%
-3 ODRV Laos
0%
-4 PESW Laos
0%
-5 QFTX Laos
0%
-6 RGUY Laos
0%
-7 SHVZ Laos
0%
-8 TIWA Laos
0%
-9 UJXB Laos
0%
-11 WLZD Laos
0%
-12 XMAE Laos
0%
13 YNBF Laos
0%
+12 ZOCG Laos
0%
+11 APDH Laos
0%
+10 BQEI Laos
0%
+9 CRFJ Laos
0%
+8 DSGK Laos
0%
+7 ETHL Laos
0%
+6 FUIM Laos
0%
+5 GVJN Laos
0%
+4 HWKO Laos
0%
+3 IXLP Laos
0%
+2 JYMQ Laos
0%
+1 KZNR Laos
0%
-1 MFTPUIP Lesotho
0%
-2 NGUQVJQ Lesotho
0%
-3 OHVRWKR Lesotho
0%
-4 PIWSXLS Lesotho
0%
-5 QJXTYMT Lesotho
0%
-6 RKYUZNU Lesotho
0%
-7 SLZVAOV Lesotho
0%
-8 TMAWBPW Lesotho
0%
-9 UNBXCQX Lesotho
0%
-10 VOCYDRY Lesotho
0%
-11 WPDZESZ Lesotho
0%
-12 XQEAFTA Lesotho
0%
13 YRFBGUB Lesotho
0%
+12 ZSGCHVC Lesotho
0%
+11 ATHDIWD Lesotho
0%
+10 BUIEJXE Lesotho
0%
+9 CVJFKYF Lesotho
0%
+8 DWKGLZG Lesotho
0%
+7 EXLHMAH Lesotho
0%
+6 FYMINBI Lesotho
0%
+5 GZNJOCJ Lesotho
0%
+4 HAOKPDK Lesotho
0%
+3 IBPLQEL Lesotho
0%
+1 KDRNSGN Lesotho
0%
-1 MFUUPOJF Lettonie
0%
-2 NGVVQPKG Lettonie
0%
-3 OHWWRQLH Lettonie
0%
-4 PIXXSRMI Lettonie
0%
-5 QJYYTSNJ Lettonie
0%
-6 RKZZUTOK Lettonie
0%
-7 SLAAVUPL Lettonie
0%
-8 TMBBWVQM Lettonie
0%
-9 UNCCXWRN Lettonie
0%
-10 VODDYXSO Lettonie
0%
-11 WPEEZYTP Lettonie
0%
-12 XQFFAZUQ Lettonie
0%
13 YRGGBAVR Lettonie
0%
+12 ZSHHCBWS Lettonie
0%
+11 ATIIDCXT Lettonie
0%
+10 BUJJEDYU Lettonie
0%
+9 CVKKFEZV Lettonie
0%
+8 DWLLGFAW Lettonie
0%
+7 EXMMHGBX Lettonie
0%
+6 FYNNIHCY Lettonie
0%
+5 GZOOJIDZ Lettonie
0%
+4 HAPPKJEA Lettonie
0%
+3 IBQQLKFB Lettonie
0%
+2 JCRRMLGC Lettonie
0%
+1 KDSSNMHD Lettonie
0%
-1 MJCBO Liban
0%
-2 NKDCP Liban
0%
-3 OLEDQ Liban
0%
-4 PMFER Liban
0%
-5 QNGFS Liban
0%
-6 ROHGT Liban
0%
-7 SPIHU Liban
0%
-8 TQJIV Liban
0%
-9 URKJW Liban
0%
-10 VSLKX Liban
0%
-11 WTMLY Liban
0%
-12 XUNMZ Liban
0%
+12 ZWPOB Liban
0%
+11 AXQPC Liban
0%
+10 BYRQD Liban
0%
+9 CZSRE Liban
0%
+8 DATSF Liban
0%
+7 EBUTG Liban
0%
+6 FCVUH Liban
0%
+5 GDWVI Liban
0%
+4 HEXWJ Liban
0%
+3 IFYXK Liban
0%
+2 JGZYL Liban
0%
+1 KHAZM Liban
0%
-1 MJCFSJB Liberia
0%
-2 NKDGTKC Liberia
0%
-3 OLEHULD Liberia
0%
-4 PMFIVME Liberia
0%
-5 QNGJWNF Liberia
0%
-6 ROHKXOG Liberia
0%
-7 SPILYPH Liberia
0%
-8 TQJMZQI Liberia
0%
-9 URKNARJ Liberia
0%
-10 VSLOBSK Liberia
0%
-11 WTMPCTL Liberia
0%
-12 XUNQDUM Liberia
0%
13 YVOREVN Liberia
0%
+12 ZWPSFWO Liberia
0%
+11 AXQTGXP Liberia
0%
+10 BYRUHYQ Liberia
0%
+9 CZSVIZR Liberia
0%
+8 DATWJAS Liberia
0%
+7 EBUXKBT Liberia
0%
+6 FCVYLCU Liberia
0%
+5 GDWZMDV Liberia
0%
+4 HEXANEW Liberia
0%
+3 IFYBOFX Liberia
0%
+2 JGZCPGY Liberia
0%
+1 KHADQHZ Liberia
0%
-1 MJCZF Libye
0%
-2 NKDAG Libye
0%
-3 OLEBH Libye
0%
-4 PMFCI Libye
0%
-5 QNGDJ Libye
0%
-6 ROHEK Libye
0%
-7 SPIFL Libye
0%
-8 TQJGM Libye
0%
-9 URKHN Libye
0%
-10 VSLIO Libye
0%
-11 WTMJP Libye
0%
-12 XUNKQ Libye
0%
13 YVOLR Libye
0%
+12 ZWPMS Libye
0%
+11 AXQNT Libye
0%
+10 BYROU Libye
0%
+9 CZSPV Libye
0%
+8 DATQW Libye
0%
+7 EBURX Libye
0%
+6 FCVSY Libye
0%
+5 GDWTZ Libye
0%
+4 HEXUA Libye
0%
+3 IFYVB Libye
0%
+2 JGZWC Libye
0%
+1 KHAXD Libye
0%
-1 MJFDIUFOTUFJO Liechtenstein
0%
-2 NKGEJVGPUVGKP Liechtenstein
0%
-3 OLHFKWHQVWHLQ Liechtenstein
0%
-4 PMIGLXIRWXIMR Liechtenstein
0%
-5 QNJHMYJSXYJNS Liechtenstein
0%
-6 ROKINZKTYZKOT Liechtenstein
0%
-7 SPLJOALUZALPU Liechtenstein
0%
-8 TQMKPBMVABMQV Liechtenstein
0%
-9 URNLQCNWBCNRW Liechtenstein
0%
-10 VSOMRDOXCDOSX Liechtenstein
0%
-11 WTPNSEPYDEPTY Liechtenstein
0%
-12 XUQOTFQZEFQUZ Liechtenstein
0%
13 YVRPUGRAFGRVA Liechtenstein
0%
+12 ZWSQVHSBGHSWB Liechtenstein
0%
+11 AXTRWITCHITXC Liechtenstein
0%
+10 BYUSXJUDIJUYD Liechtenstein
0%
+9 CZVTYKVEJKVZE Liechtenstein
0%
+8 DAWUZLWFKLWAF Liechtenstein
0%
+7 EBXVAMXGLMXBG Liechtenstein
0%
+6 FCYWBNYHMNYCH Liechtenstein
0%
+5 GDZXCOZINOZDI Liechtenstein
0%
+4 HEAYDPAJOPAEJ Liechtenstein
0%
+3 IFBZEQBKPQBFK Liechtenstein
0%
+2 JGCAFRCLQRCGL Liechtenstein
0%
+1 KHDBGSDMRSDHM Liechtenstein
0%
-1 MJUVBOJF Lituanie
0%
-2 NKVWCPKG Lituanie
0%
-3 OLWXDQLH Lituanie
0%
-4 PMXYERMI Lituanie
0%
-5 QNYZFSNJ Lituanie
0%
-6 ROZAGTOK Lituanie
0%
-7 SPABHUPL Lituanie
0%
-8 TQBCIVQM Lituanie
0%
-9 URCDJWRN Lituanie
0%
-10 VSDEKXSO Lituanie
0%
-11 WTEFLYTP Lituanie
0%
-12 XUFGMZUQ Lituanie
0%
13 YVGHNAVR Lituanie
0%
+12 ZWHIOBWS Lituanie
0%
+11 AXIJPCXT Lituanie
0%
+10 BYJKQDYU Lituanie
0%
+9 CZKLREZV Lituanie
0%
+8 DALMSFAW Lituanie
0%
+7 EBMNTGBX Lituanie
0%
+6 FCNOUHCY Lituanie
0%
+5 GDOPVIDZ Lituanie
0%
+4 HEPQWJEA Lituanie
0%
+2 JGRSYLGC Lituanie
0%
+1 KHSTZMHD Lituanie
0%
-1 MVYFNCPVSH Luxembourg
0%
-2 NWZGODQWTI Luxembourg
0%
-3 OXAHPERXUJ Luxembourg
0%
-4 PYBIQFSYVK Luxembourg
0%
-5 QZCJRGTZWL Luxembourg
0%
-7 SBELTIVBYN Luxembourg
0%
-8 TCFMUJWCZO Luxembourg
0%
-9 UDGNVKXDAP Luxembourg
0%
-10 VEHOWLYEBQ Luxembourg
0%
-11 WFIPXMZFCR Luxembourg
0%
-12 XGJQYNAGDS Luxembourg
0%
13 YHKRZOBHET Luxembourg
0%
+12 ZILSAPCIFU Luxembourg
0%
+11 AJMTBQDJGV Luxembourg
0%
+10 BKNUCREKHW Luxembourg
0%
+9 CLOVDSFLIX Luxembourg
0%
+8 DMPWETGMJY Luxembourg
0%
+7 ENQXFUHNKZ Luxembourg
0%
+6 FORYGVIOLA Luxembourg
0%
+5 GPSZHWJPMB Luxembourg
0%
+4 HQTAIXKQNC Luxembourg
0%
+3 IRUBJYLROD Luxembourg
0%
+2 JSVCKZMSPE Luxembourg
0%
+1 KTWDLANTQF Luxembourg
0%
-1 NBDFEPJOFEVOPSE Macédoine du Nord
0%
-2 OCEGFQKPGFWPQTF Macédoine du Nord
0%
-3 PDFHGRLQHGXQRUG Macédoine du Nord
0%
-4 QEGIHSMRIHYRSVH Macédoine du Nord
0%
-5 RFHJITNSJIZSTWI Macédoine du Nord
0%
-6 SGIKJUOTKJATUXJ Macédoine du Nord
0%
-7 THJLKVPULKBUVYK Macédoine du Nord
0%
-8 UIKMLWQVMLCVWZL Macédoine du Nord
0%
-9 VJLNMXRWNMDWXAM Macédoine du Nord
0%
-10 WKMONYSXONEXYBN Macédoine du Nord
0%
-11 XLNPOZTYPOFYZCO Macédoine du Nord
0%
-12 YMOQPAUZQPGZADP Macédoine du Nord
0%
13 ZNPRQBVARQHABEQ Macédoine du Nord
0%
+12 AOQSRCWBSRIBCFR Macédoine du Nord
0%
+11 BPRTSDXCTSJCDGS Macédoine du Nord
0%
+10 CQSUTEYDUTKDEHT Macédoine du Nord
0%
+9 DRTVUFZEVULEFIU Macédoine du Nord
0%
+8 ESUWVGAFWVMFGJV Macédoine du Nord
0%
+7 FTVXWHBGXWNGHKW Macédoine du Nord
0%
+6 GUWYXICHYXOHILX Macédoine du Nord
0%
+5 HVXZYJDIZYPIJMY Macédoine du Nord
0%
+4 IWYAZKEJAZQJKNZ Macédoine du Nord
0%
+3 JXZBALFKBARKLOA Macédoine du Nord
0%
+2 KYACBMGLCBSLMPB Macédoine du Nord
0%
+1 LZBDCNHMDCTMNQC Macédoine du Nord
0%
-1 NBEBHBTDBS Madagascar
0%
-2 OCFCICUECT Madagascar
0%
-3 PDGDJDVFDU Madagascar
0%
-4 QEHEKEWGEV Madagascar
0%
-5 RFIFLFXHFW Madagascar
0%
-6 SGJGMGYIGX Madagascar
0%
-7 THKHNHZJHY Madagascar
0%
-8 UILIOIAKIZ Madagascar
0%
-9 VJMJPJBLJA Madagascar
0%
-10 WKNKQKCMKB Madagascar
0%
-11 XLOLRLDNLC Madagascar
0%
-12 YMPMSMEOMD Madagascar
0%
13 ZNQNTNFPNE Madagascar
0%
+12 AOROUOGQOF Madagascar
0%
+11 BPSPVPHRPG Madagascar
0%
+10 CQTQWQISQH Madagascar
0%
+9 DRURXRJTRI Madagascar
0%
+8 ESVSYSKUSJ Madagascar
0%
+7 FTWTZTLVTK Madagascar
0%
+6 GUXUAUMWUL Madagascar
0%
+5 HVYVBVNXVM Madagascar
0%
+3 JXAXDXPZXO Madagascar
0%
+2 KYBYEYQAYP Madagascar
0%
+1 LZCZFZRBZQ Madagascar
0%
-1 NBMBJTJF Malaisie
0%
-2 OCNCKUKG Malaisie
0%
-3 PDODLVLH Malaisie
0%
-4 QEPEMWMI Malaisie
0%
-5 RFQFNXNJ Malaisie
0%
-6 SGRGOYOK Malaisie
0%
-7 THSHPZPL Malaisie
0%
-8 UITIQAQM Malaisie
0%
-9 VJUJRBRN Malaisie
0%
-10 WKVKSCSO Malaisie
0%
-11 XLWLTDTP Malaisie
0%
13 ZNYNVFVR Malaisie
0%
+12 AOZOWGWS Malaisie
0%
+11 BPAPXHXT Malaisie
0%
+10 CQBQYIYU Malaisie
0%
+9 DRCRZJZV Malaisie
0%
+8 ESDSAKAW Malaisie
0%
+7 FTETBLBX Malaisie
0%
+6 GUFUCMCY Malaisie
0%
+5 HVGVDNDZ Malaisie
0%
+4 IWHWEOEA Malaisie
0%
+3 JXIXFPFB Malaisie
0%
+2 KYJYGQGC Malaisie
0%
+1 LZKZHRHD Malaisie
0%
-1 NBMBXJ Malawi
0%
-2 OCNCYK Malawi
0%
-3 PDODZL Malawi
0%
-4 QEPEAM Malawi
0%
-5 RFQFBN Malawi
0%
-6 SGRGCO Malawi
0%
-7 THSHDP Malawi
0%
-8 UITIEQ Malawi
0%
-9 VJUJFR Malawi
0%
-10 WKVKGS Malawi
0%
-11 XLWLHT Malawi
0%
-12 YMXMIU Malawi
0%
13 ZNYNJV Malawi
0%
+12 AOZOKW Malawi
0%
+11 BPAPLX Malawi
0%
+10 CQBQMY Malawi
0%
+9 DRCRNZ Malawi
0%
+8 ESDSOA Malawi
0%
+7 FTETPB Malawi
0%
+6 GUFUQC Malawi
0%
+5 HVGVRD Malawi
0%
+4 IWHWSE Malawi
0%
+3 JXIXTF Malawi
0%
+2 KYJYUG Malawi
0%
+1 LZKZVH Malawi
0%
-1 NBMEJWFT Maldives
0%
-2 OCNFKXGU Maldives
0%
-3 PDOGLYHV Maldives
0%
-4 QEPHMZIW Maldives
0%
-5 RFQINAJX Maldives
0%
-6 SGRJOBKY Maldives
0%
-7 THSKPCLZ Maldives
0%
-8 UITLQDMA Maldives
0%
-9 VJUMRENB Maldives
0%
-10 WKVNSFOC Maldives
0%
-11 XLWOTGPD Maldives
0%
-12 YMXPUHQE Maldives
0%
13 ZNYQVIRF Maldives
0%
+12 AOZRWJSG Maldives
0%
+11 BPASXKTH Maldives
0%
+10 CQBTYLUI Maldives
0%
+9 DRCUZMVJ Maldives
0%
+8 ESDVANWK Maldives
0%
+7 FTEWBOXL Maldives
0%
+6 GUFXCPYM Maldives
0%
+5 HVGYDQZN Maldives
0%
+3 JXIAFSBP Maldives
0%
+2 KYJBGTCQ Maldives
0%
+1 LZKCHUDR Maldives
0%
-1 NBMJ Mali
0%
-2 OCNK Mali
0%
-3 PDOL Mali
0%
-4 QEPM Mali
0%
-5 RFQN Mali
0%
-6 SGRO Mali
0%
-7 THSP Mali
0%
-8 UITQ Mali
0%
-9 VJUR Mali
0%
-10 WKVS Mali
0%
-11 XLWT Mali
0%
-12 YMXU Mali
0%
13 ZNYV Mali
0%
+12 AOZW Mali
0%
+11 BPAX Mali
0%
+10 CQBY Mali
0%
+9 DRCZ Mali
0%
+8 ESDA Mali
0%
+7 FTEB Mali
0%
+6 GUFC Mali
0%
+5 HVGD Mali
0%
+4 IWHE Mali
0%
+3 JXIF Mali
0%
+2 KYJG Mali
0%
+1 LZKH Mali
0%
-1 NBMUF Malte
0%
-2 OCNVG Malte
0%
-3 PDOWH Malte
0%
-4 QEPXI Malte
0%
-5 RFQYJ Malte
0%
-6 SGRZK Malte
0%
-7 THSAL Malte
0%
-8 UITBM Malte
0%
-9 VJUCN Malte
0%
-10 WKVDO Malte
0%
-11 XLWEP Malte
0%
-12 YMXFQ Malte
0%
13 ZNYGR Malte
0%
+12 AOZHS Malte
0%
+10 CQBJU Malte
0%
+9 DRCKV Malte
0%
+7 FTEMX Malte
0%
+6 GUFNY Malte
0%
+5 HVGOZ Malte
0%
+4 IWHPA Malte
0%
+3 JXIQB Malte
0%
+2 KYJRC Malte
0%
+1 LZKSD Malte
0%
-1 NBSPD Maroc
0%
-2 OCTQE Maroc
0%
-3 PDURF Maroc
0%
-4 QEVSG Maroc
0%
-5 RFWTH Maroc
0%
-6 SGXUI Maroc
0%
-7 THYVJ Maroc
0%
-8 UIZWK Maroc
0%
-9 VJAXL Maroc
0%
-10 WKBYM Maroc
0%
-11 XLCZN Maroc
0%
-12 YMDAO Maroc
0%
13 ZNEBP Maroc
0%
+12 AOFCQ Maroc
0%
+11 BPGDR Maroc
0%
+10 CQHES Maroc
0%
+9 DRIFT Maroc
0%
+8 ESJGU Maroc
0%
+6 GULIW Maroc
0%
+5 HVMJX Maroc
0%
+4 IWNKY Maroc
0%
+3 JXOLZ Maroc
0%
+2 KYPMA Maroc
0%
+1 LZQNB Maroc
0%
-1 NBVSJDF Maurice
0%
-2 OCWTKEG Maurice
0%
-3 PDXULFH Maurice
0%
-4 QEYVMGI Maurice
0%
-5 RFZWNHJ Maurice
0%
-6 SGAXOIK Maurice
0%
-7 THBYPJL Maurice
0%
-8 UICZQKM Maurice
0%
-9 VJDARLN Maurice
0%
-10 WKEBSMO Maurice
0%
-11 XLFCTNP Maurice
0%
-12 YMGDUOQ Maurice
0%
13 ZNHEVPR Maurice
0%
+12 AOIFWQS Maurice
0%
+11 BPJGXRT Maurice
0%
+10 CQKHYSU Maurice
0%
+9 DRLIZTV Maurice
0%
+8 ESMJAUW Maurice
0%
+7 FTNKBVX Maurice
0%
+6 GUOLCWY Maurice
0%
+5 HVPMDXZ Maurice
0%
+4 IWQNEYA Maurice
0%
+3 JXROFZB Maurice
0%
+2 KYSPGAC Maurice
0%
+1 LZTQHBD Maurice
0%
-1 NBVSJUBOJF Mauritanie
0%
-2 OCWTKVCPKG Mauritanie
0%
-3 PDXULWDQLH Mauritanie
0%
-4 QEYVMXERMI Mauritanie
0%
-5 RFZWNYFSNJ Mauritanie
0%
-6 SGAXOZGTOK Mauritanie
0%
-7 THBYPAHUPL Mauritanie
0%
-8 UICZQBIVQM Mauritanie
0%
-9 VJDARCJWRN Mauritanie
0%
-10 WKEBSDKXSO Mauritanie
0%
-11 XLFCTELYTP Mauritanie
0%
-12 YMGDUFMZUQ Mauritanie
0%
13 ZNHEVGNAVR Mauritanie
0%
+12 AOIFWHOBWS Mauritanie
0%
+11 BPJGXIPCXT Mauritanie
0%
+10 CQKHYJQDYU Mauritanie
0%
+9 DRLIZKREZV Mauritanie
0%
+8 ESMJALSFAW Mauritanie
0%
+7 FTNKBMTGBX Mauritanie
0%
+6 GUOLCNUHCY Mauritanie
0%
+5 HVPMDOVIDZ Mauritanie
0%
+4 IWQNEPWJEA Mauritanie
0%
+3 JXROFQXKFB Mauritanie
0%
+2 KYSPGRYLGC Mauritanie
0%
+1 LZTQHSZMHD Mauritanie
0%
-1 NFYJRVF Mexique
0%
-2 OGZKSWG Mexique
0%
-3 PHALTXH Mexique
0%
-4 QIBMUYI Mexique
0%
-5 RJCNVZJ Mexique
0%
-6 SKDOWAK Mexique
0%
-7 TLEPXBL Mexique
0%
-8 UMFQYCM Mexique
0%
-9 VNGRZDN Mexique
0%
-10 WOHSAEO Mexique
0%
-11 XPITBFP Mexique
0%
-12 YQJUCGQ Mexique
0%
13 ZRKVDHR Mexique
0%
+12 ASLWEIS Mexique
0%
+11 BTMXFJT Mexique
0%
+10 CUNYGKU Mexique
0%
+9 DVOZHLV Mexique
0%
+8 EWPAIMW Mexique
0%
+7 FXQBJNX Mexique
0%
+6 GYRCKOY Mexique
0%
+5 HZSDLPZ Mexique
0%
+4 IATEMQA Mexique
0%
+3 JBUFNRB Mexique
0%
+2 KCVGOSC Mexique
0%
+1 LDWHPTD Mexique
0%
-1 NPMEBWJF Moldavie
0%
-2 OQNFCXKG Moldavie
0%
-3 PROGDYLH Moldavie
0%
-4 QSPHEZMI Moldavie
0%
-5 RTQIFANJ Moldavie
0%
-6 SURJGBOK Moldavie
0%
-7 TVSKHCPL Moldavie
0%
-8 UWTLIDQM Moldavie
0%
-9 VXUMJERN Moldavie
0%
-10 WYVNKFSO Moldavie
0%
-11 XZWOLGTP Moldavie
0%
-12 YAXPMHUQ Moldavie
0%
13 ZBYQNIVR Moldavie
0%
+12 ACZROJWS Moldavie
0%
+11 BDASPKXT Moldavie
0%
+10 CEBTQLYU Moldavie
0%
+9 DFCURMZV Moldavie
0%
+8 EGDVSNAW Moldavie
0%
+7 FHEWTOBX Moldavie
0%
+6 GIFXUPCY Moldavie
0%
+5 HJGYVQDZ Moldavie
0%
+4 IKHZWREA Moldavie
0%
+3 JLIAXSFB Moldavie
0%
+2 KMJBYTGC Moldavie
0%
+1 LNKCZUHD Moldavie
0%
-1 NPOBDP Monaco
0%
-2 OQPCEQ Monaco
0%
-3 PRQDFR Monaco
0%
-4 QSREGS Monaco
0%
-5 RTSFHT Monaco
0%
-6 SUTGIU Monaco
0%
-7 TVUHJV Monaco
0%
-8 UWVIKW Monaco
0%
-9 VXWJLX Monaco
0%
-10 WYXKMY Monaco
0%
-11 XZYLNZ Monaco
0%
-12 YAZMOA Monaco
0%
13 ZBANPB Monaco
0%
+12 ACBOQC Monaco
0%
+11 BDCPRD Monaco
0%
+10 CEDQSE Monaco
0%
+9 DFERTF Monaco
0%
+8 EGFSUG Monaco
0%
+7 FHGTVH Monaco
0%
+6 GIHUWI Monaco
0%
+5 HJIVXJ Monaco
0%
+4 IKJWYK Monaco
0%
+3 JLKXZL Monaco
0%
+2 KMLYAM Monaco
0%
-1 NPOHPMJF Mongolie
0%
-2 OQPIQNKG Mongolie
0%
-3 PRQJROLH Mongolie
0%
-4 QSRKSPMI Mongolie
0%
-5 RTSLTQNJ Mongolie
0%
-6 SUTMUROK Mongolie
0%
-7 TVUNVSPL Mongolie
0%
-8 UWVOWTQM Mongolie
0%
-9 VXWPXURN Mongolie
0%
-10 WYXQYVSO Mongolie
0%
-11 XZYRZWTP Mongolie
0%
-12 YAZSAXUQ Mongolie
0%
13 ZBATBYVR Mongolie
0%
+12 ACBUCZWS Mongolie
0%
+11 BDCVDAXT Mongolie
0%
+10 CEDWEBYU Mongolie
0%
+9 DFEXFCZV Mongolie
0%
+8 EGFYGDAW Mongolie
0%
+7 FHGZHEBX Mongolie
0%
+6 GIHAIFCY Mongolie
0%
+5 HJIBJGDZ Mongolie
0%
+4 IKJCKHEA Mongolie
0%
+3 JLKDLIFB Mongolie
0%
+2 KMLEMJGC Mongolie
0%
+1 LNMFNKHD Mongolie
0%
-1 NPOUFOFHSP Monténégro
0%
-2 OQPVGPGITQ Monténégro
0%
-3 PRQWHQHJUR Monténégro
0%
-4 QSRXIRIKVS Monténégro
0%
-5 RTSYJSJLWT Monténégro
0%
-6 SUTZKTKMXU Monténégro
0%
-7 TVUALULNYV Monténégro
0%
-8 UWVBMVMOZW Monténégro
0%
-9 VXWCNWNPAX Monténégro
0%
-10 WYXDOXOQBY Monténégro
0%
-11 XZYEPYPRCZ Monténégro
0%
-12 YAZFQZQSDA Monténégro
0%
13 ZBAGRARTEB Monténégro
0%
+11 BDCITCTVGD Monténégro
0%
+10 CEDJUDUWHE Monténégro
0%
+9 DFEKVEVXIF Monténégro
0%
+8 EGFLWFWYJG Monténégro
0%
+6 GIHNYHYALI Monténégro
0%
+5 HJIOZIZBMJ Monténégro
0%
+4 IKJPAJACNK Monténégro
0%
+3 JLKQBKBDOL Monténégro
0%
+2 KMLRCLCEPM Monténégro
0%
+1 LNMSDMDFQN Monténégro
0%
-1 NPABNCJRVF Mozambique
0%
-2 OQBCODKSWG Mozambique
0%
-3 PRCDPELTXH Mozambique
0%
-4 QSDEQFMUYI Mozambique
0%
-5 RTEFRGNVZJ Mozambique
0%
-6 SUFGSHOWAK Mozambique
0%
-7 TVGHTIPXBL Mozambique
0%
-8 UWHIUJQYCM Mozambique
0%
-10 WYJKWLSAEO Mozambique
0%
-11 XZKLXMTBFP Mozambique
0%
-12 YALMYNUCGQ Mozambique
0%
13 ZBMNZOVDHR Mozambique
0%
+12 ACNOAPWEIS Mozambique
0%
+11 BDOPBQXFJT Mozambique
0%
+10 CEPQCRYGKU Mozambique
0%
+9 DFQRDSZHLV Mozambique
0%
+8 EGRSETAIMW Mozambique
0%
+7 FHSTFUBJNX Mozambique
0%
+6 GITUGVCKOY Mozambique
0%
+4 IKVWIXEMQA Mozambique
0%
+3 JLWXJYFNRB Mozambique
0%
+2 KMXYKZGOSC Mozambique
0%
+1 LNYZLAHPTD Mozambique
0%
-1 OBNJCJF Namibie
0%
-2 PCOKDKG Namibie
0%
-3 QDPLELH Namibie
0%
-4 REQMFMI Namibie
0%
-5 SFRNGNJ Namibie
0%
-6 TGSOHOK Namibie
0%
-7 UHTPIPL Namibie
0%
-8 VIUQJQM Namibie
0%
-9 WJVRKRN Namibie
0%
-10 XKWSLSO Namibie
0%
-11 YLXTMTP Namibie
0%
-12 ZMYUNUQ Namibie
0%
13 ANZVOVR Namibie
0%
+12 BOAWPWS Namibie
0%
+11 CPBXQXT Namibie
0%
+10 DQCYRYU Namibie
0%
+9 ERDZSZV Namibie
0%
+8 FSEATAW Namibie
0%
+7 GTFBUBX Namibie
0%
+6 HUGCVCY Namibie
0%
+5 IVHDWDZ Namibie
0%
+4 JWIEXEA Namibie
0%
+3 KXJFYFB Namibie
0%
+2 LYKGZGC Namibie
0%
+1 MZLHAHD Namibie
0%
-1 OBVSV Nauru
0%
-2 PCWTW Nauru
0%
-3 QDXUX Nauru
0%
-4 REYVY Nauru
0%
-5 SFZWZ Nauru
0%
-6 TGAXA Nauru
0%
-7 UHBYB Nauru
0%
-8 VICZC Nauru
0%
-9 WJDAD Nauru
0%
-10 XKEBE Nauru
0%
-11 YLFCF Nauru
0%
-12 ZMGDG Nauru
0%
13 ANHEH Nauru
0%
+12 BOIFI Nauru
0%
+11 CPJGJ Nauru
0%
+10 DQKHK Nauru
0%
+9 ERLIL Nauru
0%
+8 FSMJM Nauru
0%
+7 GTNKN Nauru
0%
+6 HUOLO Nauru
0%
+5 IVPMP Nauru
0%
+4 JWQNQ Nauru
0%
+3 KXROR Nauru
0%
+2 LYSPS Nauru
0%
+1 MZTQT Nauru
0%
-1 OFQBM Népal
0%
-2 PGRCN Népal
0%
-3 QHSDO Népal
0%
-4 RITEP Népal
0%
-5 SJUFQ Népal
0%
-6 TKVGR Népal
0%
-7 ULWHS Népal
0%
-8 VMXIT Népal
0%
-9 WNYJU Népal
0%
-10 XOZKV Népal
0%
-11 YPALW Népal
0%
-12 ZQBMX Népal
0%
13 ARCNY Népal
0%
+12 BSDOZ Népal
0%
+11 CTEPA Népal
0%
+10 DUFQB Népal
0%
+9 EVGRC Népal
0%
+8 FWHSD Népal
0%
+7 GXITE Népal
0%
+6 HYJUF Népal
0%
+5 IZKVG Népal
0%
+4 JALWH Népal
0%
+3 KBMXI Népal
0%
+2 LCNYJ Népal
0%
+1 MDOZK Népal
0%
-1 OJDBSBHVB Nicaragua
0%
-2 PKECTCIWC Nicaragua
0%
-3 QLFDUDJXD Nicaragua
0%
-4 RMGEVEKYE Nicaragua
0%
-5 SNHFWFLZF Nicaragua
0%
-6 TOIGXGMAG Nicaragua
0%
-7 UPJHYHNBH Nicaragua
0%
-8 VQKIZIOCI Nicaragua
0%
-9 WRLJAJPDJ Nicaragua
0%
-10 XSMKBKQEK Nicaragua
0%
-11 YTNLCLRFL Nicaragua
0%
13 AVPNENTHN Nicaragua
0%
+12 BWQOFOUIO Nicaragua
0%
+11 CXRPGPVJP Nicaragua
0%
+10 DYSQHQWKQ Nicaragua
0%
+9 EZTRIRXLR Nicaragua
0%
+8 FAUSJSYMS Nicaragua
0%
+7 GBVTKTZNT Nicaragua
0%
+6 HCWULUAOU Nicaragua
0%
+5 IDXVMVBPV Nicaragua
0%
+4 JEYWNWCQW Nicaragua
0%
+3 KFZXOXDRX Nicaragua
0%
+2 LGAYPYESY Nicaragua
0%
+1 MHBZQZFTZ Nicaragua
0%
-1 OJHFS Niger
0%
-2 PKIGT Niger
0%
-3 QLJHU Niger
0%
-4 RMKIV Niger
0%
-5 SNLJW Niger
0%
-6 TOMKX Niger
0%
-7 UPNLY Niger
0%
-8 VQOMZ Niger
0%
-9 WRPNA Niger
0%
-10 XSQOB Niger
0%
-11 YTRPC Niger
0%
-12 ZUSQD Niger
0%
13 AVTRE Niger
0%
+12 BWUSF Niger
0%
+11 CXVTG Niger
0%
+10 DYWUH Niger
0%
+9 EZXVI Niger
0%
+8 FAYWJ Niger
0%
+7 GBZXK Niger
0%
+6 HCAYL Niger
0%
+5 IDBZM Niger
0%
+4 JECAN Niger
0%
+3 KFDBO Niger
0%
+2 LGECP Niger
0%
+1 MHFDQ Niger
0%
-1 OJHFSJB Nigeria
0%
-2 PKIGTKC Nigeria
0%
-3 QLJHULD Nigeria
0%
-4 RMKIVME Nigeria
0%
-5 SNLJWNF Nigeria
0%
-6 TOMKXOG Nigeria
0%
-7 UPNLYPH Nigeria
0%
-8 VQOMZQI Nigeria
0%
-9 WRPNARJ Nigeria
0%
-10 XSQOBSK Nigeria
0%
-11 YTRPCTL Nigeria
0%
-12 ZUSQDUM Nigeria
0%
13 AVTREVN Nigeria
0%
+12 BWUSFWO Nigeria
0%
+11 CXVTGXP Nigeria
0%
+10 DYWUHYQ Nigeria
0%
+9 EZXVIZR Nigeria
0%
+8 FAYWJAS Nigeria
0%
+7 GBZXKBT Nigeria
0%
+6 HCAYLCU Nigeria
0%
+5 IDBZMDV Nigeria
0%
+4 JECANEW Nigeria
0%
+3 KFDBOFX Nigeria
0%
+2 LGECPGY Nigeria
0%
+1 MHFDQHZ Nigeria
0%
-1 OPSWFHF Norvège
0%
-2 PQTXGIG Norvège
0%
-3 QRUYHJH Norvège
0%
-4 RSVZIKI Norvège
0%
-5 STWAJLJ Norvège
0%
-6 TUXBKMK Norvège
0%
-7 UVYCLNL Norvège
0%
-8 VWZDMOM Norvège
0%
-9 WXAENPN Norvège
0%
-10 XYBFOQO Norvège
0%
-11 YZCGPRP Norvège
0%
-12 ZADHQSQ Norvège
0%
13 ABEIRTR Norvège
0%
+12 BCFJSUS Norvège
0%
+11 CDGKTVT Norvège
0%
+10 DEHLUWU Norvège
0%
+8 FGJNWYW Norvège
0%
+7 GHKOXZX Norvège
0%
+6 HILPYAY Norvège
0%
+5 IJMQZBZ Norvège
0%
+4 JKNRACA Norvège
0%
+3 KLOSBDB Norvège
0%
+2 LMPTCEC Norvège
0%
+1 MNQUDFD Norvège
0%
-1 OPVWFMMFAFMBOEF Nouvelle-Zélande
0%
-2 PQWXGNNGBGNCPFG Nouvelle-Zélande
0%
-3 QRXYHOOHCHODQGH Nouvelle-Zélande
0%
-4 RSYZIPPIDIPERHI Nouvelle-Zélande
0%
-5 STZAJQQJEJQFSIJ Nouvelle-Zélande
0%
-6 TUABKRRKFKRGTJK Nouvelle-Zélande
0%
-7 UVBCLSSLGLSHUKL Nouvelle-Zélande
0%
-8 VWCDMTTMHMTIVLM Nouvelle-Zélande
0%
-9 WXDENUUNINUJWMN Nouvelle-Zélande
0%
-10 XYEFOVVOJOVKXNO Nouvelle-Zélande
0%
-11 YZFGPWWPKPWLYOP Nouvelle-Zélande
0%
-12 ZAGHQXXQLQXMZPQ Nouvelle-Zélande
0%
13 ABHIRYYRMRYNAQR Nouvelle-Zélande
0%
+12 BCIJSZZSNSZOBRS Nouvelle-Zélande
0%
+11 CDJKTAATOTAPCST Nouvelle-Zélande
0%
+10 DEKLUBBUPUBQDTU Nouvelle-Zélande
0%
+9 EFLMVCCVQVCREUV Nouvelle-Zélande
0%
+8 FGMNWDDWRWDSFVW Nouvelle-Zélande
0%
+7 GHNOXEEXSXETGWX Nouvelle-Zélande
0%
+6 HIOPYFFYTYFUHXY Nouvelle-Zélande
0%
+5 IJPQZGGZUZGVIYZ Nouvelle-Zélande
0%
+4 JKQRAHHAVAHWJZA Nouvelle-Zélande
0%
+3 KLRSBIIBWBIXKAB Nouvelle-Zélande
0%
+2 LMSTCJJCXCJYLBC Nouvelle-Zélande
0%
+1 MNTUDKKDYDKZMCD Nouvelle-Zélande
0%
-1 PNBO Oman
0%
-2 QOCP Oman
0%
-3 RPDQ Oman
0%
-4 SQER Oman
0%
-5 TRFS Oman
0%
-6 USGT Oman
0%
-7 VTHU Oman
0%
-8 WUIV Oman
0%
-9 XVJW Oman
0%
-10 YWKX Oman
0%
-11 ZXLY Oman
0%
-12 AYMZ Oman
0%
13 BZNA Oman
0%
+12 CAOB Oman
0%
+11 DBPC Oman
0%
+9 FDRE Oman
0%
+8 GESF Oman
0%
+7 HFTG Oman
0%
+6 IGUH Oman
0%
+5 JHVI Oman
0%
+3 LJXK Oman
0%
+2 MKYL Oman
0%
+1 NLZM Oman
0%
-1 PVHBOEB Ouganda
0%
-2 QWICPFC Ouganda
0%
-3 RXJDQGD Ouganda
0%
-4 SYKERHE Ouganda
0%
-6 UAMGTJG Ouganda
0%
-7 VBNHUKH Ouganda
0%
-8 WCOIVLI Ouganda
0%
-9 XDPJWMJ Ouganda
0%
-10 YEQKXNK Ouganda
0%
-11 ZFRLYOL Ouganda
0%
-12 AGSMZPM Ouganda
0%
13 BHTNAQN Ouganda
0%
+12 CIUOBRO Ouganda
0%
+11 DJVPCSP Ouganda
0%
+10 EKWQDTQ Ouganda
0%
+9 FLXREUR Ouganda
0%
+8 GMYSFVS Ouganda
0%
+7 HNZTGWT Ouganda
0%
+6 IOAUHXU Ouganda
0%
+5 JPBVIYV Ouganda
0%
+4 KQCWJZW Ouganda
0%
+3 LRDXKAX Ouganda
0%
+2 MSEYLBY Ouganda
0%
+1 NTFZMCZ Ouganda
0%
-1 PVACFLJTUBO Ouzbékistan
0%
-2 QWBDGMKUVCP Ouzbékistan
0%
-3 RXCEHNLVWDQ Ouzbékistan
0%
-4 SYDFIOMWXER Ouzbékistan
0%
-5 TZEGJPNXYFS Ouzbékistan
0%
-6 UAFHKQOYZGT Ouzbékistan
0%
-7 VBGILRPZAHU Ouzbékistan
0%
-8 WCHJMSQABIV Ouzbékistan
0%
-9 XDIKNTRBCJW Ouzbékistan
0%
-10 YEJLOUSCDKX Ouzbékistan
0%
-11 ZFKMPVTDELY Ouzbékistan
0%
-12 AGLNQWUEFMZ Ouzbékistan
0%
13 BHMORXVFGNA Ouzbékistan
0%
+12 CINPSYWGHOB Ouzbékistan
0%
+11 DJOQTZXHIPC Ouzbékistan
0%
+10 EKPRUAYIJQD Ouzbékistan
0%
+9 FLQSVBZJKRE Ouzbékistan
0%
+8 GMRTWCAKLSF Ouzbékistan
0%
+7 HNSUXDBLMTG Ouzbékistan
0%
+6 IOTVYECMNUH Ouzbékistan
0%
+5 JPUWZFDNOVI Ouzbékistan
0%
+4 KQVXAGEOPWJ Ouzbékistan
0%
+2 MSXZCIGQRYL Ouzbékistan
0%
+1 NTYADJHRSZM Ouzbékistan
0%
-1 QBLJTUBO Pakistan
0%
-2 RCMKUVCP Pakistan
0%
-3 SDNLVWDQ Pakistan
0%
-4 TEOMWXER Pakistan
0%
-5 UFPNXYFS Pakistan
0%
-6 VGQOYZGT Pakistan
0%
-7 WHRPZAHU Pakistan
0%
-8 XISQABIV Pakistan
0%
-9 YJTRBCJW Pakistan
0%
-10 ZKUSCDKX Pakistan
0%
-11 ALVTDELY Pakistan
0%
-12 BMWUEFMZ Pakistan
0%
13 CNXVFGNA Pakistan
0%
+12 DOYWGHOB Pakistan
0%
+11 EPZXHIPC Pakistan
0%
+10 FQAYIJQD Pakistan
0%
+9 GRBZJKRE Pakistan
0%
+8 HSCAKLSF Pakistan
0%
+7 ITDBLMTG Pakistan
0%
+6 JUECMNUH Pakistan
0%
+5 KVFDNOVI Pakistan
0%
+4 LWGEOPWJ Pakistan
0%
+3 MXHFPQXK Pakistan
0%
+1 OZJHRSZM Pakistan
0%
-1 QBMBPT Palaos
0%
-2 RCNCQU Palaos
0%
-3 SDODRV Palaos
0%
-4 TEPESW Palaos
0%
-5 UFQFTX Palaos
0%
-6 VGRGUY Palaos
0%
-7 WHSHVZ Palaos
0%
-8 XITIWA Palaos
0%
-9 YJUJXB Palaos
0%
-10 ZKVKYC Palaos
0%
-11 ALWLZD Palaos
0%
-12 BMXMAE Palaos
0%
13 CNYNBF Palaos
0%
+12 DOZOCG Palaos
0%
+11 EPAPDH Palaos
0%
+10 FQBQEI Palaos
0%
+9 GRCRFJ Palaos
0%
+8 HSDSGK Palaos
0%
+7 ITETHL Palaos
0%
+6 JUFUIM Palaos
0%
+5 KVGVJN Palaos
0%
+4 LWHWKO Palaos
0%
+3 MXIXLP Palaos
0%
+2 NYJYMQ Palaos
0%
+1 OZKZNR Palaos
0%
-1 QBOBNB Panama
0%
-2 RCPCOC Panama
0%
-3 SDQDPD Panama
0%
-4 TEREQE Panama
0%
-5 UFSFRF Panama
0%
-6 VGTGSG Panama
0%
-7 WHUHTH Panama
0%
-8 XIVIUI Panama
0%
-9 YJWJVJ Panama
0%
-10 ZKXKWK Panama
0%
-11 ALYLXL Panama
0%
-12 BMZMYM Panama
0%
13 CNANZN Panama
0%
+12 DOBOAO Panama
0%
+11 EPCPBP Panama
0%
+10 FQDQCQ Panama
0%
+9 GRERDR Panama
0%
+8 HSFSES Panama
0%
+7 ITGTFT Panama
0%
+6 JUHUGU Panama
0%
+5 KVIVHV Panama
0%
+4 LWJWIW Panama
0%
+3 MXKXJX Panama
0%
+2 NYLYKY Panama
0%
+1 OZMZLZ Panama
0%
-1 QBQPVBTJFOPVWFMMFHVJOFF Papouasie-Nouvelle-Guinée
0%
-2 RCRQWCUKGPQWXGNNGIWKPGG Papouasie-Nouvelle-Guinée
0%
-3 SDSRXDVLHQRXYHOOHJXLQHH Papouasie-Nouvelle-Guinée
0%
-4 TETSYEWMIRSYZIPPIKYMRII Papouasie-Nouvelle-Guinée
0%
-5 UFUTZFXNJSTZAJQQJLZNSJJ Papouasie-Nouvelle-Guinée
0%
-6 VGVUAGYOKTUABKRRKMAOTKK Papouasie-Nouvelle-Guinée
0%
-7 WHWVBHZPLUVBCLSSLNBPULL Papouasie-Nouvelle-Guinée
0%
-8 XIXWCIAQMVWCDMTTMOCQVMM Papouasie-Nouvelle-Guinée
0%
-9 YJYXDJBRNWXDENUUNPDRWNN Papouasie-Nouvelle-Guinée
0%
-10 ZKZYEKCSOXYEFOVVOQESXOO Papouasie-Nouvelle-Guinée
0%
-11 ALAZFLDTPYZFGPWWPRFTYPP Papouasie-Nouvelle-Guinée
0%
-12 BMBAGMEUQZAGHQXXQSGUZQQ Papouasie-Nouvelle-Guinée
0%
13 CNCBHNFVRABHIRYYRTHVARR Papouasie-Nouvelle-Guinée
0%
+12 DODCIOGWSBCIJSZZSUIWBSS Papouasie-Nouvelle-Guinée
0%
+10 FQFEKQIYUDEKLUBBUWKYDUU Papouasie-Nouvelle-Guinée
0%
+9 GRGFLRJZVEFLMVCCVXLZEVV Papouasie-Nouvelle-Guinée
0%
+8 HSHGMSKAWFGMNWDDWYMAFWW Papouasie-Nouvelle-Guinée
0%
+7 ITIHNTLBXGHNOXEEXZNBGXX Papouasie-Nouvelle-Guinée
0%
+6 JUJIOUMCYHIOPYFFYAOCHYY Papouasie-Nouvelle-Guinée
0%
+5 KVKJPVNDZIJPQZGGZBPDIZZ Papouasie-Nouvelle-Guinée
0%
+4 LWLKQWOEAJKQRAHHACQEJAA Papouasie-Nouvelle-Guinée
0%
+3 MXMLRXPFBKLRSBIIBDRFKBB Papouasie-Nouvelle-Guinée
0%
+2 NYNMSYQGCLMSTCJJCESGLCC Papouasie-Nouvelle-Guinée
0%
+1 OZONTZRHDMNTUDKKDFTHMDD Papouasie-Nouvelle-Guinée
0%
-1 QBSBHVBZ Paraguay
0%
-2 RCTCIWCA Paraguay
0%
-3 SDUDJXDB Paraguay
0%
-4 TEVEKYEC Paraguay
0%
-5 UFWFLZFD Paraguay
0%
-6 VGXGMAGE Paraguay
0%
-7 WHYHNBHF Paraguay
0%
-8 XIZIOCIG Paraguay
0%
-9 YJAJPDJH Paraguay
0%
-10 ZKBKQEKI Paraguay
0%
-11 ALCLRFLJ Paraguay
0%
-12 BMDMSGMK Paraguay
0%
13 CNENTHNL Paraguay
0%
+12 DOFOUIOM Paraguay
0%
+11 EPGPVJPN Paraguay
0%
+10 FQHQWKQO Paraguay
0%
+9 GRIRXLRP Paraguay
0%
+8 HSJSYMSQ Paraguay
0%
+7 ITKTZNTR Paraguay
0%
+6 JULUAOUS Paraguay
0%
+5 KVMVBPVT Paraguay
0%
+4 LWNWCQWU Paraguay
0%
+3 MXOXDRXV Paraguay
0%
+2 NYPYESYW Paraguay
0%
+1 OZQZFTZX Paraguay
0%
-1 QBZTCBT Pays-Bas
0%
-2 RCAUDCU Pays-Bas
0%
-3 SDBVEDV Pays-Bas
0%
-4 TECWFEW Pays-Bas
0%
-5 UFDXGFX Pays-Bas
0%
-6 VGEYHGY Pays-Bas
0%
-7 WHFZIHZ Pays-Bas
0%
-8 XIGAJIA Pays-Bas
0%
-9 YJHBKJB Pays-Bas
0%
-10 ZKICLKC Pays-Bas
0%
-11 ALJDMLD Pays-Bas
0%
-12 BMKENME Pays-Bas
0%
13 CNLFONF Pays-Bas
0%
+12 DOMGPOG Pays-Bas
0%
+11 EPNHQPH Pays-Bas
0%
+10 FQOIRQI Pays-Bas
0%
+9 GRPJSRJ Pays-Bas
0%
+8 HSQKTSK Pays-Bas
0%
+7 ITRLUTL Pays-Bas
0%
+6 JUSMVUM Pays-Bas
0%
+5 KVTNWVN Pays-Bas
0%
+4 LWUOXWO Pays-Bas
0%
+3 MXVPYXP Pays-Bas
0%
+2 NYWQZYQ Pays-Bas
0%
+1 OZXRAZR Pays-Bas
0%
-1 QFSPV Pérou
0%
-2 RGTQW Pérou
0%
-3 SHURX Pérou
0%
-4 TIVSY Pérou
0%
-5 UJWTZ Pérou
0%
-6 VKXUA Pérou
0%
-7 WLYVB Pérou
0%
-8 XMZWC Pérou
0%
-9 YNAXD Pérou
0%
-10 ZOBYE Pérou
0%
-11 APCZF Pérou
0%
-12 BQDAG Pérou
0%
13 CREBH Pérou
0%
+12 DSFCI Pérou
0%
+11 ETGDJ Pérou
0%
+10 FUHEK Pérou
0%
+9 GVIFL Pérou
0%
+8 HWJGM Pérou
0%
+7 IXKHN Pérou
0%
+6 JYLIO Pérou
0%
+5 KZMJP Pérou
0%
+3 MBOLR Pérou
0%
+2 NCPMS Pérou
0%
+1 ODQNT Pérou
0%
-1 QIJMJQQJOFT Philippines
0%
-2 RJKNKRRKPGU Philippines
0%
-3 SKLOLSSLQHV Philippines
0%
-4 TLMPMTTMRIW Philippines
0%
-5 UMNQNUUNSJX Philippines
0%
-6 VNOROVVOTKY Philippines
0%
-7 WOPSPWWPULZ Philippines
0%
-8 XPQTQXXQVMA Philippines
0%
-9 YQRURYYRWNB Philippines
0%
-10 ZRSVSZZSXOC Philippines
0%
-11 ASTWTAATYPD Philippines
0%
-12 BTUXUBBUZQE Philippines
0%
13 CUVYVCCVARF Philippines
0%
+12 DVWZWDDWBSG Philippines
0%
+11 EWXAXEEXCTH Philippines
0%
+10 FXYBYFFYDUI Philippines
0%
+9 GYZCZGGZEVJ Philippines
0%
+8 HZADAHHAFWK Philippines
0%
+7 IABEBIIBGXL Philippines
0%
+6 JBCFCJJCHYM Philippines
0%
+5 KCDGDKKDIZN Philippines
0%
+4 LDEHELLEJAO Philippines
0%
+3 MEFIFMMFKBP Philippines
0%
+2 NFGJGNNGLCQ Philippines
0%
+1 OGHKHOOHMDR Philippines
0%
-1 QPMPHOF Pologne
0%
-2 RQNQIPG Pologne
0%
-3 SRORJQH Pologne
0%
-4 TSPSKRI Pologne
0%
-5 UTQTLSJ Pologne
0%
-6 VURUMTK Pologne
0%
-7 WVSVNUL Pologne
0%
-8 XWTWOVM Pologne
0%
-9 YXUXPWN Pologne
0%
-10 ZYVYQXO Pologne
0%
-11 AZWZRYP Pologne
0%
-12 BAXASZQ Pologne
0%
13 CBYBTAR Pologne
0%
+12 DCZCUBS Pologne
0%
+11 EDADVCT Pologne
0%
+10 FEBEWDU Pologne
0%
+9 GFCFXEV Pologne
0%
+8 HGDGYFW Pologne
0%
+7 IHEHZGX Pologne
0%
+6 JIFIAHY Pologne
0%
+5 KJGJBIZ Pologne
0%
+4 LKHKCJA Pologne
0%
+3 MLILDKB Pologne
0%
+2 NMJMELC Pologne
0%
+1 ONKNFMD Pologne
0%
-1 QPSUVHBM Portugal
0%
-2 RQTVWICN Portugal
0%
-3 SRUWXJDO Portugal
0%
-4 TSVXYKEP Portugal
0%
-5 UTWYZLFQ Portugal
0%
-6 VUXZAMGR Portugal
0%
-7 WVYABNHS Portugal
0%
-8 XWZBCOIT Portugal
0%
-9 YXACDPJU Portugal
0%
-10 ZYBDEQKV Portugal
0%
-11 AZCEFRLW Portugal
0%
-12 BADFGSMX Portugal
0%
13 CBEGHTNY Portugal
0%
+12 DCFHIUOZ Portugal
0%
+11 EDGIJVPA Portugal
0%
+10 FEHJKWQB Portugal
0%
+9 GFIKLXRC Portugal
0%
+8 HGJLMYSD Portugal
0%
+7 IHKMNZTE Portugal
0%
+6 JILNOAUF Portugal
0%
+5 KJMOPBVG Portugal
0%
+4 LKNPQCWH Portugal
0%
+3 MLOQRDXI Portugal
0%
+2 NMPRSEYJ Portugal
0%
+1 ONQSTFZK Portugal
0%
-1 RBUBS Qatar
0%
-2 SCVCT Qatar
0%
-3 TDWDU Qatar
0%
-4 UEXEV Qatar
0%
-5 VFYFW Qatar
0%
-6 WGZGX Qatar
0%
-7 XHAHY Qatar
0%
-8 YIBIZ Qatar
0%
-9 ZJCJA Qatar
0%
-10 AKDKB Qatar
0%
-11 BLELC Qatar
0%
-12 CMFMD Qatar
0%
13 DNGNE Qatar
0%
+12 EOHOF Qatar
0%
+11 FPIPG Qatar
0%
+10 GQJQH Qatar
0%
+9 HRKRI Qatar
0%
+8 ISLSJ Qatar
0%
+7 JTMTK Qatar
0%
+6 KUNUL Qatar
0%
+5 LVOVM Qatar
0%
+4 MWPWN Qatar
0%
+3 NXQXO Qatar
0%
+2 OYRYP Qatar
0%
+1 PZSZQ Qatar
0%
-1 SFQVCMJRVFDFOUSBGSJDBJOF République Centrafricaine
0%
-2 TGRWDNKSWGEGPVTCHTKECKPG République Centrafricaine
0%
-3 UHSXEOLTXHFHQWUDIULFDLQH République Centrafricaine
0%
-4 VITYFPMUYIGIRXVEJVMGEMRI République Centrafricaine
0%
-5 WJUZGQNVZJHJSYWFKWNHFNSJ République Centrafricaine
0%
-6 XKVAHROWAKIKTZXGLXOIGOTK République Centrafricaine
0%
-7 YLWBISPXBLJLUAYHMYPJHPUL République Centrafricaine
0%
-8 ZMXCJTQYCMKMVBZINZQKIQVM République Centrafricaine
0%
-9 ANYDKURZDNLNWCAJOARLJRWN République Centrafricaine
0%
-10 BOZELVSAEOMOXDBKPBSMKSXO République Centrafricaine
0%
-11 CPAFMWTBFPNPYECLQCTNLTYP République Centrafricaine
0%
-12 DQBGNXUCGQOQZFDMRDUOMUZQ République Centrafricaine
0%
13 ERCHOYVDHRPRAGENSEVPNVAR République Centrafricaine
0%
+12 FSDIPZWEISQSBHFOTFWQOWBS République Centrafricaine
0%
+11 GTEJQAXFJTRTCIGPUGXRPXCT République Centrafricaine
0%
+9 IVGLSCZHLVTVEKIRWIZTRZEV République Centrafricaine
0%
+8 JWHMTDAIMWUWFLJSXJAUSAFW République Centrafricaine
0%
+7 KXINUEBJNXVXGMKTYKBVTBGX République Centrafricaine
0%
+6 LYJOVFCKOYWYHNLUZLCWUCHY République Centrafricaine
0%
+4 NALQXHEMQAYAJPNWBNEYWEJA République Centrafricaine
0%
+2 PCNSZJGOSCACLRPYDPGAYGLC République Centrafricaine
0%
+1 QDOTAKHPTDBDMSQZEQHBZHMD République Centrafricaine
0%
-1 SFQVCMJRVFEFNPDSBUJRVFEVDPOHP République Démocratique du Congo
0%
-2 TGRWDNKSWGFGOQETCVKSWGFWEQPIQ République Démocratique du Congo
0%
-3 UHSXEOLTXHGHPRFUDWLTXHGXFRQJR République Démocratique du Congo
0%
-4 VITYFPMUYIHIQSGVEXMUYIHYGSRKS République Démocratique du Congo
0%
-5 WJUZGQNVZJIJRTHWFYNVZJIZHTSLT République Démocratique du Congo
0%
-6 XKVAHROWAKJKSUIXGZOWAKJAIUTMU République Démocratique du Congo
0%
-7 YLWBISPXBLKLTVJYHAPXBLKBJVUNV République Démocratique du Congo
0%
-8 ZMXCJTQYCMLMUWKZIBQYCMLCKWVOW République Démocratique du Congo
0%
-9 ANYDKURZDNMNVXLAJCRZDNMDLXWPX République Démocratique du Congo
0%
-10 BOZELVSAEONOWYMBKDSAEONEMYXQY République Démocratique du Congo
0%
-11 CPAFMWTBFPOPXZNCLETBFPOFNZYRZ République Démocratique du Congo
0%
-12 DQBGNXUCGQPQYAODMFUCGQPGOAZSA République Démocratique du Congo
0%
13 ERCHOYVDHRQRZBPENGVDHRQHPBATB République Démocratique du Congo
0%
+12 FSDIPZWEISRSACQFOHWEISRIQCBUC République Démocratique du Congo
0%
+11 GTEJQAXFJTSTBDRGPIXFJTSJRDCVD République Démocratique du Congo
0%
+10 HUFKRBYGKUTUCESHQJYGKUTKSEDWE République Démocratique du Congo
0%
+9 IVGLSCZHLVUVDFTIRKZHLVULTFEXF République Démocratique du Congo
0%
+8 JWHMTDAIMWVWEGUJSLAIMWVMUGFYG République Démocratique du Congo
0%
+7 KXINUEBJNXWXFHVKTMBJNXWNVHGZH République Démocratique du Congo
0%
+6 LYJOVFCKOYXYGIWLUNCKOYXOWIHAI République Démocratique du Congo
0%
+4 NALQXHEMQAZAIKYNWPEMQAZQYKJCK République Démocratique du Congo
0%
+3 OBMRYIFNRBABJLZOXQFNRBARZLKDL République Démocratique du Congo
0%
+2 PCNSZJGOSCBCKMAPYRGOSCBSAMLEM République Démocratique du Congo
0%
+1 QDOTAKHPTDCDLNBQZSHPTDCTBNMFN République Démocratique du Congo
0%
-1 SFQVCMJRVFEPNJOJDBJOF République Dominicaine
0%
-2 TGRWDNKSWGFQOKPKECKPG République Dominicaine
0%
-3 UHSXEOLTXHGRPLQLFDLQH République Dominicaine
0%
-4 VITYFPMUYIHSQMRMGEMRI République Dominicaine
0%
-5 WJUZGQNVZJITRNSNHFNSJ République Dominicaine
0%
-6 XKVAHROWAKJUSOTOIGOTK République Dominicaine
0%
-7 YLWBISPXBLKVTPUPJHPUL République Dominicaine
0%
-8 ZMXCJTQYCMLWUQVQKIQVM République Dominicaine
0%
-9 ANYDKURZDNMXVRWRLJRWN République Dominicaine
0%
-10 BOZELVSAEONYWSXSMKSXO République Dominicaine
0%
-11 CPAFMWTBFPOZXTYTNLTYP République Dominicaine
0%
-12 DQBGNXUCGQPAYUZUOMUZQ République Dominicaine
0%
13 ERCHOYVDHRQBZVAVPNVAR République Dominicaine
0%
+12 FSDIPZWEISRCAWBWQOWBS République Dominicaine
0%
+11 GTEJQAXFJTSDBXCXRPXCT République Dominicaine
0%
+10 HUFKRBYGKUTECYDYSQYDU République Dominicaine
0%
+9 IVGLSCZHLVUFDZEZTRZEV République Dominicaine
0%
+8 JWHMTDAIMWVGEAFAUSAFW République Dominicaine
0%
+7 KXINUEBJNXWHFBGBVTBGX République Dominicaine
0%
+6 LYJOVFCKOYXIGCHCWUCHY République Dominicaine
0%
+5 MZKPWGDLPZYJHDIDXVDIZ République Dominicaine
0%
+4 NALQXHEMQAZKIEJEYWEJA République Dominicaine
0%
+3 OBMRYIFNRBALJFKFZXFKB République Dominicaine
0%
+2 PCNSZJGOSCBMKGLGAYGLC République Dominicaine
0%
+1 QDOTAKHPTDCNLHMHBZHMD République Dominicaine
0%
-1 SFQVCMJRVFEVDPOHP République du Congo
0%
-2 TGRWDNKSWGFWEQPIQ République du Congo
0%
-3 UHSXEOLTXHGXFRQJR République du Congo
0%
-4 VITYFPMUYIHYGSRKS République du Congo
0%
-5 WJUZGQNVZJIZHTSLT République du Congo
0%
-6 XKVAHROWAKJAIUTMU République du Congo
0%
-7 YLWBISPXBLKBJVUNV République du Congo
0%
-8 ZMXCJTQYCMLCKWVOW République du Congo
0%
-9 ANYDKURZDNMDLXWPX République du Congo
0%
-10 BOZELVSAEONEMYXQY République du Congo
0%
-11 CPAFMWTBFPOFNZYRZ République du Congo
0%
-12 DQBGNXUCGQPGOAZSA République du Congo
0%
13 ERCHOYVDHRQHPBATB République du Congo
0%
+12 FSDIPZWEISRIQCBUC République du Congo
0%
+11 GTEJQAXFJTSJRDCVD République du Congo
0%
+10 HUFKRBYGKUTKSEDWE République du Congo
0%
+9 IVGLSCZHLVULTFEXF République du Congo
0%
+8 JWHMTDAIMWVMUGFYG République du Congo
0%
+7 KXINUEBJNXWNVHGZH République du Congo
0%
+6 LYJOVFCKOYXOWIHAI République du Congo
0%
+5 MZKPWGDLPZYPXJIBJ République du Congo
0%
+4 NALQXHEMQAZQYKJCK République du Congo
0%
+3 OBMRYIFNRBARZLKDL République du Congo
0%
+2 PCNSZJGOSCBSAMLEM République du Congo
0%
+1 QDOTAKHPTDCTBNMFN République du Congo
0%
-1 SFQVCMJRVFUDIFRVF République Tchèque
0%
-2 TGRWDNKSWGVEJGSWG République Tchèque
0%
-3 UHSXEOLTXHWFKHTXH République Tchèque
0%
-4 VITYFPMUYIXGLIUYI République Tchèque
0%
-5 WJUZGQNVZJYHMJVZJ République Tchèque
0%
-6 XKVAHROWAKZINKWAK République Tchèque
0%
-7 YLWBISPXBLAJOLXBL République Tchèque
0%
-8 ZMXCJTQYCMBKPMYCM République Tchèque
0%
-9 ANYDKURZDNCLQNZDN République Tchèque
0%
-10 BOZELVSAEODMROAEO République Tchèque
0%
-11 CPAFMWTBFPENSPBFP République Tchèque
0%
-12 DQBGNXUCGQFOTQCGQ République Tchèque
0%
13 ERCHOYVDHRGPURDHR République Tchèque
0%
+12 FSDIPZWEISHQVSEIS République Tchèque
0%
+11 GTEJQAXFJTIRWTFJT République Tchèque
0%
+10 HUFKRBYGKUJSXUGKU République Tchèque
0%
+9 IVGLSCZHLVKTYVHLV République Tchèque
0%
+8 JWHMTDAIMWLUZWIMW République Tchèque
0%
+7 KXINUEBJNXMVAXJNX République Tchèque
0%
+6 LYJOVFCKOYNWBYKOY République Tchèque
0%
+5 MZKPWGDLPZOXCZLPZ République Tchèque
0%
+4 NALQXHEMQAPYDAMQA République Tchèque
0%
+3 OBMRYIFNRBQZEBNRB République Tchèque
0%
+2 PCNSZJGOSCRAFCOSC République Tchèque
0%
+1 QDOTAKHPTDSBGDPTD République Tchèque
0%
-1 SPVNBOJF Roumanie
0%
-2 TQWOCPKG Roumanie
0%
-3 URXPDQLH Roumanie
0%
-4 VSYQERMI Roumanie
0%
-5 WTZRFSNJ Roumanie
0%
-6 XUASGTOK Roumanie
0%
-7 YVBTHUPL Roumanie
0%
-8 ZWCUIVQM Roumanie
0%
-9 AXDVJWRN Roumanie
0%
-10 BYEWKXSO Roumanie
0%
-11 CZFXLYTP Roumanie
0%
-12 DAGYMZUQ Roumanie
0%
13 EBHZNAVR Roumanie
0%
+12 FCIAOBWS Roumanie
0%
+11 GDJBPCXT Roumanie
0%
+10 HEKCQDYU Roumanie
0%
+9 IFLDREZV Roumanie
0%
+8 JGMESFAW Roumanie
0%
+7 KHNFTGBX Roumanie
0%
+6 LIOGUHCY Roumanie
0%
+5 MJPHVIDZ Roumanie
0%
+4 NKQIWJEA Roumanie
0%
+3 OLRJXKFB Roumanie
0%
+2 PMSKYLGC Roumanie
0%
+1 QNTLZMHD Roumanie
0%
-1 SPZBVNFVOJ Royaume-Uni
0%
-2 TQACWOGWPK Royaume-Uni
0%
-3 URBDXPHXQL Royaume-Uni
0%
-5 WTDFZRJZSN Royaume-Uni
0%
-6 XUEGASKATO Royaume-Uni
0%
-7 YVFHBTLBUP Royaume-Uni
0%
-8 ZWGICUMCVQ Royaume-Uni
0%
-9 AXHJDVNDWR Royaume-Uni
0%
-10 BYIKEWOEXS Royaume-Uni
0%
-11 CZJLFXPFYT Royaume-Uni
0%
-12 DAKMGYQGZU Royaume-Uni
0%
13 EBLNHZRHAV Royaume-Uni
0%
+12 FCMOIASIBW Royaume-Uni
0%
+11 GDNPJBTJCX Royaume-Uni
0%
+10 HEOQKCUKDY Royaume-Uni
0%
+9 IFPRLDVLEZ Royaume-Uni
0%
+8 JGQSMEWMFA Royaume-Uni
0%
+7 KHRTNFXNGB Royaume-Uni
0%
+6 LISUOGYOHC Royaume-Uni
0%
+5 MJTVPHZPID Royaume-Uni
0%
+4 NKUWQIAQJE Royaume-Uni
0%
+3 OLVXRJBRKF Royaume-Uni
0%
+2 PMWYSKCSLG Royaume-Uni
0%
+1 QNXZTLDTMH Royaume-Uni
0%
-1 SVTTJF Russie
0%
-2 TWUUKG Russie
0%
-3 UXVVLH Russie
0%
-4 VYWWMI Russie
0%
-5 WZXXNJ Russie
0%
-6 XAYYOK Russie
0%
-7 YBZZPL Russie
0%
-8 ZCAAQM Russie
0%
-9 ADBBRN Russie
0%
-10 BECCSO Russie
0%
-11 CFDDTP Russie
0%
-12 DGEEUQ Russie
0%
13 EHFFVR Russie
0%
+12 FIGGWS Russie
0%
+11 GJHHXT Russie
0%
+10 HKIIYU Russie
0%
+9 ILJJZV Russie
0%
+8 JMKKAW Russie
0%
+7 KNLLBX Russie
0%
+6 LOMMCY Russie
0%
+5 MPNNDZ Russie
0%
+4 NQOOEA Russie
0%
+3 ORPPFB Russie
0%
+2 PSQQGC Russie
0%
+1 QTRRHD Russie
0%
-1 SXBOEB Rwanda
0%
-2 TYCPFC Rwanda
0%
-3 UZDQGD Rwanda
0%
-4 VAERHE Rwanda
0%
-6 XCGTJG Rwanda
0%
-7 YDHUKH Rwanda
0%
-8 ZEIVLI Rwanda
0%
-9 AFJWMJ Rwanda
0%
-10 BGKXNK Rwanda
0%
-11 CHLYOL Rwanda
0%
-12 DIMZPM Rwanda
0%
13 EJNAQN Rwanda
0%
+12 FKOBRO Rwanda
0%
+11 GLPCSP Rwanda
0%
+10 HMQDTQ Rwanda
0%
+9 INREUR Rwanda
0%
+8 JOSFVS Rwanda
0%
+7 KPTGWT Rwanda
0%
+6 LQUHXU Rwanda
0%
+5 MRVIYV Rwanda
0%
+4 NSWJZW Rwanda
0%
+3 OTXKAX Rwanda
0%
+2 PUYLBY Rwanda
0%
+1 QVZMCZ Rwanda
0%
-1 TBJOUDISJTUPQIFFUOJFWFT Saint-Christophe-et-Niévès
0%
-2 UCKPVEJTKUVQRJGGVPKGXGU Saint-Christophe-et-Niévès
0%
-3 VDLQWFKULVWRSKHHWQLHYHV Saint-Christophe-et-Niévès
0%
-4 WEMRXGLVMWXSTLIIXRMIZIW Saint-Christophe-et-Niévès
0%
-5 XFNSYHMWNXYTUMJJYSNJAJX Saint-Christophe-et-Niévès
0%
-6 YGOTZINXOYZUVNKKZTOKBKY Saint-Christophe-et-Niévès
0%
-7 ZHPUAJOYPZAVWOLLAUPLCLZ Saint-Christophe-et-Niévès
0%
-8 AIQVBKPZQABWXPMMBVQMDMA Saint-Christophe-et-Niévès
0%
-9 BJRWCLQARBCXYQNNCWRNENB Saint-Christophe-et-Niévès
0%
-10 CKSXDMRBSCDYZROODXSOFOC Saint-Christophe-et-Niévès
0%
-11 DLTYENSCTDEZASPPEYTPGPD Saint-Christophe-et-Niévès
0%
-12 EMUZFOTDUEFABTQQFZUQHQE Saint-Christophe-et-Niévès
0%
13 FNVAGPUEVFGBCURRGAVRIRF Saint-Christophe-et-Niévès
0%
+11 HPXCIRWGXHIDEWTTICXTKTH Saint-Christophe-et-Niévès
0%
+9 JRZEKTYIZJKFGYVVKEZVMVJ Saint-Christophe-et-Niévès
0%
+8 KSAFLUZJAKLGHZWWLFAWNWK Saint-Christophe-et-Niévès
0%
+7 LTBGMVAKBLMHIAXXMGBXOXL Saint-Christophe-et-Niévès
0%
+6 MUCHNWBLCMNIJBYYNHCYPYM Saint-Christophe-et-Niévès
0%
+5 NVDIOXCMDNOJKCZZOIDZQZN Saint-Christophe-et-Niévès
0%
+4 OWEJPYDNEOPKLDAAPJEARAO Saint-Christophe-et-Niévès
0%
+3 PXFKQZEOFPQLMEBBQKFBSBP Saint-Christophe-et-Niévès
0%
+2 QYGLRAFPGQRMNFCCRLGCTCQ Saint-Christophe-et-Niévès
0%
+1 RZHMSBGQHRSNOGDDSMHDUDR Saint-Christophe-et-Niévès
0%
-1 TBJOUFMVDJF Sainte-Lucie
0%
-2 UCKPVGNWEKG Sainte-Lucie
0%
-4 WEMRXIPYGMI Sainte-Lucie
0%
-5 XFNSYJQZHNJ Sainte-Lucie
0%
-6 YGOTZKRAIOK Sainte-Lucie
0%
-7 ZHPUALSBJPL Sainte-Lucie
0%
-8 AIQVBMTCKQM Sainte-Lucie
0%
-9 BJRWCNUDLRN Sainte-Lucie
0%
-10 CKSXDOVEMSO Sainte-Lucie
0%
-11 DLTYEPWFNTP Sainte-Lucie
0%
-12 EMUZFQXGOUQ Sainte-Lucie
0%
13 FNVAGRYHPVR Sainte-Lucie
0%
+12 GOWBHSZIQWS Sainte-Lucie
0%
+11 HPXCITAJRXT Sainte-Lucie
0%
+10 IQYDJUBKSYU Sainte-Lucie
0%
+9 JRZEKVCLTZV Sainte-Lucie
0%
+8 KSAFLWDMUAW Sainte-Lucie
0%
+7 LTBGMXENVBX Sainte-Lucie
0%
+6 MUCHNYFOWCY Sainte-Lucie
0%
+5 NVDIOZGPXDZ Sainte-Lucie
0%
+3 PXFKQBIRZFB Sainte-Lucie
0%
+2 QYGLRCJSAGC Sainte-Lucie
0%
+1 RZHMSDKTBHD Sainte-Lucie
0%
-1 TBJOUNBSJO Saint-Marin
0%
-2 UCKPVOCTKP Saint-Marin
0%
-3 VDLQWPDULQ Saint-Marin
0%
-4 WEMRXQEVMR Saint-Marin
0%
-5 XFNSYRFWNS Saint-Marin
0%
-6 YGOTZSGXOT Saint-Marin
0%
-7 ZHPUATHYPU Saint-Marin
0%
-8 AIQVBUIZQV Saint-Marin
0%
-9 BJRWCVJARW Saint-Marin
0%
-10 CKSXDWKBSX Saint-Marin
0%
-11 DLTYEXLCTY Saint-Marin
0%
-12 EMUZFYMDUZ Saint-Marin
0%
13 FNVAGZNEVA Saint-Marin
0%
+12 GOWBHAOFWB Saint-Marin
0%
+11 HPXCIBPGXC Saint-Marin
0%
+10 IQYDJCQHYD Saint-Marin
0%
+9 JRZEKDRIZE Saint-Marin
0%
+8 KSAFLESJAF Saint-Marin
0%
+7 LTBGMFTKBG Saint-Marin
0%
+6 MUCHNGULCH Saint-Marin
0%
+5 NVDIOHVMDI Saint-Marin
0%
+4 OWEJPIWNEJ Saint-Marin
0%
+3 PXFKQJXOFK Saint-Marin
0%
+2 QYGLRKYPGL Saint-Marin
0%
+1 RZHMSLZQHM Saint-Marin
0%
-1 TBJOUWJODFOUFUMFTHSFOBEJOFT Saint-Vincent-et-les-Grenadines
0%
-2 UCKPVXKPEGPVGVNGUITGPCFKPGU Saint-Vincent-et-les-Grenadines
0%
-3 VDLQWYLQFHQWHWOHVJUHQDGLQHV Saint-Vincent-et-les-Grenadines
0%
-4 WEMRXZMRGIRXIXPIWKVIREHMRIW Saint-Vincent-et-les-Grenadines
0%
-5 XFNSYANSHJSYJYQJXLWJSFINSJX Saint-Vincent-et-les-Grenadines
0%
-6 YGOTZBOTIKTZKZRKYMXKTGJOTKY Saint-Vincent-et-les-Grenadines
0%
-8 AIQVBDQVKMVBMBTMAOZMVILQVMA Saint-Vincent-et-les-Grenadines
0%
-9 BJRWCERWLNWCNCUNBPANWJMRWNB Saint-Vincent-et-les-Grenadines
0%
-10 CKSXDFSXMOXDODVOCQBOXKNSXOC Saint-Vincent-et-les-Grenadines
0%
-11 DLTYEGTYNPYEPEWPDRCPYLOTYPD Saint-Vincent-et-les-Grenadines
0%
-12 EMUZFHUZOQZFQFXQESDQZMPUZQE Saint-Vincent-et-les-Grenadines
0%
13 FNVAGIVAPRAGRGYRFTERANQVARF Saint-Vincent-et-les-Grenadines
0%
+12 GOWBHJWBQSBHSHZSGUFSBORWBSG Saint-Vincent-et-les-Grenadines
0%
+11 HPXCIKXCRTCITIATHVGTCPSXCTH Saint-Vincent-et-les-Grenadines
0%
+10 IQYDJLYDSUDJUJBUIWHUDQTYDUI Saint-Vincent-et-les-Grenadines
0%
+9 JRZEKMZETVEKVKCVJXIVERUZEVJ Saint-Vincent-et-les-Grenadines
0%
+8 KSAFLNAFUWFLWLDWKYJWFSVAFWK Saint-Vincent-et-les-Grenadines
0%
+7 LTBGMOBGVXGMXMEXLZKXGTWBGXL Saint-Vincent-et-les-Grenadines
0%
+6 MUCHNPCHWYHNYNFYMALYHUXCHYM Saint-Vincent-et-les-Grenadines
0%
+5 NVDIOQDIXZIOZOGZNBMZIVYDIZN Saint-Vincent-et-les-Grenadines
0%
+4 OWEJPREJYAJPAPHAOCNAJWZEJAO Saint-Vincent-et-les-Grenadines
0%
+3 PXFKQSFKZBKQBQIBPDOBKXAFKBP Saint-Vincent-et-les-Grenadines
0%
+2 QYGLRTGLACLRCRJCQEPCLYBGLCQ Saint-Vincent-et-les-Grenadines
0%
-1 TBMWBEPS Salvador
0%
-2 UCNXCFQT Salvador
0%
-3 VDOYDGRU Salvador
0%
-4 WEPZEHSV Salvador
0%
-5 XFQAFITW Salvador
0%
-6 YGRBGJUX Salvador
0%
-7 ZHSCHKVY Salvador
0%
-8 AITDILWZ Salvador
0%
-9 BJUEJMXA Salvador
0%
-10 CKVFKNYB Salvador
0%
-11 DLWGLOZC Salvador
0%
-12 EMXHMPAD Salvador
0%
13 FNYINQBE Salvador
0%
+12 GOZJORCF Salvador
0%
+11 HPAKPSDG Salvador
0%
+10 IQBLQTEH Salvador
0%
+9 JRCMRUFI Salvador
0%
+8 KSDNSVGJ Salvador
0%
+7 LTEOTWHK Salvador
0%
+6 MUFPUXIL Salvador
0%
+5 NVGQVYJM Salvador
0%
+4 OWHRWZKN Salvador
0%
+3 PXISXALO Salvador
0%
+2 QYJTYBMP Salvador
0%
+1 RZKUZCNQ Salvador
0%
-1 TBNPB Samoa
0%
-2 UCOQC Samoa
0%
-3 VDPRD Samoa
0%
-4 WEQSE Samoa
0%
-5 XFRTF Samoa
0%
-6 YGSUG Samoa
0%
-7 ZHTVH Samoa
0%
-8 AIUWI Samoa
0%
-9 BJVXJ Samoa
0%
-10 CKWYK Samoa
0%
-11 DLXZL Samoa
0%
-12 EMYAM Samoa
0%
13 FNZBN Samoa
0%
+12 GOACO Samoa
0%
+11 HPBDP Samoa
0%
+10 IQCEQ Samoa
0%
+9 JRDFR Samoa
0%
+8 KSEGS Samoa
0%
+7 LTFHT Samoa
0%
+6 MUGIU Samoa
0%
+5 NVHJV Samoa
0%
+4 OWIKW Samoa
0%
+3 PXJLX Samoa
0%
+1 RZLNZ Samoa
0%
-1 TBPUPNFFUQSJODJQF São Tomé-et-Principe
0%
-2 UCQVQOGGVRTKPEKRG São Tomé-et-Principe
0%
-4 WESXSQIIXTVMRGMTI São Tomé-et-Principe
0%
-5 XFTYTRJJYUWNSHNUJ São Tomé-et-Principe
0%
-6 YGUZUSKKZVXOTIOVK São Tomé-et-Principe
0%
-7 ZHVAVTLLAWYPUJPWL São Tomé-et-Principe
0%
-8 AIWBWUMMBXZQVKQXM São Tomé-et-Principe
0%
-9 BJXCXVNNCYARWLRYN São Tomé-et-Principe
0%
-10 CKYDYWOODZBSXMSZO São Tomé-et-Principe
0%
-11 DLZEZXPPEACTYNTAP São Tomé-et-Principe
0%
-12 EMAFAYQQFBDUZOUBQ São Tomé-et-Principe
0%
13 FNBGBZRRGCEVAPVCR São Tomé-et-Principe
0%
+12 GOCHCASSHDFWBQWDS São Tomé-et-Principe
0%
+11 HPDIDBTTIEGXCRXET São Tomé-et-Principe
0%
+10 IQEJECUUJFHYDSYFU São Tomé-et-Principe
0%
+9 JRFKFDVVKGIZETZGV São Tomé-et-Principe
0%
+8 KSGLGEWWLHJAFUAHW São Tomé-et-Principe
0%
+7 LTHMHFXXMIKBGVBIX São Tomé-et-Principe
0%
+6 MUINIGYYNJLCHWCJY São Tomé-et-Principe
0%
+5 NVJOJHZZOKMDIXDKZ São Tomé-et-Principe
0%
+4 OWKPKIAAPLNEJYELA São Tomé-et-Principe
0%
+3 PXLQLJBBQMOFKZFMB São Tomé-et-Principe
0%
+2 QYMRMKCCRNPGLAGNC São Tomé-et-Principe
0%
+1 RZNSNLDDSOQHMBHOD São Tomé-et-Principe
0%
-1 TFOFHBM Sénégal
0%
-2 UGPGICN Sénégal
0%
-3 VHQHJDO Sénégal
0%
-4 WIRIKEP Sénégal
0%
-5 XJSJLFQ Sénégal
0%
-6 YKTKMGR Sénégal
0%
-7 ZLULNHS Sénégal
0%
-8 AMVMOIT Sénégal
0%
-9 BNWNPJU Sénégal
0%
-10 COXOQKV Sénégal
0%
-11 DPYPRLW Sénégal
0%
-12 EQZQSMX Sénégal
0%
13 FRARTNY Sénégal
0%
+12 GSBSUOZ Sénégal
0%
+11 HTCTVPA Sénégal
0%
+10 IUDUWQB Sénégal
0%
+9 JVEVXRC Sénégal
0%
+8 KWFWYSD Sénégal
0%
+7 LXGXZTE Sénégal
0%
+5 NZIZBVG Sénégal
0%
+4 OAJACWH Sénégal
0%
+3 PBKBDXI Sénégal
0%
+2 QCLCEYJ Sénégal
0%
+1 RDMDFZK Sénégal
0%
-1 TFSCJF Serbie
0%
-2 UGTDKG Serbie
0%
-3 VHUELH Serbie
0%
-4 WIVFMI Serbie
0%
-5 XJWGNJ Serbie
0%
-6 YKXHOK Serbie
0%
-7 ZLYIPL Serbie
0%
-8 AMZJQM Serbie
0%
-9 BNAKRN Serbie
0%
-10 COBLSO Serbie
0%
-11 DPCMTP Serbie
0%
-12 EQDNUQ Serbie
0%
13 FREOVR Serbie
0%
+12 GSFPWS Serbie
0%
+11 HTGQXT Serbie
0%
+10 IUHRYU Serbie
0%
+9 JVISZV Serbie
0%
+8 KWJTAW Serbie
0%
+7 LXKUBX Serbie
0%
+6 MYLVCY Serbie
0%
+5 NZMWDZ Serbie
0%
+4 OANXEA Serbie
0%
+3 PBOYFB Serbie
0%
+2 QCPZGC Serbie
0%
-1 TFZDIFMMFT Seychelles
0%
-2 UGAEJGNNGU Seychelles
0%
-3 VHBFKHOOHV Seychelles
0%
-4 WICGLIPPIW Seychelles
0%
-5 XJDHMJQQJX Seychelles
0%
-6 YKEINKRRKY Seychelles
0%
-7 ZLFJOLSSLZ Seychelles
0%
-8 AMGKPMTTMA Seychelles
0%
-9 BNHLQNUUNB Seychelles
0%
-10 COIMROVVOC Seychelles
0%
-11 DPJNSPWWPD Seychelles
0%
-12 EQKOTQXXQE Seychelles
0%
13 FRLPURYYRF Seychelles
0%
+12 GSMQVSZZSG Seychelles
0%
+11 HTNRWTAATH Seychelles
0%
+10 IUOSXUBBUI Seychelles
0%
+9 JVPTYVCCVJ Seychelles
0%
+8 KWQUZWDDWK Seychelles
0%
+7 LXRVAXEEXL Seychelles
0%
+6 MYSWBYFFYM Seychelles
0%
+5 NZTXCZGGZN Seychelles
0%
+4 OAUYDAHHAO Seychelles
0%
+3 PBVZEBIIBP Seychelles
0%
+2 QCWAFCJJCQ Seychelles
0%
+1 RDXBGDKKDR Seychelles
0%
-1 TJFSSBMFPOF Sierra Leone
0%
-2 UKGTTCNGQPG Sierra Leone
0%
-3 VLHUUDOHRQH Sierra Leone
0%
-4 WMIVVEPISRI Sierra Leone
0%
-5 XNJWWFQJTSJ Sierra Leone
0%
-6 YOKXXGRKUTK Sierra Leone
0%
-7 ZPLYYHSLVUL Sierra Leone
0%
-8 AQMZZITMWVM Sierra Leone
0%
-9 BRNAAJUNXWN Sierra Leone
0%
-10 CSOBBKVOYXO Sierra Leone
0%
-11 DTPCCLWPZYP Sierra Leone
0%
-12 EUQDDMXQAZQ Sierra Leone
0%
13 FVREENYRBAR Sierra Leone
0%
+12 GWSFFOZSCBS Sierra Leone
0%
+11 HXTGGPATDCT Sierra Leone
0%
+10 IYUHHQBUEDU Sierra Leone
0%
+9 JZVIIRCVFEV Sierra Leone
0%
+8 KAWJJSDWGFW Sierra Leone
0%
+7 LBXKKTEXHGX Sierra Leone
0%
+5 NDZMMVGZJIZ Sierra Leone
0%
+4 OEANNWHAKJA Sierra Leone
0%
+3 PFBOOXIBLKB Sierra Leone
0%
+2 QGCPPYJCMLC Sierra Leone
0%
+1 RHDQQZKDNMD Sierra Leone
0%
-1 TJOHBQPVS Singapour
0%
-2 UKPICRQWT Singapour
0%
-3 VLQJDSRXU Singapour
0%
-4 WMRKETSYV Singapour
0%
-5 XNSLFUTZW Singapour
0%
-6 YOTMGVUAX Singapour
0%
-7 ZPUNHWVBY Singapour
0%
-8 AQVOIXWCZ Singapour
0%
-9 BRWPJYXDA Singapour
0%
-10 CSXQKZYEB Singapour
0%
-11 DTYRLAZFC Singapour
0%
-12 EUZSMBAGD Singapour
0%
13 FVATNCBHE Singapour
0%
+12 GWBUODCIF Singapour
0%
+11 HXCVPEDJG Singapour
0%
+10 IYDWQFEKH Singapour
0%
+9 JZEXRGFLI Singapour
0%
+8 KAFYSHGMJ Singapour
0%
+7 LBGZTIHNK Singapour
0%
+6 MCHAUJIOL Singapour
0%
+5 NDIBVKJPM Singapour
0%
+4 OEJCWLKQN Singapour
0%
+3 PFKDXMLRO Singapour
0%
+2 QGLEYNMSP Singapour
0%
+1 RHMFZONTQ Singapour
0%
-2 UNQXCSWKG Slovaquie
0%
-3 VORYDTXLH Slovaquie
0%
-4 WPSZEUYMI Slovaquie
0%
-5 XQTAFVZNJ Slovaquie
0%
-6 YRUBGWAOK Slovaquie
0%
-7 ZSVCHXBPL Slovaquie
0%
-8 ATWDIYCQM Slovaquie
0%
-9 BUXEJZDRN Slovaquie
0%
-10 CVYFKAESO Slovaquie
0%
-11 DWZGLBFTP Slovaquie
0%
-12 EXAHMCGUQ Slovaquie
0%
13 FYBINDHVR Slovaquie
0%
+12 GZCJOEIWS Slovaquie
0%
+11 HADKPFJXT Slovaquie
0%
+10 IBELQGKYU Slovaquie
0%
+9 JCFMRHLZV Slovaquie
0%
+8 KDGNSIMAW Slovaquie
0%
+7 LEHOTJNBX Slovaquie
0%
+6 MFIPUKOCY Slovaquie
0%
+5 NGJQVLPDZ Slovaquie
0%
+4 OHKRWMQEA Slovaquie
0%
+3 PILSXNRFB Slovaquie
0%
+2 QJMTYOSGC Slovaquie
0%
+1 RKNUZPTHD Slovaquie
0%
-1 TMPWFOJF Slovénie
0%
-2 UNQXGPKG Slovénie
0%
-3 VORYHQLH Slovénie
0%
-4 WPSZIRMI Slovénie
0%
-5 XQTAJSNJ Slovénie
0%
-6 YRUBKTOK Slovénie
0%
-7 ZSVCLUPL Slovénie
0%
-8 ATWDMVQM Slovénie
0%
-9 BUXENWRN Slovénie
0%
-10 CVYFOXSO Slovénie
0%
-11 DWZGPYTP Slovénie
0%
-12 EXAHQZUQ Slovénie
0%
13 FYBIRAVR Slovénie
0%
+12 GZCJSBWS Slovénie
0%
+11 HADKTCXT Slovénie
0%
+10 IBELUDYU Slovénie
0%
+9 JCFMVEZV Slovénie
0%
+8 KDGNWFAW Slovénie
0%
+7 LEHOXGBX Slovénie
0%
+6 MFIPYHCY Slovénie
0%
+5 NGJQZIDZ Slovénie
0%
+4 OHKRAJEA Slovénie
0%
+3 PILSBKFB Slovénie
0%
+2 QJMTCLGC Slovénie
0%
+1 RKNUDMHD Slovénie
0%
-1 TPNBMJF Somalie
0%
-2 UQOCNKG Somalie
0%
-3 VRPDOLH Somalie
0%
-4 WSQEPMI Somalie
0%
-5 XTRFQNJ Somalie
0%
-6 YUSGROK Somalie
0%
-7 ZVTHSPL Somalie
0%
-8 AWUITQM Somalie
0%
-9 BXVJURN Somalie
0%
-10 CYWKVSO Somalie
0%
-11 DZXLWTP Somalie
0%
-12 EAYMXUQ Somalie
0%
13 FBZNYVR Somalie
0%
+12 GCAOZWS Somalie
0%
+11 HDBPAXT Somalie
0%
+10 IECQBYU Somalie
0%
+9 JFDRCZV Somalie
0%
+8 KGESDAW Somalie
0%
+7 LHFTEBX Somalie
0%
+6 MIGUFCY Somalie
0%
+5 NJHVGDZ Somalie
0%
+4 OKIWHEA Somalie
0%
+3 PLJXIFB Somalie
0%
+2 QMKYJGC Somalie
0%
+1 RNLZKHD Somalie
0%
-1 TPVEBO Soudan
0%
-2 UQWFCP Soudan
0%
-3 VRXGDQ Soudan
0%
-4 WSYHER Soudan
0%
-5 XTZIFS Soudan
0%
-6 YUAJGT Soudan
0%
-7 ZVBKHU Soudan
0%
-8 AWCLIV Soudan
0%
-9 BXDMJW Soudan
0%
-10 CYENKX Soudan
0%
-11 DZFOLY Soudan
0%
-12 EAGPMZ Soudan
0%
13 FBHQNA Soudan
0%
+12 GCIROB Soudan
0%
+11 HDJSPC Soudan
0%
+10 IEKTQD Soudan
0%
+9 JFLURE Soudan
0%
+8 KGMVSF Soudan
0%
+7 LHNWTG Soudan
0%
+6 MIOXUH Soudan
0%
+5 NJPYVI Soudan
0%
+4 OKQZWJ Soudan
0%
+3 PLRAXK Soudan
0%
+2 QMSBYL Soudan
0%
+1 RNTCZM Soudan
0%
-1 TPVEBOEVTVE Soudan du Sud
0%
-2 UQWFCPFWUWF Soudan du Sud
0%
-3 VRXGDQGXVXG Soudan du Sud
0%
-4 WSYHERHYWYH Soudan du Sud
0%
-5 XTZIFSIZXZI Soudan du Sud
0%
-6 YUAJGTJAYAJ Soudan du Sud
0%
-7 ZVBKHUKBZBK Soudan du Sud
0%
-8 AWCLIVLCACL Soudan du Sud
0%
-9 BXDMJWMDBDM Soudan du Sud
0%
-10 CYENKXNECEN Soudan du Sud
0%
-11 DZFOLYOFDFO Soudan du Sud
0%
-12 EAGPMZPGEGP Soudan du Sud
0%
13 FBHQNAQHFHQ Soudan du Sud
0%
+12 GCIROBRIGIR Soudan du Sud
0%
+11 HDJSPCSJHJS Soudan du Sud
0%
+10 IEKTQDTKIKT Soudan du Sud
0%
+9 JFLUREULJLU Soudan du Sud
0%
+7 LHNWTGWNLNW Soudan du Sud
0%
+6 MIOXUHXOMOX Soudan du Sud
0%
+5 NJPYVIYPNPY Soudan du Sud
0%
+4 OKQZWJZQOQZ Soudan du Sud
0%
+3 PLRAXKARPRA Soudan du Sud
0%
+2 QMSBYLBSQSB Soudan du Sud
0%
+1 RNTCZMCTRTC Soudan du Sud
0%
-1 TSJMBOLB Sri Lanka
0%
-2 UTKNCPMC Sri Lanka
0%
-3 VULODQND Sri Lanka
0%
-4 WVMPEROE Sri Lanka
0%
-5 XWNQFSPF Sri Lanka
0%
-6 YXORGTQG Sri Lanka
0%
-7 ZYPSHURH Sri Lanka
0%
-8 AZQTIVSI Sri Lanka
0%
-9 BARUJWTJ Sri Lanka
0%
-10 CBSVKXUK Sri Lanka
0%
-11 DCTWLYVL Sri Lanka
0%
-12 EDUXMZWM Sri Lanka
0%
13 FEVYNAXN Sri Lanka
0%
+12 GFWZOBYO Sri Lanka
0%
+11 HGXAPCZP Sri Lanka
0%
+10 IHYBQDAQ Sri Lanka
0%
+9 JIZCREBR Sri Lanka
0%
+8 KJADSFCS Sri Lanka
0%
+7 LKBETGDT Sri Lanka
0%
+6 MLCFUHEU Sri Lanka
0%
+5 NMDGVIFV Sri Lanka
0%
+4 ONEHWJGW Sri Lanka
0%
+3 POFIXKHX Sri Lanka
0%
+2 QPGJYLIY Sri Lanka
0%
+1 RQHKZMJZ Sri Lanka
0%
-1 TVFEF Suède
0%
-2 UWGFG Suède
0%
-3 VXHGH Suède
0%
-4 WYIHI Suède
0%
-5 XZJIJ Suède
0%
-6 YAKJK Suède
0%
-7 ZBLKL Suède
0%
-8 ACMLM Suède
0%
-9 BDNMN Suède
0%
-10 CEONO Suède
0%
-11 DFPOP Suède
0%
-12 EGQPQ Suède
0%
13 FHRQR Suède
0%
+12 GISRS Suède
0%
+11 HJTST Suède
0%
+10 IKUTU Suède
0%
+9 JLVUV Suède
0%
+8 KMWVW Suède
0%
+7 LNXWX Suède
0%
+6 MOYXY Suède
0%
+5 NPZYZ Suède
0%
+4 OQAZA Suède
0%
+3 PRBAB Suède
0%
+2 QSCBC Suède
0%
+1 RTDCD Suède
0%
-1 TVJTTF Suisse
0%
-2 UWKUUG Suisse
0%
-4 WYMWWI Suisse
0%
-5 XZNXXJ Suisse
0%
-6 YAOYYK Suisse
0%
-7 ZBPZZL Suisse
0%
-8 ACQAAM Suisse
0%
-9 BDRBBN Suisse
0%
-10 CESCCO Suisse
0%
-11 DFTDDP Suisse
0%
-12 EGUEEQ Suisse
0%
13 FHVFFR Suisse
0%
+12 GIWGGS Suisse
0%
+11 HJXHHT Suisse
0%
+10 IKYIIU Suisse
0%
+9 JLZJJV Suisse
0%
+8 KMAKKW Suisse
0%
+7 LNBLLX Suisse
0%
+6 MOCMMY Suisse
0%
+5 NPDNNZ Suisse
0%
+3 PRFPPB Suisse
0%
+1 RTHRRD Suisse
0%
-1 TVSJOBNF Suriname
0%
-2 UWTKPCOG Suriname
0%
-3 VXULQDPH Suriname
0%
-4 WYVMREQI Suriname
0%
-5 XZWNSFRJ Suriname
0%
-6 YAXOTGSK Suriname
0%
-7 ZBYPUHTL Suriname
0%
-8 ACZQVIUM Suriname
0%
-9 BDARWJVN Suriname
0%
-10 CEBSXKWO Suriname
0%
-11 DFCTYLXP Suriname
0%
-12 EGDUZMYQ Suriname
0%
13 FHEVANZR Suriname
0%
+12 GIFWBOAS Suriname
0%
+11 HJGXCPBT Suriname
0%
+10 IKHYDQCU Suriname
0%
+9 JLIZERDV Suriname
0%
+8 KMJAFSEW Suriname
0%
+7 LNKBGTFX Suriname
0%
+6 MOLCHUGY Suriname
0%
+5 NPMDIVHZ Suriname
0%
+4 OQNEJWIA Suriname
0%
+3 PROFKXJB Suriname
0%
+2 QSPGLYKC Suriname
0%
+1 RTQHMZLD Suriname
0%
-1 TZSJF Syrie
0%
-2 UATKG Syrie
0%
-3 VBULH Syrie
0%
-4 WCVMI Syrie
0%
-5 XDWNJ Syrie
0%
-6 YEXOK Syrie
0%
-7 ZFYPL Syrie
0%
-8 AGZQM Syrie
0%
-9 BHARN Syrie
0%
-10 CIBSO Syrie
0%
-11 DJCTP Syrie
0%
-12 EKDUQ Syrie
0%
13 FLEVR Syrie
0%
+12 GMFWS Syrie
0%
+11 HNGXT Syrie
0%
+10 IOHYU Syrie
0%
+9 JPIZV Syrie
0%
+8 KQJAW Syrie
0%
+7 LRKBX Syrie
0%
+6 MSLCY Syrie
0%
+5 NTMDZ Syrie
0%
+4 OUNEA Syrie
0%
+3 PVOFB Syrie
0%
+2 QWPGC Syrie
0%
+1 RXQHD Syrie
0%
-1 UBEKJLJTUBO Tadjikistan
0%
-2 VCFLKMKUVCP Tadjikistan
0%
-3 WDGMLNLVWDQ Tadjikistan
0%
-4 XEHNMOMWXER Tadjikistan
0%
-5 YFIONPNXYFS Tadjikistan
0%
-6 ZGJPOQOYZGT Tadjikistan
0%
-7 AHKQPRPZAHU Tadjikistan
0%
-8 BILRQSQABIV Tadjikistan
0%
-9 CJMSRTRBCJW Tadjikistan
0%
-10 DKNTSUSCDKX Tadjikistan
0%
-11 ELOUTVTDELY Tadjikistan
0%
-12 FMPVUWUEFMZ Tadjikistan
0%
13 GNQWVXVFGNA Tadjikistan
0%
+12 HORXWYWGHOB Tadjikistan
0%
+11 IPSYXZXHIPC Tadjikistan
0%
+10 JQTZYAYIJQD Tadjikistan
0%
+9 KRUAZBZJKRE Tadjikistan
0%
+8 LSVBACAKLSF Tadjikistan
0%
+7 MTWCBDBLMTG Tadjikistan
0%
+6 NUXDCECMNUH Tadjikistan
0%
+5 OVYEDFDNOVI Tadjikistan
0%
+4 PWZFEGEOPWJ Tadjikistan
0%
+3 QXAGFHFPQXK Tadjikistan
0%
+2 RYBHGIGQRYL Tadjikistan
0%
+1 SZCIHJHRSZM Tadjikistan
0%
-1 UBJXBO Taïwan
0%
-2 VCKYCP Taïwan
0%
-3 WDLZDQ Taïwan
0%
-4 XEMAER Taïwan
0%
-5 YFNBFS Taïwan
0%
-6 ZGOCGT Taïwan
0%
-7 AHPDHU Taïwan
0%
-8 BIQEIV Taïwan
0%
-9 CJRFJW Taïwan
0%
-10 DKSGKX Taïwan
0%
-11 ELTHLY Taïwan
0%
-12 FMUIMZ Taïwan
0%
13 GNVJNA Taïwan
0%
+12 HOWKOB Taïwan
0%
+11 IPXLPC Taïwan
0%
+10 JQYMQD Taïwan
0%
+9 KRZNRE Taïwan
0%
+8 LSAOSF Taïwan
0%
+7 MTBPTG Taïwan
0%
+6 NUCQUH Taïwan
0%
+5 OVDRVI Taïwan
0%
+4 PWESWJ Taïwan
0%
+3 QXFTXK Taïwan
0%
+2 RYGUYL Taïwan
0%
+1 SZHVZM Taïwan
0%
-1 UBOABOJF Tanzanie
0%
-2 VCPBCPKG Tanzanie
0%
-3 WDQCDQLH Tanzanie
0%
-4 XERDERMI Tanzanie
0%
-5 YFSEFSNJ Tanzanie
0%
-6 ZGTFGTOK Tanzanie
0%
-7 AHUGHUPL Tanzanie
0%
-8 BIVHIVQM Tanzanie
0%
-9 CJWIJWRN Tanzanie
0%
-10 DKXJKXSO Tanzanie
0%
-11 ELYKLYTP Tanzanie
0%
-12 FMZLMZUQ Tanzanie
0%
13 GNAMNAVR Tanzanie
0%
+12 HOBNOBWS Tanzanie
0%
+11 IPCOPCXT Tanzanie
0%
+10 JQDPQDYU Tanzanie
0%
+9 KREQREZV Tanzanie
0%
+8 LSFRSFAW Tanzanie
0%
+7 MTGSTGBX Tanzanie
0%
+6 NUHTUHCY Tanzanie
0%
+5 OVIUVIDZ Tanzanie
0%
+4 PWJVWJEA Tanzanie
0%
+3 QXKWXKFB Tanzanie
0%
+2 RYLXYLGC Tanzanie
0%
+1 SZMYZMHD Tanzanie
0%
-1 UDIBE Tchad
0%
-2 VEJCF Tchad
0%
-3 WFKDG Tchad
0%
-4 XGLEH Tchad
0%
-5 YHMFI Tchad
0%
-6 ZINGJ Tchad
0%
-7 AJOHK Tchad
0%
-8 BKPIL Tchad
0%
-9 CLQJM Tchad
0%
-10 DMRKN Tchad
0%
-11 ENSLO Tchad
0%
-12 FOTMP Tchad
0%
13 GPUNQ Tchad
0%
+12 HQVOR Tchad
0%
+11 IRWPS Tchad
0%
+10 JSXQT Tchad
0%
+9 KTYRU Tchad
0%
+8 LUZSV Tchad
0%
+7 MVATW Tchad
0%
+6 NWBUX Tchad
0%
+5 OXCVY Tchad
0%
+4 PYDWZ Tchad
0%
+3 QZEXA Tchad
0%
+2 RAFYB Tchad
0%
+1 SBGZC Tchad
0%
-1 UIBJMBOEF Thaïlande
0%
-2 VJCKNCPFG Thaïlande
0%
-3 WKDLODQGH Thaïlande
0%
-4 XLEMPERHI Thaïlande
0%
-5 YMFNQFSIJ Thaïlande
0%
-6 ZNGORGTJK Thaïlande
0%
-7 AOHPSHUKL Thaïlande
0%
-8 BPIQTIVLM Thaïlande
0%
-9 CQJRUJWMN Thaïlande
0%
-10 DRKSVKXNO Thaïlande
0%
-11 ESLTWLYOP Thaïlande
0%
-12 FTMUXMZPQ Thaïlande
0%
13 GUNVYNAQR Thaïlande
0%
+12 HVOWZOBRS Thaïlande
0%
+11 IWPXAPCST Thaïlande
0%
+10 JXQYBQDTU Thaïlande
0%
+9 KYRZCREUV Thaïlande
0%
+8 LZSADSFVW Thaïlande
0%
+7 MATBETGWX Thaïlande
0%
+6 NBUCFUHXY Thaïlande
0%
+5 OCVDGVIYZ Thaïlande
0%
+4 PDWEHWJZA Thaïlande
0%
+3 QEXFIXKAB Thaïlande
0%
+2 RFYGJYLBC Thaïlande
0%
+1 SGZHKZMCD Thaïlande
0%
-1 UJNPSPSJFOUBM Timor Oriental
0%
-2 VKOQTQTKGPVCN Timor Oriental
0%
-3 WLPRURULHQWDO Timor Oriental
0%
-4 XMQSVSVMIRXEP Timor Oriental
0%
-5 YNRTWTWNJSYFQ Timor Oriental
0%
-6 ZOSUXUXOKTZGR Timor Oriental
0%
-7 APTVYVYPLUAHS Timor Oriental
0%
-8 BQUWZWZQMVBIT Timor Oriental
0%
-9 CRVXAXARNWCJU Timor Oriental
0%
-10 DSWYBYBSOXDKV Timor Oriental
0%
-11 ETXZCZCTPYELW Timor Oriental
0%
-12 FUYADADUQZFMX Timor Oriental
0%
13 GVZBEBEVRAGNY Timor Oriental
0%
+12 HWACFCFWSBHOZ Timor Oriental
0%
+11 IXBDGDGXTCIPA Timor Oriental
0%
+10 JYCEHEHYUDJQB Timor Oriental
0%
+9 KZDFIFIZVEKRC Timor Oriental
0%
+8 LAEGJGJAWFLSD Timor Oriental
0%
+7 MBFHKHKBXGMTE Timor Oriental
0%
+6 NCGILILCYHNUF Timor Oriental
0%
+5 ODHJMJMDZIOVG Timor Oriental
0%
+4 PEIKNKNEAJPWH Timor Oriental
0%
+3 QFJLOLOFBKQXI Timor Oriental
0%
+2 RGKMPMPGCLRYJ Timor Oriental
0%
+1 SHLNQNQHDMSZK Timor Oriental
0%
-1 UPHP Togo
0%
-2 VQIQ Togo
0%
-3 WRJR Togo
0%
-4 XSKS Togo
0%
-5 YTLT Togo
0%
-6 ZUMU Togo
0%
-7 AVNV Togo
0%
-8 BWOW Togo
0%
-9 CXPX Togo
0%
-10 DYQY Togo
0%
-11 EZRZ Togo
0%
-12 FASA Togo
0%
13 GBTB Togo
0%
+12 HCUC Togo
0%
+11 IDVD Togo
0%
+10 JEWE Togo
0%
+9 KFXF Togo
0%
+8 LGYG Togo
0%
+7 MHZH Togo
0%
+6 NIAI Togo
0%
+5 OJBJ Togo
0%
+4 PKCK Togo
0%
+3 QLDL Togo
0%
+2 RMEM Togo
0%
+1 SNFN Togo
0%
-2 VQPIC Tonga
0%
-3 WRQJD Tonga
0%
-4 XSRKE Tonga
0%
-5 YTSLF Tonga
0%
-6 ZUTMG Tonga
0%
-7 AVUNH Tonga
0%
-8 BWVOI Tonga
0%
-9 CXWPJ Tonga
0%
-10 DYXQK Tonga
0%
-11 EZYRL Tonga
0%
-12 FAZSM Tonga
0%
13 GBATN Tonga
0%
+12 HCBUO Tonga
0%
+11 IDCVP Tonga
0%
+10 JEDWQ Tonga
0%
+9 KFEXR Tonga
0%
+8 LGFYS Tonga
0%
+7 MHGZT Tonga
0%
+6 NIHAU Tonga
0%
+5 OJIBV Tonga
0%
+3 QLKDX Tonga
0%
+2 RMLEY Tonga
0%
+1 SNMFZ Tonga
0%
-1 USJOJUFFUUPCBHP Trinité-et-Tobago
0%
-2 VTKPKVGGVVQDCIQ Trinité-et-Tobago
0%
-3 WULQLWHHWWREDJR Trinité-et-Tobago
0%
-5 YWNSNYJJYYTGFLT Trinité-et-Tobago
0%
-6 ZXOTOZKKZZUHGMU Trinité-et-Tobago
0%
-7 AYPUPALLAAVIHNV Trinité-et-Tobago
0%
-8 BZQVQBMMBBWJIOW Trinité-et-Tobago
0%
-9 CARWRCNNCCXKJPX Trinité-et-Tobago
0%
-10 DBSXSDOODDYLKQY Trinité-et-Tobago
0%
-11 ECTYTEPPEEZMLRZ Trinité-et-Tobago
0%
-12 FDUZUFQQFFANMSA Trinité-et-Tobago
0%
13 GEVAVGRRGGBONTB Trinité-et-Tobago
0%
+12 HFWBWHSSHHCPOUC Trinité-et-Tobago
0%
+11 IGXCXITTIIDQPVD Trinité-et-Tobago
0%
+10 JHYDYJUUJJERQWE Trinité-et-Tobago
0%
+9 KIZEZKVVKKFSRXF Trinité-et-Tobago
0%
+8 LJAFALWWLLGTSYG Trinité-et-Tobago
0%
+7 MKBGBMXXMMHUTZH Trinité-et-Tobago
0%
+6 NLCHCNYYNNIVUAI Trinité-et-Tobago
0%
+5 OMDIDOZZOOJWVBJ Trinité-et-Tobago
0%
+4 PNEJEPAAPPKXWCK Trinité-et-Tobago
0%
+3 QOFKFQBBQQLYXDL Trinité-et-Tobago
0%
+2 RPGLGRCCRRMZYEM Trinité-et-Tobago
0%
+1 SQHMHSDDSSNAZFN Trinité-et-Tobago
0%
-1 UVOJTJF Tunisie
0%
-2 VWPKUKG Tunisie
0%
-3 WXQLVLH Tunisie
0%
-4 XYRMWMI Tunisie
0%
-5 YZSNXNJ Tunisie
0%
-6 ZATOYOK Tunisie
0%
-7 ABUPZPL Tunisie
0%
-8 BCVQAQM Tunisie
0%
-9 CDWRBRN Tunisie
0%
-10 DEXSCSO Tunisie
0%
-11 EFYTDTP Tunisie
0%
-12 FGZUEUQ Tunisie
0%
13 GHAVFVR Tunisie
0%
+12 HIBWGWS Tunisie
0%
+11 IJCXHXT Tunisie
0%
+10 JKDYIYU Tunisie
0%
+9 KLEZJZV Tunisie
0%
+8 LMFAKAW Tunisie
0%
+7 MNGBLBX Tunisie
0%
+6 NOHCMCY Tunisie
0%
+5 OPIDNDZ Tunisie
0%
+4 PQJEOEA Tunisie
0%
+3 QRKFPFB Tunisie
0%
+2 RSLGQGC Tunisie
0%
+1 STMHRHD Tunisie
0%
-1 UVSLNFOJTUBO Turkménistan
0%
-2 VWTMOGPKUVCP Turkménistan
0%
-3 WXUNPHQLVWDQ Turkménistan
0%
-4 XYVOQIRMWXER Turkménistan
0%
-5 YZWPRJSNXYFS Turkménistan
0%
-6 ZAXQSKTOYZGT Turkménistan
0%
-7 ABYRTLUPZAHU Turkménistan
0%
-8 BCZSUMVQABIV Turkménistan
0%
-9 CDATVNWRBCJW Turkménistan
0%
-10 DEBUWOXSCDKX Turkménistan
0%
-11 EFCVXPYTDELY Turkménistan
0%
-12 FGDWYQZUEFMZ Turkménistan
0%
13 GHEXZRAVFGNA Turkménistan
0%
+12 HIFYASBWGHOB Turkménistan
0%
+11 IJGZBTCXHIPC Turkménistan
0%
+10 JKHACUDYIJQD Turkménistan
0%
+9 KLIBDVEZJKRE Turkménistan
0%
+8 LMJCEWFAKLSF Turkménistan
0%
+7 MNKDFXGBLMTG Turkménistan
0%
+6 NOLEGYHCMNUH Turkménistan
0%
+5 OPMFHZIDNOVI Turkménistan
0%
+4 PQNGIAJEOPWJ Turkménistan
0%
+3 QROHJBKFPQXK Turkménistan
0%
+2 RSPIKCLGQRYL Turkménistan
0%
+1 STQJLDMHRSZM Turkménistan
0%
-1 UVSRVJF Turquie
0%
-2 VWTSWKG Turquie
0%
-3 WXUTXLH Turquie
0%
-4 XYVUYMI Turquie
0%
-5 YZWVZNJ Turquie
0%
-6 ZAXWAOK Turquie
0%
-7 ABYXBPL Turquie
0%
-8 BCZYCQM Turquie
0%
-9 CDAZDRN Turquie
0%
-10 DEBAESO Turquie
0%
-11 EFCBFTP Turquie
0%
-12 FGDCGUQ Turquie
0%
13 GHEDHVR Turquie
0%
+12 HIFEIWS Turquie
0%
+11 IJGFJXT Turquie
0%
+10 JKHGKYU Turquie
0%
+9 KLIHLZV Turquie
0%
+8 LMJIMAW Turquie
0%
+7 MNKJNBX Turquie
0%
+6 NOLKOCY Turquie
0%
+5 OPMLPDZ Turquie
0%
+4 PQNMQEA Turquie
0%
+3 QRONRFB Turquie
0%
+2 RSPOSGC Turquie
0%
+1 STQPTHD Turquie
0%
-1 UVWBMV Tuvalu
0%
-2 VWXCNW Tuvalu
0%
-3 WXYDOX Tuvalu
0%
-4 XYZEPY Tuvalu
0%
-5 YZAFQZ Tuvalu
0%
-6 ZABGRA Tuvalu
0%
-7 ABCHSB Tuvalu
0%
-8 BCDITC Tuvalu
0%
-9 CDEJUD Tuvalu
0%
-10 DEFKVE Tuvalu
0%
-11 EFGLWF Tuvalu
0%
-12 FGHMXG Tuvalu
0%
13 GHINYH Tuvalu
0%
+12 HIJOZI Tuvalu
0%
+11 IJKPAJ Tuvalu
0%
+10 JKLQBK Tuvalu
0%
+9 KLMRCL Tuvalu
0%
+8 LMNSDM Tuvalu
0%
+7 MNOTEN Tuvalu
0%
+6 NOPUFO Tuvalu
0%
+5 OPQVGP Tuvalu
0%
+4 PQRWHQ Tuvalu
0%
+3 QRSXIR Tuvalu
0%
+2 RSTYJS Tuvalu
0%
+1 STUZKT Tuvalu
0%
-1 VLSBJOF Ukraine
0%
-2 WMTCKPG Ukraine
0%
-3 XNUDLQH Ukraine
0%
-4 YOVEMRI Ukraine
0%
-5 ZPWFNSJ Ukraine
0%
-6 AQXGOTK Ukraine
0%
-7 BRYHPUL Ukraine
0%
-8 CSZIQVM Ukraine
0%
-9 DTAJRWN Ukraine
0%
-10 EUBKSXO Ukraine
0%
-11 FVCLTYP Ukraine
0%
-12 GWDMUZQ Ukraine
0%
13 HXENVAR Ukraine
0%
+12 IYFOWBS Ukraine
0%
+11 JZGPXCT Ukraine
0%
+10 KAHQYDU Ukraine
0%
+9 LBIRZEV Ukraine
0%
+8 MCJSAFW Ukraine
0%
+7 NDKTBGX Ukraine
0%
+6 OELUCHY Ukraine
0%
+5 PFMVDIZ Ukraine
0%
+4 QGNWEJA Ukraine
0%
+3 RHOXFKB Ukraine
0%
+2 SIPYGLC Ukraine
0%
+1 TJQZHMD Ukraine
0%
-1 VSVHVBZ Uruguay
0%
-2 WTWIWCA Uruguay
0%
-3 XUXJXDB Uruguay
0%
-4 YVYKYEC Uruguay
0%
-5 ZWZLZFD Uruguay
0%
-6 AXAMAGE Uruguay
0%
-7 BYBNBHF Uruguay
0%
-8 CZCOCIG Uruguay
0%
-9 DADPDJH Uruguay
0%
-10 EBEQEKI Uruguay
0%
-11 FCFRFLJ Uruguay
0%
-12 GDGSGMK Uruguay
0%
13 HEHTHNL Uruguay
0%
+12 IFIUIOM Uruguay
0%
+11 JGJVJPN Uruguay
0%
+10 KHKWKQO Uruguay
0%
+9 LILXLRP Uruguay
0%
+8 MJMYMSQ Uruguay
0%
+7 NKNZNTR Uruguay
0%
+6 OLOAOUS Uruguay
0%
+5 PMPBPVT Uruguay
0%
+4 QNQCQWU Uruguay
0%
+3 RORDRXV Uruguay
0%
+2 SPSESYW Uruguay
0%
+1 TQTFTZX Uruguay
0%
-1 WBOVBUV Vanuatu
0%
-2 XCPWCVW Vanuatu
0%
-3 YDQXDWX Vanuatu
0%
-4 ZERYEXY Vanuatu
0%
-5 AFSZFYZ Vanuatu
0%
-6 BGTAGZA Vanuatu
0%
-7 CHUBHAB Vanuatu
0%
-8 DIVCIBC Vanuatu
0%
-9 EJWDJCD Vanuatu
0%
-10 FKXEKDE Vanuatu
0%
-11 GLYFLEF Vanuatu
0%
-12 HMZGMFG Vanuatu
0%
13 INAHNGH Vanuatu
0%
+12 JOBIOHI Vanuatu
0%
+11 KPCJPIJ Vanuatu
0%
+10 LQDKQJK Vanuatu
0%
+9 MRELRKL Vanuatu
0%
+8 NSFMSLM Vanuatu
0%
+7 OTGNTMN Vanuatu
0%
+6 PUHOUNO Vanuatu
0%
+5 QVIPVOP Vanuatu
0%
+4 RWJQWPQ Vanuatu
0%
+3 SXKRXQR Vanuatu
0%
+2 TYLSYRS Vanuatu
0%
+1 UZMTZST Vanuatu
0%
-1 WBUJDBO Vatican
0%
-2 XCVKECP Vatican
0%
-3 YDWLFDQ Vatican
0%
-4 ZEXMGER Vatican
0%
-5 AFYNHFS Vatican
0%
-6 BGZOIGT Vatican
0%
-7 CHAPJHU Vatican
0%
-8 DIBQKIV Vatican
0%
-9 EJCRLJW Vatican
0%
-10 FKDSMKX Vatican
0%
-11 GLETNLY Vatican
0%
-12 HMFUOMZ Vatican
0%
13 INGVPNA Vatican
0%
+12 JOHWQOB Vatican
0%
+11 KPIXRPC Vatican
0%
+10 LQJYSQD Vatican
0%
+9 MRKZTRE Vatican
0%
+8 NSLAUSF Vatican
0%
+7 OTMBVTG Vatican
0%
+6 PUNCWUH Vatican
0%
+5 QVODXVI Vatican
0%
+4 RWPEYWJ Vatican
0%
+3 SXQFZXK Vatican
0%
+2 TYRGAYL Vatican
0%
+1 UZSHBZM Vatican
0%
-1 WFOFAVFMB Venezuela
0%
-2 XGPGBWGNC Venezuela
0%
-3 YHQHCXHOD Venezuela
0%
-5 AJSJEZJQF Venezuela
0%
-6 BKTKFAKRG Venezuela
0%
-7 CLULGBLSH Venezuela
0%
-8 DMVMHCMTI Venezuela
0%
-9 ENWNIDNUJ Venezuela
0%
-10 FOXOJEOVK Venezuela
0%
-11 GPYPKFPWL Venezuela
0%
-12 HQZQLGQXM Venezuela
0%
13 IRARMHRYN Venezuela
0%
+12 JSBSNISZO Venezuela
0%
+11 KTCTOJTAP Venezuela
0%
+10 LUDUPKUBQ Venezuela
0%
+8 NWFWRMWDS Venezuela
0%
+7 OXGXSNXET Venezuela
0%
+6 PYHYTOYFU Venezuela
0%
+5 QZIZUPZGV Venezuela
0%
+4 RAJAVQAHW Venezuela
0%
+3 SBKBWRBIX Venezuela
0%
+2 TCLCXSCJY Venezuela
0%
+1 UDMDYTDKZ Venezuela
0%
-1 WJFUOBN Viêt Nam
0%
-2 XKGVPCO Viêt Nam
0%
-3 YLHWQDP Viêt Nam
0%
-4 ZMIXREQ Viêt Nam
0%
-5 ANJYSFR Viêt Nam
0%
-6 BOKZTGS Viêt Nam
0%
-7 CPLAUHT Viêt Nam
0%
-8 DQMBVIU Viêt Nam
0%
-9 ERNCWJV Viêt Nam
0%
-10 FSODXKW Viêt Nam
0%
-11 GTPEYLX Viêt Nam
0%
-12 HUQFZMY Viêt Nam
0%
13 IVRGANZ Viêt Nam
0%
+12 JWSHBOA Viêt Nam
0%
+11 KXTICPB Viêt Nam
0%
+10 LYUJDQC Viêt Nam
0%
+9 MZVKERD Viêt Nam
0%
+8 NAWLFSE Viêt Nam
0%
+7 OBXMGTF Viêt Nam
0%
+6 PCYNHUG Viêt Nam
0%
+4 REAPJWI Viêt Nam
0%
+3 SFBQKXJ Viêt Nam
0%
+2 TGCRLYK Viêt Nam
0%
+1 UHDSMZL Viêt Nam
0%
-1 ZFNFO Yémen
0%
-2 AGOGP Yémen
0%
-3 BHPHQ Yémen
0%
-4 CIQIR Yémen
0%
-5 DJRJS Yémen
0%
-6 EKSKT Yémen
0%
-7 FLTLU Yémen
0%
-8 GMUMV Yémen
0%
-9 HNVNW Yémen
0%
-10 IOWOX Yémen
0%
-11 JPXPY Yémen
0%
-12 KQYQZ Yémen
0%
13 LRZRA Yémen
0%
+12 MSASB Yémen
0%
+11 NTBTC Yémen
0%
+10 OUCUD Yémen
0%
+9 PVDVE Yémen
0%
+8 QWEWF Yémen
0%
+7 RXFXG Yémen
0%
+6 SYGYH Yémen
0%
+5 TZHZI Yémen
0%
+4 UAIAJ Yémen
0%
+3 VBJBK Yémen
0%
+2 WCKCL Yémen
0%
+1 XDLDM Yémen
0%
-1 ABNCJF Zambie
0%
-2 BCODKG Zambie
0%
-3 CDPELH Zambie
0%
-4 DEQFMI Zambie
0%
-5 EFRGNJ Zambie
0%
-6 FGSHOK Zambie
0%
-7 GHTIPL Zambie
0%
-8 HIUJQM Zambie
0%
-9 IJVKRN Zambie
0%
-10 JKWLSO Zambie
0%
-11 KLXMTP Zambie
0%
-12 LMYNUQ Zambie
0%
13 MNZOVR Zambie
0%
+12 NOAPWS Zambie
0%
+9 QRDSZV Zambie
0%
+8 RSETAW Zambie
0%
+7 STFUBX Zambie
0%
+6 TUGVCY Zambie
0%
+5 UVHWDZ Zambie
0%
+4 VWIXEA Zambie
0%
+3 WXJYFB Zambie
0%
+2 XYKZGC Zambie
0%
+1 YZLAHD Zambie
0%
-2 AJNCBCXF Zimbabwe
0%
-2 BKODCDYG Zimbabwe
0%
-3 CLPEDEZH Zimbabwe
0%
-4 DMQFEFAI Zimbabwe
0%
-5 ENRGFGBJ Zimbabwe
0%
-6 FOSHGHCK Zimbabwe
0%
-7 GPTIHIDL Zimbabwe
0%
-8 HQUJIJEM Zimbabwe
0%
-9 IRVKJKFN Zimbabwe
0%
-10 JSWLKLGO Zimbabwe
0%
-11 KTXMLMHP Zimbabwe
0%
-12 LUYNMNIQ Zimbabwe
0%
13 MVZONOJR Zimbabwe
0%
+12 NWAPOPKS Zimbabwe
0%
+11 OXBQPQLT Zimbabwe
0%
+10 PYCRQRMU Zimbabwe
0%
+9 QZDSRSNV Zimbabwe
0%
+8 RAETSTOW Zimbabwe
0%
+7 SBFUTUPX Zimbabwe
0%
+6 TCGVUVQY Zimbabwe
0%
+5 UDHWVWRZ Zimbabwe
0%
+4 VEIXWXSA Zimbabwe
0%
+3 WFJYXYTB Zimbabwe
0%
+2 XGKZYZUC Zimbabwe
0%
+1 YHLAZAVD Zimbabwe
0%
Aucun quiz correspondant
Distribution des résultats
% des personnes avec chaque résultat
Percentile par nombre de réponses
Votre historique - résultats
Vous n’avez pas pris ce quiz